{"text_format":"2","workbook":"xlsx","n_sheets":2,"sheets":["Orçamento Sintético (2)","Orçamento Sintético"],"not_rendered":{"charts":0,"images":2,"macros":0,"external_links":0,"defined_names":3,"comments":1,"pivot_tables":0},"unopened":[],"bounds":{"document_bytes":16777216,"sheet_cells":100000,"run_cost":"one","rows_first":2000,"rows_last":500,"rows_between":2000,"halvings":0,"cell_chars":16384,"cell_head_chars":4096},"cells_cut":0,"cells_raw":0,"read":"whole","date_system":"1900"}

{"sheet":"Orçamento Sintético (2)","index":0,"n_rows":338,"n_cols":10,"rows_kept":338,"cut":false,"hidden":false,"merged":[[337,1,337,3],[337,6,337,8],[2,8,2,9],[3,8,3,9]]}
[{"$nulls":8},"BDI SERVIÇOS","27,75¨%"]
[{"$nulls":8},"BDI MATERIAIS",0.1565]
[{"$nulls":8},"BANCOS"]
[{"$nulls":8},"SINAPI - 07/2023 - BA\nSBC - 09/2023 - BA\nSICRO3 - 04/2023 - BA\nORSE - 06/2023 - SE\nSEINFRA - 028 - CE\nEMBASA - 05/2023 - BA\nEMOP - 07/2023 - RJ\n"]
[null,"ITEM","CÓDIGO","BANCO","DESCRIÇÃO","UNID","QUANTIDADE","VALOR UNITÁRIO","VALOR UNITÁRIO","TOTAL"]
[null," 1.0.1 ","","","CAIXA DE CAPTAÇÃO DE ÁGUA BRUTA","",null,null,null,{"$f":"SUM(J7:J11)","v":42801.460000000006}]
[null," 1.0.1.1 "," M011713013 ","EMBASA","EPFAV10 FOFO DN 200 46,000 KG","PC",1,1168.9000000000001,1351.83,{"$f":"ROUND(G7*I7,2)","v":1351.83}]
[null," 1.0.1.2 "," M010801021 ","EMBASA","TCL FOFO DN  300 57,100 KG","M",0.35,1224.69,1416.35,{"$f":"ROUND(G8*I8,2)","v":495.72}]
[null," 1.0.1.4 "," M012901005 ","EMBASA","CQUAW  FOFO L X H DN  300 150,000 KG","PC",1,31955.55,36956.589999999997,36956.589999999997]
[null," 1.0.1.4.1 "," M013304005 ","EMBASA","HQC D = 1 3/4' 12 KG/M","M",1,1592.94,1842.23,1842.23]
[null," 1.0.1.4.2 "," M013310013 ","EMBASA","PMSI FOFO SIMILAR AO MOD. 12 DA BARBARA 73,000 KG","PC",1,1863.46,2155.09,2155.09]
[null," 1.0.1.4.3 ","","","UNIDADE DO SISTEMA: ADUTORA DE ÁGUA BRUTA","",null,null,null,{"$f":"J13+J22+J30","v":393222.5}]
[null," 1.0.1.4.4 ","","","ADUTORA DE ÁGUA BRUTA","",null,null,null,{"$f":"SUM(J14:J21)","v":65370.299999999996}]
[null," 1.0.1.4.4.1 "," M010901013 ","EMBASA","C90 JGS FOFO DN 200 35,200 KG","PC",1,831.54,961.67,961.67]
[null," 1.0.1.4.4.2 "," M010902013 ","EMBASA","C45 JGS FOFO DN 200 27,300 KG","PC",5,588.78,680.92,3404.6]
[null," 1.0.1.4.4.3 "," M010903013 ","EMBASA","C22 JGS FOFO DN 200 29,200 KG","PC",2,552.24,638.66,1277.32]
[null," 1.0.1.4.5 "," SIAA-56 ","PRÓPRIO","TUBO 200MM DEFOFO PN 60","M",480,72.03,83.3,39984]
[null," 1.0.1.4.6 "," M013000098 ","EMBASA","VALVULA FOFO - CONTROLADORA DE NIVEL MAXIMO DN 150 (6\")","PC",1,9282.9699999999993,10735.75,10735.75]
[null," 1.0.1.4.7 "," 5166 ","ORSE","ANEL DE BORRACHA P/ TUBO DE PVC DEFOFO, D=  200MM UN","UN",82,37,42.79,3508.78]
[null," 1.0.1.4.8 "," M011709025 ","EMBASA","RFF10 FOFO DN 200 X 150 22,000 KG","PC",2,586.41999999999996,678.19,1356.38]
[null," 1.0.1.4.9 "," 00007745 ","SINAPI","TUBO DE CONCRETO ARMADO PARA AGUAS PLUVIAIS, CLASSE PA-1, COM ENCAIXE PONTA E BOLSA, DIAMETRO NOMINAL DE 400 MM","M",30,119.38,138.06,4141.8]
[null," 1.0.1.4.10 ","","","DESCARGAS","",null,null,null,{"$f":"SUM(J23:J29)","v":167233}]
[null," 1.0.1.4.11 "," M011301025 ","EMBASA","T JGSF10 FOFO DN 200 X 100 39,100 KG","PC",20,1118.01,1292.97,25859.4]
[null," 1.0.1.4.12 "," M012201041 ","EMBASA","RCFC10 FOFO DN 100 37,000 KG","PC",20,5598.27,6474.39,129487.8]
[null," 1.0.1.4.13 "," 00000047 ","SINAPI","ADAPTADOR, PVC PBA, BOLSA/ROSCA, JE, DN 100 / DE 110 MM","UN",20,63.21,73.099999999999994,1462]
[null," 1.0.1.4.14 "," M011304005 ","EMBASA","EFJGS10 FOFO DN 100 10,000 KG","PC",20,253.14,292.75,5855]
[null," 1.0.1.4.15 "," 00011289 ","SINAPI","TAMPAO FOFO ARTICULADO P/ REGISTRO, CLASSE A15 CARGA MAX 1,5 T, *200 X 200* MM","UN",20,99.23,114.75,2295]
[null," 1.0.1.8 "," M011717009 ","EMBASA","ABF10 P/ DN  100 0,040 KG","PC",20,3.54,4.09,81.8]
[null," 1.0.1.8.1 "," M011716009 ","EMBASA","PPF10 P/ DN 100 (16 X 80 MM) 0,175 KG","PC",320,5.93,6.85,2192]
[null," 1.0.1.8.2 ","","","VENTOSAS","",null,null,null,{"$f":"SUM(J31:J36)","v":160619.20000000001}]
[null," 1.0.1.8.5 "," M011006013 ","EMBASA","LCR JM FOFO DN 200 40,000 KG","PC",20,819.38,947.61,18952.2]
[null," 1.0.1.8.6 "," M011301017 ","EMBASA","T JGSF10 FOFO DN 200 X 50 30,100 KG","PC",20,1162.3,1344.19,26883.8]
[null," 2.1 "," M012201033 ","EMBASA","RCFC10 FOFO DN 50 13,000 KG","PC",20,3582.91,4143.63,82872.600000000006]
[null," 2.1.1 "," M012504001 ","EMBASA","VTF16 AGUA C/ FLANGES FOFO DN 50 21,000 KG","PC",20,1330.64,1538.88,30777.599999999999]
[null," 2.1.1.1 "," M011717001 ","EMBASA","ABF10 P/ DN 50 0,020 KG","PC",20,1.6,1.85,37]
[null," 2.1.1.2 "," M011716001 ","EMBASA","PPF10 P/ DN 50 (16 X 80 MM) 0,175 KG","PC",160,5.93,6.85,1096]
[null," 2.1.1.3 ","","","UNIDADE DO SISTEMA: ESTAÇÃO DE TRATAMENTO DE ÁGUA","",null,null,null,{"$f":"J38","v":40505.860000000008}]
[null," 2.1.1.4 ","","","RESERVATÓRIO ELEVADO - RED 40M³","",null,null,null,{"$f":"SUM(J39:J57)","v":40505.860000000008}]
[null," 2.1.1.5 "," 00007693 ","SINAPI","TUBO ACO GALVANIZADO COM COSTURA, CLASSE MEDIA, DN 4\", E = 4,50* MM, PESO 12,10* KG/M (NBR 5580)","M",2,227.68,263.31,526.62]
[null," 2.1.1.6 "," D309701308 ","EMBASA","CAIXA D'AGUA 20.000L EM POLIETILENO","UN",2,7003.3,8099.31,16198.62]
[null," 2.1.1.7 "," 00003271 ","SINAPI","FLANGE SEXTAVADO DE FERRO GALVANIZADO, COM ROSCA BSP, DE 4\"","UN",2,230.59,266.67,533.34]
[null," 2.1.1.8 "," 00021015 ","SINAPI","TUBO ACO GALVANIZADO COM COSTURA, CLASSE LEVE, DN 80 MM ( 3\"),  E = 3,35 MM, *7,32* KG/M (NBR 5580)","M",47,143.86000000000001,166.37,7819.39]
[null," 2.1.1.9 "," 00001792 ","SINAPI","CURVA 90 GRAUS DE FERRO GALVANIZADO, COM ROSCA BSP FEMEA, DE 3\"","UN",11,362.02,418.67,4605.37]
[null," 2.1.1.10 "," 00000043 ","SINAPI","ADAPTADOR, PVC PBA, PONTA/ROSCA, JE, DN 75 / DE  85 MM","UN",2,42.28,48.89,97.78]
[null," 3.1 "," M020501013 ","EMBASA","AD PVC PBA BR JE DN 75","PC",1,33.700000000000003,38.97,38.97]
[null," 3.1.1 "," 00006012 ","SINAPI","REGISTRO GAVETA BRUTO EM LATAO FORJADO, BITOLA 3 \" (REF 1509)","UN",9,328.99,380.47,3424.23]
[null," 3.1.1.1 "," 00003268 ","SINAPI","FLANGE SEXTAVADO DE FERRO GALVANIZADO, COM ROSCA BSP, DE 3\"","UN",6,155.97,180.37,1082.22]
[null," 3.1.1.2 "," 00004182 ","SINAPI","NIPLE DE FERRO GALVANIZADO, COM ROSCA BSP, DE 3\"","UN",1,102.34,118.35,118.35]
[null," 3.1.1.3 "," 00000863 ","SINAPI","CABO DE COBRE NU 35 MM2 MEIO-DURO","M",17,32.92,38.07,647.19000000000005]
[null," 3.1.1.4 "," 003030 ","SBC","ELETRODUTO ZINCADO ELETROLITICAMENTE (LEVE) NBR 13057 15MM 1/2\"","M",16,5.66,6.54,104.64]
[null," 3.1.1.5 "," 00041412 ","SINAPI","CAPTOR FRANKLIN (4 PONTAS), EM LATAO CROMADO, H = 350 MM, DUAS DESCIDAS","UN",1,118.17,136.66,136.66]
[null," 3.1.1.6 "," M109500011 ","EMBASA","FIXADOR UNIVERSAL DE SPDA P/ CABO 35MM2","UN",8,17.079999999999998,19.75,158]
[null," 3.1.1.7 ","","","LEITOS DE SECAGEM","",null,null,null,0]
[null," 3.1.1.8 "," 00038052 ","SINAPI","TUBO DRENO, CORRUGADO, ESPIRALADO, FLEXIVEL, PERFURADO, EM POLIETILENO DE ALTA DENSIDADE (PEAD), DN 100 MM, (4\") PARA DRENAGEM - EM ROLO (NORMA DNIT 093/2006 - E.M)","M",14,11.85,13.7,191.8]
[null," 3.1.1.9 "," 00009840 ","SINAPI","TUBO PVC, SERIE R, DN 150 MM, PARA ESGOTO OU AGUAS PLUVIAIS PREDIAL (NBR 5688)","M",4.2,55.85,64.59,271.27999999999997]
[null," 3.1.1.10 "," 00038033 ","SINAPI","TUBO PVC CORRUGADO, PAREDE DUPLA, JE, DN 200 MM/ DE 200 MM, REDE COLETORA ESGOTO","M",3.5,94.3,109.05,381.68]
[null," 3.1.1.12 "," SIAA-04 ","PRÓPRIO","STOP LOG EM FIBRA DE VIDRO DIMENSÕES: 0,70 X 0,60 X 0,05","UND",2,1802.74,2084.86,4169.72]
[null," 3.1.1.13 ","","","UNIDADE DO SISTEMA: ESTAÇÃO ELEVATÓRIA DE ÁGUA TRATADA","",null,null,null,{"$f":"J59+J112","v":444724.80999999994}]
[null," 3.1.1.14 ","","","ESTAÇÃO ELEVATÓRIA DE ÁGUA TRATADA","",null,null,null,{"$f":"SUM(J60:J111)","v":351268.33999999997}]
[null," 3.1.1.15 "," M012800009 ","EMBASA","VPCPD10 FOFO DN 150 30,000 KG","PC",1,1515.08,1752.19,1752.19]
[null," 3.1.1.16 "," M011713009 ","EMBASA","EPFAV10 FOFO DN 150 32,000 KG","PC",1,892.84,1032.56,1032.56]
[null," 3.1.1.17 "," M011707021 ","EMBASA","TFF10 FOFO DN 150 X 50 26,000 KG","PC",2,783.85,906.52,1813.04]
[null," 3.1.1.18 "," M012501001 ","EMBASA","VSCF25 FOFO DN 50 5,800 KG","PC",2,461.4,533.6,1067.2]
[null," 3.1.1.19 "," M011707033 ","EMBASA","TFF10 FOFO DN 150 X 150 32,000 KG","PC",2,725.65,839.21,1678.42]
[null," 3.1.1.20 "," M011701013 ","EMBASA","TOF10 FOFO L = 0,25M DN  150 24,000 KG","PC",5,512.16,592.30999999999995,2961.55]
[null," 3.1.2 "," M011703013 ","EMBASA","C90FF10 FOFO DN 150 18,000 KG","PC",6,561.41999999999996,649.28,3895.68]
[null," 3.1.2.1 "," M011709013 ","EMBASA","RFF10 FOFO DN 150 X 80 15,850 KG","PC",2,516.28,597.07000000000005,1194.1400000000001]
[null," 3.1.3 "," M012101005 ","EMBASA","JDTA10 DN 150 35,000 KG","PC",2,2710.23,3134.38,6268.76]
[null," 3.1.3.1 "," M012603013 ","EMBASA","VRPD25 FOFO DN 150 19,000 KG","PC",2,5157.18,5964.27,11928.54]
[null," 4.1 "," M011704013 ","EMBASA","C45FF10 FOFO DN 150 17,000 KG","PC",2,504.99,584.02,1168.04]
[null," 4.1.1 "," M011701081 ","EMBASA","TOF10 FOFO L = 0,50M DN 150 32,000 KG","PC",1,661.97,765.56,765.56]
[null," 4.1.1.1 "," M010501141 ","EMBASA","TFL10 FOFO DN  150 X 5,80 166,800 KG","PC",1,4197.41,4854.3,{"$f":"ROUND(G72*I72,2)","v":4854.3}]
[null," 4.1.1.2 "," M010501109 ","EMBASA","TFL10 FOFO DN  150 X 2,00 68,000 KG","PC",1,2291.35,2649.94,2649.94]
[null," 4.1.1.3 "," M010501101 ","EMBASA","TFL10 FOFO DN  150 X 1,00 42,000 KG","PC",1,1688.25,1952.46,1952.46]
[null," 4.1.1.4 "," M012201045 ","EMBASA","RCFC10 FOFO DN 150 60,000 KG","PC",3,6609.05,7643.36,22930.080000000002]
[null," 4.1.1.5 "," M010501105 ","EMBASA","TFL10 FOFO DN  150 X 1,50 55,000 KG","PC",1,1878.26,2172.1999999999998,2172.1999999999998]
[null," 4.1.1.6 "," M010501105 ","EMBASA","TFL10 FOFO DN  150 X 1,50 55,000 KG","PC",1,1878.26,2172.1999999999998,2172.1999999999998]
[null," 4.1.1.7 "," M010701105 ","EMBASA","TFP10 FOFO DN  150 X 1,50 47,000 KG","PC",1,1586.24,1834.48,1834.48]
[null," 4.1.1.8 "," M010909009 ","EMBASA","L JGS FOFO DN 150 18,700 KG","PC",1,397.41,459.6,459.6]
[null," 4.1.1.9 "," M011717001 ","EMBASA","ABF10 P/ DN 50 0,020 KG","PC",2,1.6,1.85,3.7]
[null," 4.1.1.10 "," M011717001 ","EMBASA","ABF10 P/ DN 50 0,020 KG","PC",24,1.6,1.85,44.4]
[null," 4.1.2 "," M011717005 ","EMBASA","ABF10 P/ DN 80 0,030 KG","PC",25,2.71,3.13,78.25]
[null," 4.1.2.1 "," M011717013 ","EMBASA","ABF10 P/ DN  150 0,060 KG","PC",35,4.87,5.63,197.05]
[null," 4.1.2.2 "," M011717013 ","EMBASA","ABF10 P/ DN  150 0,060 KG","PC",2,4.87,5.63,11.26]
[null," 4.1.2.3 "," M011716001 ","EMBASA","PPF10 P/ DN 50 (16 X 80 MM) 0,175 KG","PC",296,5.93,6.85,2027.6]
[null," 4.1.2.4 "," M011716013 ","EMBASA","PPF10 P/ DN 150 (20 X 90 MM) 0,338 KG","PC",280,10.81,12.5,3500]
[null," 4.1.3 "," M012800001 ","EMBASA","VPCPD10 FOFO DN 75 12,000 KG","PC",1,1045.17,1208.73,1208.73]
[null," 4.1.3.1 "," M011713001 ","EMBASA","EPFAV10 FOFO DN 80 17,000 KG","PC",1,512.29,592.46,592.46]
[null," 4.1.3.2 "," M010501045 ","EMBASA","TFL10 FOFO DN 80 X 5,80 88,620 KG","PC",1,3043.82,3520.17,3520.17]
[null," 4.1.3.5 "," M010501013 ","EMBASA","TFL10 FOFO DN 80 X 2,00 35,800 KG","PC",1,1638.62,1895.06,1895.06]
[null," 4.1.3.5 "," M011707001 ","EMBASA","TFF10 FOFO DN 80 X 50 19,000 KG","PC",2,409.16,473.19,946.38]
[null," 4.1.4 "," M012201033 ","EMBASA","RCFC10 FOFO DN 50 13,000 KG","PC",6,3582.91,4143.63,24861.78]
[null," 4.1.4.1 "," M012501001 ","EMBASA","VSCF25 FOFO DN 50 5,800 KG","PC",2,461.4,533.6,1067.2]
[null," 4.1.4.2 "," M011707005 ","EMBASA","TFF10 FOFO DN 80 X 80 15,300 KG","PC",2,432.67,500.38,1000.76]
[null," 4.1.4.3 "," M011709001 ","EMBASA","RFF10 FOFO DN 80 X 50 8,400 KG","PC",5,283.55,327.92,1639.6]
[null," 4.1.4.4 "," M011701001 ","EMBASA","TOF10 FOFO L = 0,25M DN  50 7,500 KG","PC",6,279.11,322.79000000000002,1936.74]
[null," 4.1.4.5 "," M011703001 ","EMBASA","C90FF10 FOFO DN 50 6,000 KG","PC",4,181.01,209.33,837.32]
[null," 4.1.4.6 "," M011709001 ","EMBASA","RFF10 FOFO DN 80 X 50 8,400 KG","PC",2,283.55,327.92,655.84]
[null," 4.1.4.7 "," M012001001 ","EMBASA","JGI DN 50 4,600 KG","PC",2,315.75,365.16,730.32]
[null," 4.1.4.8 "," M012603001 ","EMBASA","VRPD25 FOFO DN 50 3,500 KG","PC",2,4421.6499999999996,5113.63,10227.26]
[null," 4.1.4.9 "," M011701005 ","EMBASA","TOF10 FOFO L = 0,25M DN  80 11,500 KG","PC",1,341.11,394.49,394.49]
[null," 4.1.4.10 "," M012201037 ","EMBASA","RCFC10 FOFO DN 75 26,000 KG","PC",1,4478.59,5179.4799999999996,5179.4799999999996]
[null," 4.1.4.11 "," M011701073 ","EMBASA","TOF10 FOFO L = 0,50M DN 80 15,000 KG","PC",1,401.78,464.65,464.65]
[null," 4.1.4.12 "," M010501013 ","EMBASA","TFL10 FOFO DN 80 X 2,00 35,800 KG","PC",2,1638.62,1895.06,3790.12]
[null," 4.1.4.13 "," M011703005 ","EMBASA","C90FF10 FOFO DN 80 9,500 KG","PC",4,274.47000000000003,317.42,1269.68]
[null," 4.1.4.14 "," M010501009 ","EMBASA","TFL10 FOFO DN 80 X 1,50 28,850 KG","PC",1,1443.47,1669.37,1669.37]
[null," 4.1.4.15 "," 00000048 ","SINAPI","ADAPTADOR, PVC PBA, BOLSA/ROSCA, JE, DN 50 / DE 60 MM","UN",1,16.489999999999998,19.07,19.07]
[null," 4.1.4.16 "," M011707021 ","EMBASA","TFF10 FOFO DN 150 X 50 26,000 KG","PC",2,783.85,906.52,1813.04]
[null," 4.1.4.17 "," M011707001 ","EMBASA","TFF10 FOFO DN 80 X 50 19,000 KG","PC",2,409.16,473.19,946.38]
[null," 4.1.4.18 "," 3786 ","ORSE","MANÔMETRO  0 A 10 KGF/CM2, D=100MM - CONEXÃO 1/2\" BSP UN","UN",2,181.71,210.14,420.28]
[null," 4.1.4.19 "," I9676 ","SEINFRA","CONJ. MOTO-BOMBA SUBMERSÍVEL - POT=25CV","UN",4,44048.63,50942.239999999998,203768.95999999999]
[null," 5.1.3.7 ","","","BARRILETE","",null,null,null,{"$f":"SUM(J113:J142)","v":93456.469999999987}]
[null," 5.1.3.8 "," 5709 ","ORSE","TÊ EM FOFO C/ BOLSAS, JE, D=  200 X  200MM UN","UN",1,907.02,1048.96,{"$f":"ROUND(G113*I113,2)","v":1048.96}]
[null," 6.1.1 "," M010801013 ","EMBASA","TCL FOFO DN  200 34,800 KG","M",7,824.74,953.81,6676.67]
[null," 6.1.1.1 "," M010901013 ","EMBASA","C90 JGS FOFO DN 200 35,200 KG","PC",1,831.54,961.67,961.67]
[null," 6.1.1.1.1 "," M010702153 ","EMBASA","TFP16 FOFO DN  200 X 1,50 62,200 KG","PC",1,1986.48,2297.36,2297.36]
[null," 6.1.1.1.2 "," M011809021 ","EMBASA","RFF16 FOFO DN 200 X 100 30,500 KG","PC",1,419.09,484.67,484.67]
[null," 6.1.1.1.3 "," M011803017 ","EMBASA","C90FF16 FOFO DN 200 28,000 KG","PC",1,965.17,1116.21,1116.21]
[null," 6.1.1.1.4 "," M011807017 ","EMBASA","TFF16 FOFO DN 100 X 100 18,500 KG","PC",3,542.86,627.80999999999995,1883.43]
[null," 6.1.1.1.5 "," M011801009 ","EMBASA","TOF16 FOFO L = 0,25M DN 100 14,000 KG","PC",4,446.46,516.33000000000004,2065.3200000000002]
[null," 6.1.1.1.7 "," 12173 ","ORSE","TUBO EM FOFO, C/ FLANGES PN 10 / 16, D=  100MM, L=0,38M TUBO EM FOFO, C/ FLANGES PN 10 / 16, D=  100MM UN","M",2,1027.5,1188.3,2376.6]
[null," 6.1.1.1.8 "," M011803009 ","EMBASA","C90FF16 FOFO DN 100 11,000 KG","PC",6,372.05,430.27,2581.62]
[null," 6.1.1.1.9 "," 11353 ","ORSE","REGISTRO CHATO COM FLANGE E VOLANTE DN 100 - FERRO FUNDIDO UN","UN",8,458.79,530.59,4244.72]
[null," 6.1.1.1.10 "," M011810009 ","EMBASA","REFF16 FOFO DN 100 X 80 9,500 KG","PC",4,314.01,363.15,1452.6]
[null," 6.1.1.1.12 "," M011809005 ","EMBASA","RFF16 FOFO DN 100 X 50 15,500 KG","PC",4,304.58,352.24,1408.96]
[null," 6.1.1.1.13 "," J040001269 ","EMBASA","MANOMETRO INDICADOR DM DO MOSTRADOR 100 MM FAIXA 0 - 300 MCA","UN",4,680,786.42,3145.68]
[null," 6.1.1.1.14 "," M012610005 ","EMBASA","VRFRW  FOFO PN 16 DN 100","PC",4,1505.28,1740.85,6963.4]
[null," 6.1.1.1.15 "," M012102001 ","EMBASA","JDTA16 DN 100 22,000 KG","PC",4,2014.16,2329.37,9317.48]
[null," 6.1.1.1.17 "," M011804009 ","EMBASA","C45FF16 FOFO DN 100 10,500 KG","PC",4,392.04,453.39,1813.56]
[null," 6.1.1.1.18 "," M011809017 ","EMBASA","RFF16 FOFO DN 150 X 100 15,500 KG","PC",1,405.76,469.26,469.26]
[null," 6.1.1.1.20 "," M011804013 ","EMBASA","C45FF16 FOFO DN 150 17,000 KG","PC",1,527.49,610.04,610.04]
[null," 6.1.1.1.21 "," M011808017 ","EMBASA","YFF16 FOFO DN 150 X 100 33,000 KG","PC",4,931.41,1077.17,4308.68]
[null," 6.1.1.1.22 "," M012504005 ","EMBASA","VTF16 AGUA C/ FLANGES FOFO DN 150 86,000 KG","PC",1,6188.63,7157.15,7157.15]
[null," 6.1.1.1.24 "," M013018013 ","EMBASA","VALVULA SUSTENT. FOFO C/ FLANGES PN 16 DN 150","PC",1,5524.87,6389.51,6389.51]
[null," 6.1.1.1.25 "," SIAA-47 ","PRÓPRIO","HIDRÔMETRO TANGENCIAL IRRIGAÇÃO DN 150MM","PC",1,4490,5192.68,5192.68]
[null," 6.1.1.1.25 "," M011801013 ","EMBASA","TOF16 FOFO L = 0,25M DN 150 24,000 KG","PC",4,580.39,671.22,2684.88]
[null," 6.1.1.1.26 "," M011803013 ","EMBASA","C90FF16 FOFO DN 150 18,000 KG","PC",1,634.14,733.38,733.38]
[null," 6.1.1.1.29 "," M010702109 ","EMBASA","TFP16 FOFO DN  150 X 2,00 60,000 KG","PC",1,1893.5,2189.83,2189.83]
[null," 6.1.1.2 "," M010901009 ","EMBASA","C90 JGS FOFO DN 150 22,700 KG","PC",1,588.14,680.18,680.18]
[null," 6.1.1.2.1 "," M010907033 ","EMBASA","R PB JGS FOFO DN 300 X 150 29,600 KG","PC",1,770.12,890.64,890.64]
[null," 6.1.1.3 "," M010801021 ","EMBASA","TCL FOFO DN  300 57,100 KG","M",7,1224.69,1416.35,9914.4500000000007]
[null," 6.1.1.3.1 "," 5718 ","ORSE","TÊ EM FOFO C/ BOLSAS, JE, D=  300 X  300MM UN","UN",1,2072.5300000000002,2396.88,2396.88]
[{"$nulls":4},"INTALAÇÕES ELÉTRICAS",{"$nulls":4},{"$f":"J144+J165","v":168769.44}]
[null," 4.1.4.20 ","","","INSTALAÇÃO ELÉTRICA (PADRÃO DE MEDIÇÃO)","",null,null,null,{"$f":"SUM(J145:J164)","v":4732.9599999999991}]
[null," 4.1.5 "," SIAA-07 ","PRÓPRIO","CAIXA PADRÃO TRIFASICA DE POLICARBONATO TIPO GRUPO \"B\"","UND",2,283.45,327.8,655.6]
[null," 4.1.5.1 "," 3615 ","ORSE","DISJUNTOR TRIPOLAR 60 A, PADRÃO NEMA ( LINHA PRETA ), CORRENTE INTERRUPÇÃO 5KA, REF.: ELETROMAR OU SIMILAR UN","UN",2,83.15,96.16,192.32]
[null," 4.1.5.1 "," 3813 ","ORSE","CABO DE COBRE ISOLADO HEPR (XLPE),  16MM²,  1KV / 90º C M","M",80,14.6,16.88,1350.4]
[null," 4.1.5.2 "," 00002684 ","SINAPI","ELETRODUTO DE PVC RIGIDO ROSCAVEL DE 1 1/4 \", SEM LUVA","M",8,9.64,11.14,89.12]
[null," 4.1.5.2 "," 3499 ","ORSE","CABEÇOTE DE ALUMÍNIO DE 1 1/4\" UN","UN",4,8.85,10.23,40.92]
[null," 4.1.5.3 "," 00001902 ","SINAPI","LUVA EM PVC RIGIDO ROSCAVEL, DE 1 1/4\", PARA ELETRODUTO","UN",8,2.2799999999999998,2.63,21.04]
[null," 4.1.5.4 "," 00039211 ","SINAPI","ARRUELA EM ALUMINIO, COM ROSCA, DE  1 1/4\", PARA ELETRODUTO","UN",12,2.13,2.46,29.52]
[null," 4.1.5.5 "," 00039177 ","SINAPI","BUCHA EM ALUMINIO, COM ROSCA, DE 1 1/4\", PARA ELETRODUTO","UN",12,2.44,2.82,33.840000000000003]
[null," 4.1.5.6 "," 3490 ","ORSE","HASTE COBREADA COPPERWELD P/ ATERRAMENTO 254 MICR D= 5/8\" X 2,40 M UN","UN",2,29.6,34.229999999999997,68.459999999999994]
[null," 4.1.5.7 "," SIAA-14 ","PRÓPRIO","CONECTOR ATR. BR 50/H","PÇ",2,7.77,8.98,17.96]
[null," 4.1.5.8 "," 00002673 ","SINAPI","ELETRODUTO DE PVC RIGIDO ROSCAVEL DE 1/2 \", SEM LUVA","M",2,3.72,4.3,8.6]
[null," 4.1.5.9 "," 00034643 ","SINAPI","CAIXA DE INSPECAO PARA ATERRAMENTO E PARA RAIOS, EM POLIPROPILENO,  DIAMETRO = 300 MM X ALTURA = 400 MM","UN",8,34.65,40.07,320.56]
[null," 4.1.5.10 "," 00001870 ","SINAPI","CURVA 90 GRAUS, LONGA, DE PVC RIGIDO ROSCAVEL, DE 1/2\", PARA ELETRODUTO","UN",2,2.4,2.77,5.54]
[null," 4.1.5.11 "," 00001901 ","SINAPI","LUVA EM PVC RIGIDO ROSCAVEL, DE 1/2\", PARA ELETRODUTO","UN",2,0.71,0.82,1.64]
[null," 4.1.5.13 "," 00001874 ","SINAPI","CURVA 90 GRAUS, LONGA, DE PVC RIGIDO ROSCAVEL, DE 1 1/4\", PARA ELETRODUTO","UN",2,4.1500000000000004,4.79,9.58]
[null," 4.1.5.14 "," 3550 ","ORSE","FITA EM AÇO INOX 3/4\" M","M",20,5.2,6.01,120.2]
[null," 4.1.6 "," 3156 ","ORSE","FECHO PARA FITA 3/4 E 1/2\", FUSIMEC OU SIMILAR UN","UN",10,1.25,1.44,14.4]
[null," 4.1.6.1 "," 00039208 ","SINAPI","ARRUELA EM ALUMINIO, COM ROSCA, DE 1/2\", PARA ELETRODUTO","UN",4,0.65,0.75,3]
[null," 4.1.6.2 "," 00039174 ","SINAPI","BUCHA EM ALUMINIO, COM ROSCA, DE 1/2\", PARA ELETRODUTO","UN",4,1.22,1.41,5.64]
[null," 4.1.6.3 "," SIAA-09 ","PRÓPRIO","POSTE DE CONCRETO DT DE 08/200","UND",2,754.27,872.31,1744.62]
[null," 4.1.6.4 ","","","INSTALAÇÃO ELÉTRICA (REDE INTERNA)","",null,null,null,{"$f":"SUM(J166:J207)","v":164036.48000000001}]
[null," 4.1.6.5 "," 00000379 ","SINAPI","ARRUELA QUADRADA EM ACO GALVANIZADO, DIMENSAO = 38 MM, ESPESSURA = 3MM, DIAMETRO DO FURO= 18 MM","UN",170,1.35,1.56,265.2]
[null," 4.1.6.6 "," SIAA-10 ","PRÓPRIO","ARRUELA QUADRADA 100MM","PÇ",8,12.07,13.95,111.6]
[null," 4.1.6.7 "," SIAA-11 ","PRÓPRIO","ALÇA PREFORMADA PARA ESTAI","PÇ",16,13.96,16.14,{"$f":"ROUND(G168*I168,2)","v":258.24}]
[null," 4.1.6.8 "," 00011275 ","SINAPI","ALCA PREFORMADA DE SERVICO, EM ACO GALVANIZADO, PARA CONDUTORES DE ALUMINIO AWG 4 (CAA 6/1)","UN",44,4,4.62,203.28]
[null," 4.1.6.9 "," SIAA-12 ","PRÓPRIO","ALÇA PREFORMADA PARA CABO MULTIPLEXADO DE 35MM2","PÇ",6,5.37,6.21,37.26]
[null," 4.1.6.10 "," 205 ","ORSE","ARMAÇÃO SECUNDÁRIA 2 ESTRIBOS UN","UN",8,38.229999999999997,44.21,353.68]
[null," 4.1.6.11 "," SIAA-13 ","PRÓPRIO","BLOCO DE CONCRETO P/ ESTAI","PÇ",8,43.04,49.77,398.16]
[null," 4.1.6.12 "," 00000841 ","SINAPI","CABO DE ALUMINIO NU COM ALMA DE ACO, BITOLA 4 AWG","KG",330,43.86,50.72,16737.599999999999]
[null," 4.1.6.13 "," 4618 ","ORSE","CABO DE ALUMINIO 0,6/1KV MULTIPLEXADOS 3X1X35 +35MM² M","M",200,23,26.59,5318]
[null," 4.1.6.14 "," 00000867 ","SINAPI","CABO DE COBRE NU 50 MM2 MEIO-DURO","M",80,46.89,54.22,4337.6000000000004]
[null," 4.1.6.15 "," 00000863 ","SINAPI","CABO DE COBRE NU 35 MM2 MEIO-DURO","M",50,32.92,38.07,1903.5]
[null," 5.1 "," 4614 ","ORSE","CORDOALHA DE AÇO 6.35 MM M","M",120,3,3.46,415.2]
[null," 5.1.1 "," SIAA-14 ","PRÓPRIO","CONECTOR ATR. BR 50/H","PÇ",8,7.77,8.98,71.84]
[null," 5.1.1.1 "," 00011854 ","SINAPI","CONECTOR METALICO TIPO PARAFUSO FENDIDO (SPLIT BOLT), PARA CABOS ATE 35 MM2","UN",20,9.1199999999999992,10.54,210.8]
[null," 5.1.1.2 "," SIAA-15 ","PRÓPRIO","CONECTOR CUNHA VERMELHO","PÇ",20,9.92,11.47,229.4]
[null," 5.1.1.3 "," SIAA-16 ","PRÓPRIO","CRUZETA DE CONCRETO TIPO T 2.400MM 200KG","PÇ",24,174.23,201.49,4835.76]
[null," 5.1.1.4 "," M101150001 ","EMBASA","CHAPA DE ESTAI P/ POSTE, ACO GALV.","UN",8,8.16,9.43,75.44]
[null," 5.1.1.5 "," 587 ","ORSE","CHAVE FUSÍVEL 15KV 100A - 10000A BASE C CHAVE FUSÍVEL 15KV 100A - 10000A UN","UN",6,473.9,548.05999999999995,3288.36]
[null," 5.1.1.6 "," 00002674 ","SINAPI","ELETRODUTO DE PVC RIGIDO ROSCAVEL DE 3/4 \", SEM LUVA","M",2,4.63,5.35,10.7]
[null," 5.1.1.7 "," 2643 ","ORSE","FITA ISOLANTE DE ALTA FUSÃO 19 MM X 10 M UN","UN",2,12.6,14.57,29.14]
[null," 5.1.1.8 "," SIAA-17 ","PRÓPRIO","GANCHO DE SUSPENSÃO OLHAL 5000DAN","PÇ",44,25.5,29.49,1297.56]
[null," 5.1.1.9 "," SIAA-19 ","PRÓPRIO","CONECTOR ESTRIBO 4/2 TIPO CUNHA PADRÃO COELBA","PÇ",12,39.99,46.24,554.88]
[null," 5.1.1.10 "," 1092 ","ORSE","HASTE ÂNCORA 16 X 2400MM UN","UN",8,83.4,96.45,771.6]
[null," 5.1.1.11 "," 3490 ","ORSE","HASTE COBREADA COPPERWELD P/ ATERRAMENTO 254 MICR D= 5/8\" X 2,40 M UN","UN",8,29.6,34.229999999999997,273.83999999999997]
[null," 5.1.1.12 "," 00003398 ","SINAPI","ISOLADOR DE PORCELANA, TIPO ROLDANA, DIMENSOES DE *72* X *72* MM, PARA USO EM BAIXA TENSAO","UN",16,5.29,6.11,97.76]
[null," 5.1.1.13 "," 00003405 ","SINAPI","ISOLADOR DE PORCELANA SUSPENSO, DISCO TIPO GARFO OLHAL, DIAMETRO DE 152 MM, PARA TENSAO DE *15* KV","UN",44,86.18,99.66,4385.04]
[null," 5.1.1.14 "," 00003406 ","SINAPI","ISOLADOR DE PORCELANA, TIPO PINO MONOCORPO, PARA TENSAO DE *15* KV","UN",24,26.38,30.5,732]
[null," 5.1.1.15 "," SIAA-20 ","PRÓPRIO","MANILHA SAPATILHA 500 DAN","PÇ",44,32.22,37.26,1639.44]
[null," 5.1.2 "," SIAA-21 ","PRÓPRIO","OLHAL  PARA PARAF. 500 DAN","PÇ",44,26.85,31.05,1366.2]
[null," 5.1.2.3 "," SIAA-22 ","PRÓPRIO","PARAFUSO PRISIONEIRO PARA ISOLADOR DE PINO 13,8KV","PÇ",24,9.39,10.85,260.39999999999998]
[null," 5.1.2.3 "," SIAA-23 ","PRÓPRIO","PARA RAIO 15KV RD 10KA POLIMERICO","PÇ",6,403.38,466.5,2799]
[null," 5.1.2.3 "," 00000432 ","SINAPI","PARAFUSO M16 EM ACO GALVANIZADO, COMPRIMENTO = 250 MM, DIAMETRO = 16 MM, ROSCA MAQUINA, CABECA QUADRADA","UN",30,15.02,17.37,521.1]
[null," 5.1.2.3 "," 00000439 ","SINAPI","PARAFUSO M16 EM ACO GALVANIZADO, COMPRIMENTO = 300 MM, DIAMETRO = 16 MM, ROSCA MAQUINA, CABECA QUADRADA","UN",12,17.25,19.940000000000001,239.28]
[null," 5.1.2.4 "," 1683 ","ORSE","PARAFUSO CABEÇA QUADRADA 16 X 400MM UN","UN",52,19,21.97,1142.44]
[null," 5.1.3 "," SIAA-24 ","PRÓPRIO","PARAF. CAB. QUADRADA 16X70","PÇ",8,9.39,10.85,86.8]
[null," 5.1.3.1 "," 00004337 ","SINAPI","PORCA ZINCADA, QUADRADA, DIAMETRO 5/8\"","UN",80,2.95,3.41,272.8]
[null," 5.1.3.2 "," M103400270 ","EMBASA","POSTE DUPLO TE DE CONCRETO 11M X 400 KG","UN",8,1076.6400000000001,1245.1300000000001,9961.0400000000009]
[null," 5.1.3.3 "," M103400290 ","EMBASA","POSTE DUPLO TE DE CONCRETO 11M X 600 KG","UN",4,1302.75,1506.63,6026.52]
[null," 5.1.3.3 "," 00007581 ","SINAPI","SAPATILHA EM ACO GALVANIZADO PARA CABOS COM DIAMETRO NOMINAL ATE 5/8\"","UN",16,5.93,6.85,109.6]
[null," 5.1.3.4 "," 00007576 ","SINAPI","SUPORTE EM ACO GALVANIZADO PARA TRANSFORMADOR PARA POSTE DUPLO T 185 X 95 MM, CHAPA DE 5/16\"","UN",4,243.51,281.61,1126.44]
[null," 5.1.3.5 "," SIAA-25 ","PRÓPRIO","TRANSFORMADOR 3F DE 30KVA 34,5KV-380/220V","PÇ",1,39029.519999999997,45137.63,45137.63]
[null," 5.1.3.6 "," 2270 ","ORSE","TRANSFORMADOR TRIFÁSICO C/ DERIV 150 KVA, AT 13800V, BT 220/127V PADRÃO ENERGISA UN","UN",1,39900,46144.35,46144.35]
[null," 8.1 ","","","ADUTORAS DE ÁGUA TRATADA","",null,null,null,{"$f":"J209+J234+J235+J243","v":8757931.5500000007}]
[null," 8.1.1.1 ","","","ADUTORA DE ÁGUA TRATADA","",null,null,null,{"$f":"SUM(J210:J233)","v":8638468.2300000004}]
[null," 8.1.1.1.1 "," SIAA-59 ","PRÓPRIO","TUBO PVC  DEFOFO IRRIGA LF DN 300, PN 125","M",3666,271.8,314.33,{"$f":"ROUND(G210*I210,2)","v":1152333.78}]
[null," 8.1.1.1.2 "," SIAA-58 ","PRÓPRIO","TUBO PVC O-BIAX PN 18 DN 300","M",2774,295.02,341.19,946461.06]
[null," 8.1.1.1.3 "," SIAA-57 ","PRÓPRIO","TUBO PVC IRRIGA LF DEFOFO DN 300 PN 60","M",8296,168.29,194.62,1614567.52]
[null," 8.1.1.1.4 "," SIAA-49 ","PRÓPRIO","TUBO PVC DEFOFO, DN 250 MM, PN 60","M",460,197.76,228.7,105202]
[null," 8.1.1.1.5 "," SIAA-60 ","PRÓPRIO","TUBO PVC DEFOFO IRRIGA LF, DN 250 MM, PN 125","M",12838,185.22,214.2,2749899.6]
[null," 8.1.1.1.6 "," SIAA-61 ","PRÓPRIO","TUBO DEFOFO IRRIGA LF DN 200 MM, PN 125","M",1836,128.09,148.13,271966.68]
[null," 8.1.1.1.7 "," SIAA-53 ","PRÓPRIO","TUBO DEFOFO, DN 200 MM, PN 60","M",6030,111.38,128.81,776724.3]
[null," 8.1.1.1.8 "," SIAA-44 ","PRÓPRIO","TUBO DEFOFO LINHA HIRRIGA LF DN 200 PN 80","M",2418.2399999999998,77.28,89.37,216118.11]
[null," 8.1.1.1.9 "," SIAA-55 ","PRÓPRIO","TUBO DEFOFO DN 100 PN 80","M",2692,27.05,31.28,84205.759999999995]
[null," 8.1.1.1.10 "," SIAA-62 ","PRÓPRIO","TUBO DEFOFO LINHA HIRRIGA LF DN 150 PN 60","M",699.2,17.16,19.84,13872.13]
[null," 8.1.1.1.12 "," SIAA-51 ","PRÓPRIO","TUBO DEFOFO LINHA HIRRIGA LF DN 75 PN 80 COR AZUL","M",4963.51,16.2,18.73,92966.54]
[null," 8.1.1.1.13 "," 00007745 ","SINAPI","TUBO DE CONCRETO ARMADO PARA AGUAS PLUVIAIS, CLASSE PA-1, COM ENCAIXE PONTA E BOLSA, DIAMETRO NOMINAL DE 400 MM","M",64,119.38,138.06,8835.84]
[null," 8.1.1.1.14 "," M010101013 ","EMBASA","TK7 JGS PB FOFO DN  250 40,200 KG","M",360,590.89,683.36,246009.60000000001]
[null," 8.1.1.1.15 "," M010901009 ","EMBASA","C90 JGS FOFO DN 150 22,700 KG","PC",3,588.14,680.18,2040.54]
[null," 8.1.1.1.16 "," M010902009 ","EMBASA","C45 JGS FOFO DN 150 20,700 KG","PC",1,447.99,518.1,518.1]
[null," 8.1.1.1.17 "," M010903009 ","EMBASA","C22 JGS FOFO DN 150 18,700 KG","PC",1,416.1,481.21,481.21]
[null," 8.1.1.1.18 "," 00003827 ","SINAPI","LUVA DE CORRER, PVC PBA, JE, DN 75 / DE 85 MM, PARA REDE AGUA (NBR 10351)","UN",82,26.05,30.12,2469.84]
[null," 8.1.1.1.19 "," M010909005 ","EMBASA","L JGS FOFO DN 100 11,800 KG","PC",151,248.15,286.98,43333.98]
[null," 8.1.1.1.20 "," 00000329 ","SINAPI","ANEL BORRACHA, PARA TUBO/CONEXAO PVC PBA, DN 75 MM, PARA REDE AGUA","UN",1215,7.71,8.91,10825.65]
[null," 8.1.1.2 "," 00000328 ","SINAPI","ANEL BORRACHA, PARA TUBO/CONEXAO PVC PBA, DN 100 MM, PARA REDE AGUA","UN",735,9.2200000000000006,10.66,7835.1]
[null," 8.1.1.2.1 "," 5168 ","ORSE","ANEL DE BORRACHA P/ TUBO DE PVC DEFOFO, D=  300MM UN","UN",2540,43.45,50.24,127609.60000000001]
[null," 8.1.1.3 "," 5167 ","ORSE","ANEL DE BORRACHA P/ TUBO DE PVC DEFOFO, D=  250MM UN","UN",2292,32.56,37.65,86293.8]
[null," 8.1.1.3.1 "," 5166 ","ORSE","ANEL DE BORRACHA P/ TUBO DE PVC DEFOFO, D=  200MM UN","UN",1774,37,42.79,75909.460000000006]
[null," 8.1.1.3.2 "," 9697 ","ORSE","ANEL BORRACHA P/ TUBO PVC SANITARIO, SERIE R,  D= 150MM UN","UN",121,14.21,16.43,1988.03]
[null," 8.1.1.3.3 ","","","VENTOSAS","",null,null,null,0]
[null," 8.1.1.3.4 ","","","DESCARGAS (DN100)","",null,null,null,{"$f":"SUM(J236:J250)","v":84886.180000000008}]
[null," 8.1.1.3.5 "," M011301007 ","EMBASA","T JGSF10 FOFO DN 100 X 100 18,800 KG","PC",2,637.99,737.83,1475.66]
[null," 8.1.1.3.6 "," M012201041 ","EMBASA","RCFC10 FOFO DN 100 37,000 KG","PC",2,5598.27,6474.39,12948.78]
[null," 8.1.1.3.7 "," 00011315 ","SINAPI","TAMPAO FOFO SIMPLES COM BASE, CLASSE A15 CARGA MAX 1,5 T, 300 X 300 MM (COM INSCRICAO EM RELEVO DO TIPO DE REDE)","UN",2,150.62,174.19,348.38]
[null," 8.1.1.3.8 "," M011304005 ","EMBASA","EFJGS10 FOFO DN 100 10,000 KG","PC",2,253.14,292.75,585.5]
[null," 8.1.1.3.9 "," 00000047 ","SINAPI","ADAPTADOR, PVC PBA, BOLSA/ROSCA, JE, DN 100 / DE 110 MM","UN",2,63.21,73.099999999999994,146.19999999999999]
[null," 8.1.1.3.10 "," M011716009 ","EMBASA","PPF10 P/ DN 100 (16 X 80 MM) 0,175 KG","PC",32,5.93,6.85,219.2]
[null," 8.1.1.3.12 "," M011717009 ","EMBASA","ABF10 P/ DN  100 0,040 KG","PC",2,3.54,4.09,8.18]
[null," 8.1.1.5.4 ","","","ENTRONCAMENTOS","",null,null,null,{"$f":"SUM(J244:J250)","v":34577.140000000007}]
[null," 8.1.1.5.5 "," M011205053 ","EMBASA","T JTI FOFO DN 300 X 80 50,200 KG","PC",4,1952.85,2258.4699999999998,{"$f":"ROUND(G244*I244,2)","v":9033.8799999999992}]
[null," 8.1.1.5.6 "," M011301029 ","EMBASA","T JGSF10 FOFO DN 250 X 50 36,600 KG","PC",8,1097.8,1269.5999999999999,10156.799999999999]
[null," 8.1.1.5.7 "," M011301009 ","EMBASA","T JGSF10 FOFO DN 150 X 50 21,900 KG","PC",10,842.54,974.39,9743.9]
[null," 8.1.1.5.8 "," M011301005 ","EMBASA","T JGSF10 FOFO DN 100 X 50 16,600 KG","PC",2,464.01,536.62,1073.24]
[null," 8.1.1.5.9 "," M011301017 ","EMBASA","T JGSF10 FOFO DN 200 X 50 30,100 KG","PC",2,1162.3,1344.19,2688.38]
[null," 8.1.1.5.10 "," M011302001 ","EMBASA","T JGSF16 FOFO DN 80 X 50 14,300 KG","PC",2,327.57,378.83,757.66]
[null," 8.1.1.5.11 "," M011810001 ","EMBASA","REFF16 FOFO DN 80 X 50 8,000 KG","PC",4,242.82,280.82,1123.28]
[null," 8.1.1.3.13 ","","","REDE DE DISTRIBUIÇÃO","",null,null,null,{"$f":"J252+J268","v":1730717.6900000004}]
[null," 8.1.1.3.14 ","","","LINHA DE ALIMENTAÇÃO","",null,null,null,{"$f":"SUM(J253:J267)","v":118628.01}]
[null," 8.1.1.3.15 "," 00036084 ","SINAPI","TUBO PVC PBA JEI, CLASSE 12, DN 50 MM, PARA REDE DE AGUA (NBR 5647)","M",2658,13.25,15.32,40720.559999999998]
[null," 8.1.1.3.16 "," 00000325 ","SINAPI","ANEL BORRACHA, PARA TUBO/CONEXAO PVC PBA, DN 50 MM, PARA REDE AGUA","UN",437,2.72,3.14,1372.18]
[null," 8.1.1.3.17 "," 00000329 ","SINAPI","ANEL BORRACHA, PARA TUBO/CONEXAO PVC PBA, DN 75 MM, PARA REDE AGUA","UN",6,7.71,8.91,53.46]
[null," 8.1.1.3.18 ","","","CAIXA DE DERIVAÇÃO","",null,null,null,0]
[null," 8.1.1.3.19 "," 00003825 ","SINAPI","LUVA DE CORRER, PVC PBA, JE, DN 50 / DE 60 MM, PARA REDE AGUA (NBR 10351)","UN",21,11.92,13.78,289.38]
[null," 8.1.1.3.20 "," 00007048 ","SINAPI","TE, PVC PBA, BBB, 90 GRAUS, DN 50 / DE 60 MM, PARA REDE AGUA (NBR 10351)","UN",21,19.87,22.97,482.37]
[null," 8.1.1.3.21 "," M012209013 ","EMBASA","RG BC P/ PVC / RPVC PN10  FOFO DN 50 9,000 KG","PC",21,389.41,450.35,9457.35]
[null," 8.1.1.3.22 "," 00011289 ","SINAPI","TAMPAO FOFO ARTICULADO P/ REGISTRO, CLASSE A15 CARGA MAX 1,5 T, *200 X 200* MM","UN",21,99.23,114.75,2409.75]
[null," 8.1.1.4 "," M020802005 ","EMBASA","LCR PVC DEFOFO JE DN 150","PC",14,84.08,97.23,1361.22]
[null," 8.1.1.4.1 "," M012201045 ","EMBASA","RCFC10 FOFO DN 150 60,000 KG","PC",7,6609.05,7643.36,53503.519999999997]
[null," 8.1.1.4.2 "," M020802001 ","EMBASA","LCR PVC DEFOFO JE DN 100","PC",2,36.19,41.85,83.7]
[null," 8.1.1.5 "," M012201041 ","EMBASA","RCFC10 FOFO DN 100 37,000 KG","PC",1,5598.27,6474.39,6474.39]
[null," 8.1.1.5.1 "," 00003827 ","SINAPI","LUVA DE CORRER, PVC PBA, JE, DN 75 / DE 85 MM, PARA REDE AGUA (NBR 10351)","UN",6,26.05,30.12,180.72]
[null," 8.1.1.5.2 "," 00007088 ","SINAPI","TE, PVC PBA, BBB, 90 GRAUS, DN 75 / DE 85 MM, PARA REDE AGUA (NBR 10351)","UN",3,43.46,50.26,150.78]
[null," 8.1.1.5.3 "," M012209017 ","EMBASA","RG BC P/ PVC / RPVC PN10  FOFO DN 75 18,000 KG","PC",3,602,696.21,2088.63]
[null," 8.1.1.5.12 ","","","REDE DE DISTRIBUIÇÃO","",null,null,null,{"$f":"SUM(J269:J337)","v":1612089.6800000004}]
[null," 8.1.1.5.13 "," 00003825 ","SINAPI","LUVA DE CORRER, PVC PBA, JE, DN 50 / DE 60 MM, PARA REDE AGUA (NBR 10351)","UN",900,11.92,13.78,{"$f":"ROUND(G269*I269,2)","v":12402}]
[null," 8.1.1.5.14 "," 00000325 ","SINAPI","ANEL BORRACHA, PARA TUBO/CONEXAO PVC PBA, DN 50 MM, PARA REDE AGUA","UN",8376,2.72,3.14,26300.639999999999]
[null," 8.1.1.5.15 "," 00001845 ","SINAPI","CURVA PVC PBA, JE, PB, 90 GRAUS, DN 50 / DE 60 MM, PARA REDE AGUA (NBR 10351)","UN",46,29.56,34.18,1572.28]
[null," 8.1.1.5.16 "," 00001831 ","SINAPI","CURVA PVC PBA, JE, PB, 45 GRAUS, DN 50 / DE 60 MM, PARA REDE AGUA (NBR 10351)","UN",9,23.59,27.28,245.52]
[null," 8.1.1.5.18 "," 00007048 ","SINAPI","TE, PVC PBA, BBB, 90 GRAUS, DN 50 / DE 60 MM, PARA REDE AGUA (NBR 10351)","UN",113,19.87,22.97,2595.61]
[null," 8.1.1.5.19 "," 00001206 ","SINAPI","CAP, PVC PBA, JE, DN 50 / DE 60 MM,  PARA REDE DE AGUA (NBR 10351)","UN",172,6.49,7.5,1290]
[null," 8.1.1.5.20 "," 00036084 ","SINAPI","TUBO PVC PBA JEI, CLASSE 12, DN 50 MM, PARA REDE DE AGUA (NBR 5647)","M",49356,13.25,15.32,756133.92]
[null," 8.1.1.5.21 "," 00036373 ","SINAPI","TUBO PVC PBA JEI, CLASSE 12, DN 75 MM, PARA REDE DE AGUA (NBR 5647)","M",4608,27.51,31.81,146580.48000000001]
[null," 8.1.1.5.22 "," 00000329 ","SINAPI","ANEL BORRACHA, PARA TUBO/CONEXAO PVC PBA, DN 75 MM, PARA REDE AGUA","UN",768,7.71,8.91,6842.88]
[null," 8.1.1.5.23 "," M020516001 ","EMBASA","C22O30' PVC PBA PB JE DN 50","PC",8,32.020000000000003,37.03,296.24]
[null," 9.1 "," 00011493 ","SINAPI","TE DE REDUCAO, PVC PBA, BBB, JE, DN 75 X 50 / DE 85 X 60 MM, PARA REDE AGUA (NBR 10351)","UN",24,35.659999999999997,41.24,989.76]
[null," 9.1.1 "," 5557 ","ORSE","REDUÇÃO DE PVC JE, BB, D=   75 X   50MM UN","UN",16,81.41,94.15,1506.4]
[null,null," 00001824 ","SINAPI","CURVA PVC PBA, JE, PB, 90 GRAUS, DN 75 / DE 85 MM, PARA REDE AGUA (NBR 10351)","UN",2,69.8,80.72,161.44]
[null,null," 00001825 ","SINAPI","CURVA PVC PBA, JE, PB, 45 GRAUS, DN 75 / DE 85 MM, PARA REDE AGUA (NBR 10351)","UN",4,58.22,67.33,269.32]
[null,"_______________________________________________________________\nOrçamento Geral 6ªSR\n"," 00007088 ","SINAPI","TE, PVC PBA, BBB, 90 GRAUS, DN 75 / DE 85 MM, PARA REDE AGUA (NBR 10351)","UN",7,43.46,50.26,351.82]
[null,null," 00011378 ","SINAPI","TE DE REDUCAO, PVC PBA, BBB, JE, DN 100 X 50 / DE 110 X 60 MM, PARA REDE AGUA (NBR 10351)","UN",2,73.17,84.62,169.24]
[null,null," 00011379 ","SINAPI","TE DE REDUCAO, PVC PBA, BBB, JE, DN 100 X 75 / DE 110 X 85 MM, PARA REDE AGUA (NBR 10351)","UN",1,61.83,71.5,71.5]
[null,null," 00011323 ","SINAPI","REDUCAO PVC PBA, JE, PB, DN 100 X 75 / DE 110 X 85 MM, PARA REDE DE AGUA","UN",1,26.9,31.1,31.1]
[null,null," 00000328 ","SINAPI","ANEL BORRACHA, PARA TUBO/CONEXAO PVC PBA, DN 100 MM, PARA REDE AGUA","UN",152,9.2200000000000006,10.66,1620.32]
[null,null," 00036374 ","SINAPI","TUBO PVC PBA JEI, CLASSE 12, DN 100 MM, PARA REDE DE AGUA (NBR 5647)","M",912,44.72,51.71,47159.519999999997]
[null,null," 00041892 ","SINAPI","TE, PVC PBA, BBB, 90 GRAUS, DN 100 / DE 110 MM, PARA REDE  AGUA (NBR 10351)","UN",1,92.08,106.49,106.49]
[null,null," 00001207 ","SINAPI","CAP, PVC PBA, JE, DN 100 / DE 110 MM,  PARA REDE DE AGUA (NBR 10351)","UN",1,25.89,29.94,29.94]
[null,null,"","","LIGAÇÕES DOMICILIARES","",null,null,null,0]
[null,null," M020703017 ","EMBASA","CT C/ TR. JR PVC LP DN 50 X 1/2","PC",1005,7.46,8.6199999999999992,8663.1]
[null,null," M029000001 ","EMBASA","RG ACIONAMENTO RESTRITO DN 1/2\"","PC",1005,23.33,26.98,27114.9]
[null,null," M080500010 ","EMBASA","ADAPTADOR EM PEAD DN 20MMX1/2\"","PC",1005,1.3,1.5,1507.5]
[null,null," 00037414 ","SINAPI","COTOVELO/JOELHO COM ADAPTADOR, 90 GRAUS, EM POLIPROPILENO, PN 16, PARA TUBOS PEAD, 20 MM X 3/4\" - LIGACAO PREDIAL DE AGUA","UN",2010,4.01,4.63,9306.2999999999993]
[null,null," 00003883 ","SINAPI","LUVA PVC, ROSCAVEL, 1/2\", AGUA FRIA PREDIAL","UN",1005,1.53,1.76,1768.8]
[null,null," M020702009 ","EMBASA","EXTREMIDADE P/ HIDR. C/ B. DE LATAO PVC LP DN 1/2","PC",2010,7.71,8.91,17909.099999999999]
[null,null," 5485 ","ORSE","HIDRÔMETRO D= 1/2\", VAZÃO = 3,0M3/H UN","UN",1005,98.76,114.21,114781.05]
[null,null," M080106001 ","EMBASA","T PEAD CL. 10,0 KGF/CM? DE 20","M",7008,1.79,2.0699999999999998,14506.56]
[null,null," M090400005 ","EMBASA","CX. COMPLETA P/ HIDROMETRO P/ EMBUTIR EM PAREDE OUMURETA, EM POLIPROPILENO, CONFORME PADRAO EMBASA","UN",1168,23.37,27.02,31559.360000000001]
[null,null,"","","RESERVATÓRIO ELEVADO","",null,null,null,0]
[null,null," D309701308 ","EMBASA","CAIXA D'AGUA 20.000L EM POLIETILENO","UN",9,7003.3,8099.31,72893.789999999994]
[null,null," 6801 ","ORSE","CAIXA D'AGUA DE POLIETILENO ALTA DENSIDADE, 5.000 LITROS, FORTLEV OU SIMILAR UN","UN",7,3699,4277.8900000000003,29945.23]
[null,null," D309701307 ","EMBASA","CAIXA D'AGUA 10.000L EM POLIETILENO","UN",1,2998.37,3467.61,3467.61]
[null,null," 000641 ","SBC","CAIXA D'AGUA EM POLIETILENO 15.000 LITROS COM TAMPA FORTLEV","UN",7,11511.71,13313.29,93193.03]
[null,null," 00021015 ","SINAPI","TUBO ACO GALVANIZADO COM COSTURA, CLASSE LEVE, DN 80 MM ( 3\"),  E = 3,35 MM, *7,32* KG/M (NBR 5580)","M",173,143.86000000000001,166.37,28782.01]
[null,null," 00001799 ","SINAPI","CURVA 90 GRAUS DE FERRO GALVANIZADO, COM ROSCA BSP MACHO, DE 3\"","UN",8,435.13,503.22,4025.76]
[null,null," 00000043 ","SINAPI","ADAPTADOR, PVC PBA, PONTA/ROSCA, JE, DN 75 / DE  85 MM","UN",15,42.28,48.89,733.35]
[null,null," 00006012 ","SINAPI","REGISTRO GAVETA BRUTO EM LATAO FORJADO, BITOLA 3 \" (REF 1509)","UN",17,328.99,380.47,6467.99]
[null,null," 00003268 ","SINAPI","FLANGE SEXTAVADO DE FERRO GALVANIZADO, COM ROSCA BSP, DE 3\"","UN",22,155.97,180.37,3968.14]
[null,null," 00021013 ","SINAPI","TUBO ACO GALVANIZADO COM COSTURA, CLASSE LEVE, DN 50 MM ( 2\"),  E = 3,00 MM,  *4,40* KG/M (NBR 5580)","M",426,89.49,103.49,44086.74]
[null,null," 00001790 ","SINAPI","CURVA 90 GRAUS DE FERRO GALVANIZADO, COM ROSCA BSP FEMEA, DE 2\"","UN",48,154.54,178.72,8578.56]
[null,null," 00000052 ","SINAPI","ADAPTADOR, PVC PBA, PONTA/ROSCA, JE, DN 50 / DE  60 MM","UN",20,12.52,14.47,289.39999999999998]
[null,null," 00000048 ","SINAPI","ADAPTADOR, PVC PBA, BOLSA/ROSCA, JE, DN 50 / DE 60 MM","UN",14,16.489999999999998,19.07,266.98]
[null,null," 00006028 ","SINAPI","REGISTRO GAVETA BRUTO EM LATAO FORJADO, BITOLA 2 \" (REF 1509)","UN",34,131.03,151.53,5152.0200000000004]
[null,null," 00003266 ","SINAPI","FLANGE SEXTAVADO DE FERRO GALVANIZADO, COM ROSCA BSP, DE 2\"","UN",35,73.39,84.87,2970.45]
[null,null," 00004181 ","SINAPI","NIPLE DE FERRO GALVANIZADO, COM ROSCA BSP, DE 2\"","UN",14,41.1,47.53,665.42]
[null,null," 00000863 ","SINAPI","CABO DE COBRE NU 35 MM2 MEIO-DURO","M",290,32.92,38.07,11040.3]
[null,null," 003030 ","SBC","ELETRODUTO ZINCADO ELETROLITICAMENTE (LEVE) NBR 13057 15MM 1/2\"","M",241,5.66,6.54,1576.14]
[null,null," 00041412 ","SINAPI","CAPTOR FRANKLIN (4 PONTAS), EM LATAO CROMADO, H = 350 MM, DUAS DESCIDAS","UN",19,118.17,136.66,2596.54]
[null,null," M109500011 ","EMBASA","FIXADOR UNIVERSAL DE SPDA P/ CABO 35MM2","UN",147,17.079999999999998,19.75,2903.25]
[null,null," 00007693 ","SINAPI","TUBO ACO GALVANIZADO COM COSTURA, CLASSE MEDIA, DN 4\", E = 4,50* MM, PESO 12,10* KG/M (NBR 5580)","M",83,227.68,263.31,21854.73]
[null,null," 00003271 ","SINAPI","FLANGE SEXTAVADO DE FERRO GALVANIZADO, COM ROSCA BSP, DE 4\"","UN",8,230.59,266.67,2133.36]
[null,null," 00001792 ","SINAPI","CURVA 90 GRAUS DE FERRO GALVANIZADO, COM ROSCA BSP FEMEA, DE 3\"","UN",11,362.02,418.67,4605.37]
[null,null," M020501013 ","EMBASA","AD PVC PBA BR JE DN 75","PC",2,33.700000000000003,38.97,77.94]
[null,null," 00004182 ","SINAPI","NIPLE DE FERRO GALVANIZADO, COM ROSCA BSP, DE 3\"","UN",2,102.34,118.35,236.7]
[null,null," 00006298 ","SINAPI","TE DE FERRO GALVANIZADO, DE 2\"","UN",10,77.569999999999993,89.7,897]
[null,null," 00007695 ","SINAPI","TUBO ACO GALVANIZADO COM COSTURA, CLASSE MEDIA, DN 6\", E = 4,85* MM, PESO 19,68* KG/M (NBR 5580)","M",3,369.68,427.53,1282.5899999999999]
[null,null," 00003270 ","SINAPI","FLANGE SEXTAVADO DE FERRO GALVANIZADO, COM ROSCA BSP, DE 6\"","UN",3,387.4,448.02,{"$f":"ROUND(G329*I329,2)","v":1344.06}]
[null,null," 003030 ","SBC","ELETRODUTO ZINCADO ELETROLITICAMENTE (LEVE) NBR 13057 15MM 1/2\"","M",30,5.66,6.54,196.2]
[null,null," 00001793 ","SINAPI","CURVA 90 GRAUS DE FERRO GALVANIZADO, COM ROSCA BSP FEMEA, DE 4\"","UN",9,731.52,846,7614]
[null,null," M020501017 ","EMBASA","AD PVC PBA BR JE DN 100","PC",6,57.63,66.64,399.84]
[null,null," 00006027 ","SINAPI","REGISTRO GAVETA BRUTO EM LATAO FORJADO, BITOLA 4 \" (REF 1509)","UN",6,685.5,792.78,4756.68]
[null,null," 00004183 ","SINAPI","NIPLE DE FERRO GALVANIZADO, COM ROSCA BSP, DE 4\"","UN",3,164.76,190.54,571.62]
[null,null," 00007694 ","SINAPI","TUBO ACO GALVANIZADO COM COSTURA, CLASSE MEDIA, DN 3\", E = *4,05* MM, PESO *8,47* KG/M (NBR 5580)","M",33,165.32,191.19,6309.27]
[null,null," M011710001 ","EMBASA","REFF10 FOFO DN 80 X 50 8,000 KG","PC",4,253.4,293.05,1172.2]
[null,null," SIAA-18 ","PRÓPRIO","GRAMPO DE LINHA VIVA","PÇ",12,85.92,99.36,1192.32]
[{"$nulls":6},"TOTAL DE MATERIAIS",null,null,{"$f":"J251+J208+J143+J58+J37+J12+J6","v":11578673.310000002}]

{"sheet":"Orçamento Sintético","index":1,"n_rows":595,"n_cols":9,"rows_kept":595,"cut":false,"hidden":false,"merged":[[2,7,2,8],[3,7,3,8],[593,1,593,7],[594,1,594,7],[5,1,5,8],[280,1,280,8],[279,1,279,6]]}
[{"$nulls":7},"BDI SERVIÇOS","27,75¨%"]
[{"$nulls":7},"BDI MATERIAIS",0.1565]
[{"$nulls":7},"BANCOS"]
[{"$nulls":7},"SINAPI -07/2023- BA, SICRO3-04/2023-BA\nSBC - 09/2023 - BA, ORSE- 06/2023 - SE\nSEINFRA - 028 - CE, EMBASA-05/2023-BA\nEMOP - 07/2023 - RJ, IOPES 06/2023"]
[null,"ITEM","CÓDIGO","BANCO","DESCRIÇÃO","UNID","QUANTIDADE","VALOR UNITÁRIO","TOTAL"]
[null,"S E R V I Ç O S "]
[null,"1.0","","","SERVIÇOS PRELIMINARES","",null,null,{"$f":"I8+I11+I27","v":1187126.0899999999}]
[null,"1.1","","","IDENTIFICAÇÃO DA OBRA, CANTEIRO DE OBRAS","",null,null,{"$f":"SUM(I9:I10)","v":64102.570000000007}]
[null,"1.1.1"," REMAGUA4 ","PRÓPRIO","MOBILIZAÇÃO DE EQUIPAMENTO E PESSOAS","UNID.",1,22683.13,{"$f":"ROUND(G9*H9,2)","v":22683.13}]
[null,"1.1.2"," 74209/001 ","SINAPI","PLACA DE OBRA EM CHAPA DE ACO GALVANIZADO","M²",72,575.27,{"$f":"ROUND(G10*H10,2)","v":41419.440000000002}]
[null,"1.2","","","INSTALAÇÃO DO CANTEIRO DE OBRAS","",null,null,{"$f":"SUM(I12:I26)","v":1072137.3199999998}]
[null,"1.2.1"," 73822/002 ","SINAPI","LIMPEZA MECANIZADA DE TERRENO COM REMOCAO DE CAMADA VEGETAL, UTILIZANDO MOTONIVELADORA","M²",1225.0899999999999,1.1100000000000001,{"$f":"ROUND(G12*H12,2)","v":1359.85}]
[null,"1.2.2"," 74142/003 ","SINAPI","CERCA COM MOUROES DE MADEIRA, 7,5X7,5CM, ESPACAMENTO DE 2M, ALTURA LIVRE DE 2M, CRAVADOS 0,5M, COM 8 FIOS DE ARAME FARPADO Nº 14 CLASSE 250","M",135,82.02,11072.7]
[null,"1.2.3"," 4784 ","ORSE","BARRACÃO PARA ESCRITÓRIO DE OBRA PORTE MÉDIO S=43,56M2, C/ 2 SALAS E 2 BANHEIROS COM MATERIAIS NOVOS","UN",2,29215.31,58430.62]
[null,"1.2.4"," 11703 ","ORSE","BARRACÃO ABERTO PARA APOIO À PRODUÇÃO (CARPINTARIA, CENTRAL DE ARMAÇÃO, OFICINA, ETC.) C/ TESOURAS, TELHA 4MM, PISO EM CONCRETO DESEMPOLADO","M²",200,250.1,50020]
[null,"1.2.5"," 103316 ","SINAPI","ALVENARIA DE VEDAÇÃO DE BLOCOS VAZADOS DE CONCRETO DE 9X19X39 CM (ESPESSURA 9 CM) E ARGAMASSA DE ASSENTAMENTO COM PREPARO EM BETONEIRA. AF_12/2021","M²",200,85.75,17150]
[null,"1.2.6"," 101161 ","SINAPI","ALVENARIA DE VEDAÇÃO COM ELEMENTO VAZADO DE CONCRETO (COBOGÓ) DE 7X50X50CM E ARGAMASSA DE ASSENTAMENTO COM PREPARO EM BETONEIRA. AF_05/2020","M²",25,246.45,6161.25]
[null,"1.2.7"," 4318 ","ORSE","PORTÃO EM TUBO DE AÇO GALVANIZADO D=1\", MEDINDO 4,00X3,00 M, PADRÃO ESCOLAS","UN",1,5672.49,5672.49]
[null,"1.2.8"," 74238/002 ","SINAPI","PORTAO EM TELA ARAME GALVANIZADO N.12 MALHA 2\" E MOLDURA EM TUBOS DE ACO COM DUAS FOLHAS DE ABRIR, INCLUSO FERRAGENS","M²",8.4,1504.14,12634.78]
[null,"1.2.9"," 9416 ","ORSE","INSTALAÇÃO PROVISÓRIA DE ENERGIA ELÉTRICA, AEREA, TRIFASICA, EM POSTE GALVANIZADO, EXCLUSIVE FORNECIMENTO DO MEDIDOR","UN",1,2085.5300000000002,2085.5300000000002]
[null,"1.2.10"," 8368 ","ORSE","ARANDELA FECHADA ESFÉRICA C/ REFRATOR ACRÍLICO TRANSPARENTE E BRAÇO EM TUBO DE FERRO, FIXADA NA PAREDE, REF. CWA-520 DA TECNOLUX OU SIMILAR","UN",8,368.66,2949.28]
[null,"1.2.11"," 93243 ","SINAPI","EXECUÇÃO DE RESERVATÓRIO ELEVADO DE ÁGUA (2000 LITROS) EM CANTEIRO DE OBRA, APOIADO EM ESTRUTURA DE MADEIRA. AF_02/2016_PA","UN",1,12084.47,12084.47]
[null,"1.2.12"," 6096 ","ORSE","LIGAÇÃO PREDIAL DE ÁGUA EM MURETA DE CONCRETO, PROVISÓRIA OU DEFINITIVA, COM FORNECIMENTO DE MATERIAL, INCLUSIVE MURETA E HIDRÔMETRO, REDE DN 50MM - REV 03_10/2022","UN",1,838.14,838.14]
[null,"1.2.13"," ALOCALSAAPILÃO ","PRÓPRIO","ADMINISTRAÇÃO LOCAL E MANUTENÇÃO DE CANTEIRO DE OBRAS","UN",1,775414.7,775414.7]
[null,"1.2.14"," 30.02.59 ","EMBASA","ALUGUEL DE VEICULO TIPO UTILITARIO CLI - 1.6 C/COMBUSTIVEL","MES",18,5198.91,93580.38]
[null,"1.2.15"," REMAGUA5 ","PRÓPRIO","DESMOBILIZAÇÃO DE EQUIPAMENTO E PESSOAS","UNID.",1,22683.13,22683.13]
[null,"1.3","","","SERVIÇOS AUXILIARES","",null,null,{"$f":"SUM(I28:I31)","v":50886.2}]
[null,"1.3.1"," 03.01.01 ","EMBASA","PLACA DE SINALIZACAO E ADVERTENCIA,INCL.FORNEC.,TRANSP.,INSTAL.E REMOCAO P/OUTRO LOCAL DA OBRA (DP0301)","M²",1,67.8,{"$f":"ROUND(G28*H28,2)","v":67.8}]
[null,"1.3.2"," 32.01.02 ","EMBASA","SONDAGEM A TRADO MECÂNICO","M",300,102.2,{"$f":"ROUND(G29*H29,2)","v":30660}]
[null,"1.3.3"," 30.01.21 ","EMBASA","PROJETISTA","HORA",160,101.17,{"$f":"ROUND(G30*H30,2)","v":16187.2}]
[null,"1.3.4"," 30.01.23 ","EMBASA","DESENHISTA PROJETISTA","HORA",160,24.82,{"$f":"ROUND(G31*H31,2)","v":3971.2}]
[null,"2.0","","","UNIDADE DO SISTEMA: CAPTAÇÃO DE ÁGUA BRUTA","",null,null,{"$f":"I33","v":7310.6699999999992}]
[null,"2.1","","","CAIXA DE CAPTAÇÃO DE ÁGUA BRUTA","",null,null,{"$f":"SUM(I34:I43)","v":7310.6699999999992}]
[null,"2.1.1"," 2497 ","ORSE","ESCAVAÇÃO MANUAL DE VALA OU CAVA EM MATERIAL DE 1ª CATEGORIA, PROFUNDIDADE ATÉ 1,50M","M³",6.96,64.19,{"$f":"ROUND(G34*H34,2)","v":446.76}]
[null,"2.1.2"," 2499 ","ORSE","ESCAVAÇÃO MANUAL DE VALA OU CAVA EM MATERIAL DE 2ª CATEGORIA, PROFUNDIDADE ATÉ 1,50M","M³",3.75,106.99,401.21]
[null,"2.1.3"," 74010/001 ","SINAPI","CARGA E DESCARGA MECANICA DE SOLO UTILIZANDO CAMINHAO BASCULANTE 6,0M3/16T E PA CARREGADEIRA SOBRE PNEUS 128 HP, CAPACIDADE DA CAÇAMBA 1,7 A 2,8 M3, PESO OPERACIONAL 11632 KG","M³",13.91,3.07,42.7]
[null,"2.1.4"," 93594 ","SINAPI","TRANSPORTE COM CAMINHÃO BASCULANTE DE 10 M³, EM VIA URBANA EM LEITO NATURAL (UNIDADE: TXKM). AF_07/2020","TXKM",236.47,2.44,576.99]
[null,"2.1.5"," 83344 ","SINAPI","ESPALHAMENTO DE MATERIAL EM BOTA FORA, COM UTILIZACAO DE TRATOR DE ESTEIRAS DE 165 HP","M³",13.91,1.62,22.53]
[null,"2.1.6"," 05.94.01 ","EMBASA","EXEC. DE ATERRO EM VALAS/POCOS/CAVAS DE FUNDACAO C/ SOLO PROVENIENTE DAS ESCAVACOES, INCL. LANCAM., ESPALHAM., COMPACT. C/ PLACA VIBRAT., SOQUETE PNEUMATICOOU SOQUETE MANUAL (MRR / MRS)","M³",5.2,22.42,116.58]
[null,"2.1.7"," 94970 ","SINAPI","CONCRETO FCK = 20MPA, TRAÇO 1:2,7:3 (EM MASSA SECA DE CIMENTO/ AREIA MÉDIA/ BRITA 1) - PREPARO MECÂNICO COM BETONEIRA 600 L. AF_05/2021","M³",2.65,633.9,1679.84]
[null,"2.1.8"," 5651 ","SINAPI","FORMA TABUA PARA CONCRETO EM FUNDACAO C/ REAPROVEITAMENTO 5X","M²",25,77.180000000000007,1929.5]
[null,"2.1.9"," 92921 ","SINAPI","ARMAÇÃO DE ESTRUTURAS DIVERSAS DE CONCRETO ARMADO, EXCETO VIGAS, PILARES, LAJES E FUNDAÇÕES, UTILIZANDO AÇO CA-50 DE 12,5 MM - MONTAGEM. AF_06/2022","KG",154,13.29,2046.66]
[null,"2.1.10"," 94974 ","SINAPI","CONCRETO MAGRO PARA LASTRO, TRAÇO 1:4,5:4,5 (EM MASSA SECA DE CIMENTO/ AREIA MÉDIA/ BRITA 1) - PREPARO MANUAL. AF_05/2021","M³",0.08,598.75,47.9]
[null,"3.0","","","UNIDADE DO SISTEMA: ADUTORA DE ÁGUA BRUTA","",null,null,{"$f":"I45+I65+I67","v":238366.34}]
[null,"3.1","","","ADUTORA DE ÁGUA BRUTA","",null,null,{"$f":"SUM(I46:I64)","v":127523.54000000001}]
[null,"3.1.1"," 73679 ","SINAPI","LOCAÇÃO DE ADUTORAS, COLETORES TRONCO E INTERCEPTORES - ATÉ DN 500 MM","M",477.77,1.99,{"$f":"ROUND(G46*H46,2)","v":950.76}]
[null,"3.1.2"," 6098 ","ORSE","CADASTRO DE REDES DE ÁGUA / ADUTORAS","M",477.77,1.77,845.65]
[null,"3.1.3"," 2503 ","ORSE","ESCAVAÇÃO COM RETRO-ESCAVADEIRA DE PNEUS, DE VALAS, EM MATERIAL DE 1ª CATEGORIA ATÉ 1,50M DE PROFUNDIDADE","M³",128.16,8.81,1129.0899999999999]
[null,"3.1.4"," 2506 ","ORSE","ESCAVAÇÃO COM RETRO-ESCAVADEIRA DE PNEUS, DE VALAS, EM MATERIAL DE 2ª CATEGORIA ATÉ 1,50M DE PROFUNDIDADE","M³",54.18,11.9,644.74]
[null,"3.1.5"," 05.01.64 ","EMBASA","ESCAV. DE VALAS - AGUA - EM ROCHA SA, EXECUTADA ENTRE AS PROFUND.DE 0 A 2,00 M,C/ USO DE EXPLOSIVO,INCL.PROTECAO","M³",103.2,284.44,29354.21]
[null,"3.1.6"," 05.01.87 ","EMBASA","ESCAV. DE VALAS - AGUA - EM ROCHA SA, A FRIO, EXECUTADA ENTRE AS PROFUND. DE 0A 2,00 M, COM ARGAMASSA EXPANSIVA.","M³",3.78,347.68,1314.23]
[null,"3.1.7"," 05.01.55 ","EMBASA","ESCAV. DE VALAS - AGUA - EM ROCHA BRANDA EXECUTADA ENTRE AS PROFUND. DE 0 A 2,00M, C/USO DE ROMPEDOR PNEUMATICO","M³",61.35,64.56,3960.76]
[null,"3.1.8"," 74010/001 ","SINAPI","CARGA E DESCARGA MECANICA DE SOLO UTILIZANDO CAMINHAO BASCULANTE 6,0M3/16T E PA CARREGADEIRA SOBRE PNEUS 128 HP, CAPACIDADE DA CAÇAMBA 1,7 A 2,8 M3, PESO OPERACIONAL 11632 KG","M³",196.9,3.07,604.48]
[null,"3.1.9"," 06.01.01 ","EMBASA","CARGA E DESCARGA DE ROCHA","M³",108.88,6.08,661.99]
[null,"3.1.10"," 93594 ","SINAPI","TRANSPORTE COM CAMINHÃO BASCULANTE DE 10 M³, EM VIA URBANA EM LEITO NATURAL (UNIDADE: TXKM). AF_07/2020","TXKM",6861.79,2.44,16742.77]
[null,"3.1.11"," 83344 ","SINAPI","ESPALHAMENTO DE MATERIAL EM BOTA FORA, COM UTILIZACAO DE TRATOR DE ESTEIRAS DE 165 HP","M³",136.97,1.62,221.89]
[null,"3.1.12"," 94097 ","SINAPI","PREPARO DE FUNDO DE VALA COM LARGURA MENOR QUE 1,5 M, EM LOCAL COM NÍVEL BAIXO DE INTERFERÊNCIA. AF_06/2016","M²",286.66000000000003,8.6300000000000008,2473.88]
[null,"3.1.13"," 05.99.91 ","EMBASA","(REVISADA) - EXEC. DE ENVOLTORIA OU BERCO DE AREIA EM VALAS, INCL. LANCAM., ESPALHAM. E COMPACT. C/PLACA VIBRATORIA, SOQUETE PNEUMATICO OU SOQUETE MANUAL , C/ FORNEC. DOMAT. - DMT=20KM (MRR/RMS)","M³",172,177.8,30581.599999999999]
[null,"3.1.14"," 05.94.01 ","EMBASA","EXEC. DE ATERRO EM VALAS/POCOS/CAVAS DE FUNDACAO C/ SOLO PROVENIENTE DAS ESCAVACOES, INCL. LANCAM., ESPALHAM., COMPACT. C/ PLACA VIBRAT., SOQUETE PNEUMATICOOU SOQUETE MANUAL (MRR / MRS)","M³",325.25,22.42,7292.11]
[null,"3.1.15"," 05.04.07 ","EMBASA","(REVISADA) EXEC. DE ATERRO MANUAL EM VALAS/POCOS/CAVAS DE FUNDACAO, C/ FORNEC. DE ARGILA ARENOSA, INCL. LANCAM., ESPALHAM. E COMPACTACAO MECANIZADA COM COMPACTADOR TIPO PLACA VIBRATORIA OU A","M³",152.52000000000001,168.15,25646.240000000002]
[null,"3.1.16"," 13.01.01 ","EMBASA","CARGA E DESCARGA DE TUBOS PVC RIG. / RPVC / PRFV / PEAD, DN ATE 350 MM","M",477.77,0.19,90.78]
[null,"3.1.17"," 13.04.01 ","EMBASA","MOMENTO DE TRANSPORTE P/TUBOS, PECAS E CONEXOES DE PVC RIG./RPVC / PRFV / PEAD C/DN ATE 350MM (DISTANCIA ATE 30KM)","MXK",5255.47,0.02,105.11]
[null,"3.1.18"," 12.03.19 ","EMBASA","ASSENT. DE TUBOS E CONEXOES EM PVC RIG. DEFºFº E RPVC PB JE- AGUA - DN 200 MM","M",477.77,5.09,2431.85]
[null,"3.1.19"," 92809 ","SINAPI","ASSENTAMENTO DE TUBO DE CONCRETO PARA REDES COLETORAS DE ÁGUAS PLUVIAIS, DIÂMETRO DE 400 MM, JUNTA RÍGIDA, INSTALADO EM LOCAL COM BAIXO NÍVEL DE INTERFERÊNCIAS (NÃO INCLUI FORNECIMENTO). AF_12/2015","M",30,82.38,2471.4]
[null,"3.2","","","DESCARGAS","",null,null,{"$f":"I66","v":55421.4}]
[null,"3.2.1"," 10.02.01 ","EMBASA","CAIXA P/DESCARGA E/OU VENTOSA EM ALVEN.TIJOLO MACICO ,SECAO INTERNA 1,30X1,10M,H<=1,30M,P/LINHA PRINCIPAL.C/50MM<=DN<=300MM, S/FORNEC.MAT. HIDRAULICO (CRV TIPO I) DP1002-01/02","UN",20,2771.07,{"$f":"ROUND(G66*H66,2)","v":55421.4}]
[null,"3.3","","","VENTOSAS","",null,null,{"$f":"I68","v":55421.4}]
[null,"3.1"," 10.02.01 ","EMBASA","CAIXA P/DESCARGA E/OU VENTOSA EM ALVEN.TIJOLO MACICO ,SECAO INTERNA 1,30X1,10M,H<=1,30M,P/LINHA PRINCIPAL.C/50MM<=DN<=300MM,S/FORNEC.MAT.HIDRAULICO (CRV TIPO I) DP1002-01/02","UN",20,2771.07,{"$f":"ROUND(G68*H68,2)","v":55421.4}]
[null,"4.0","","","UNIDADE DO SISTEMA: ESTAÇÃO DE TRATAMENTO DE ÁGUA","",null,null,{"$f":"I70+I81+I86+I91+I112+I128","v":2654906.3499999996}]
[null,"4.1","","","URBANIZAÇÃO DA ÁREA DA ETA","",null,null,{"$f":"SUM(I71:I80)","v":458063.09}]
[null,"4.1.1"," 73859/001 ","SINAPI","DESMATAMENTO E LIMPEZA MECANIZADA DE TERRENO COM REMOCAO DE CAMADA VEGETAL, UTILIZANDO TRATOR DE ESTEIRAS","M²",100,0.24,{"$f":"ROUND(G71*H71,2)","v":24}]
[null,"4.1.2"," 000001-ALEX ","PRÓPRIO","ABERTURA DE CAIXA ATÉ 40CM, INCLUI ESCAVAÇÃO, COMPACTAÇÃO, TRANSPORTE E PREPARO DO SUB-LEITO","M²",592,34.4,20364.8]
[null,"4.1.3"," 18.03.01 ","EMBASA","(REVISADA) - REVEST. PRIMARIO C/ CASCALHO OU SAIBRO S/ COMPACTACAO","M³",88.8,238.48,21177.02]
[null,"4.1.4"," 73844/001 ","SINAPI","MURO DE ARRIMO DE ALVENARIA DE PEDRA ARGAMASSADA","M³",8.9,978.3,8706.8700000000008]
[null,"4.1.5"," 74143/002 ","SINAPI","CERCA COM MOUROES DE CONCRETO, RETO, 15X15CM, ESPACAMENTO DE 3M, CRAVADOS 0,5M, ESCORAS DE 10X10CM NOS CANTOS, COM 9 FIOS DE ARAME DE ACO OVALADO 15X17","M",161,99.42,16006.62]
[null,"4.1.6"," 74238/002 ","SINAPI","PORTAO EM TELA ARAME GALVANIZADO N.12 MALHA 2\" E MOLDURA EM TUBOS DE ACO COM DUAS FOLHAS DE ABRIR, INCLUSO FERRAGENS","M²",8.4,1504.14,12634.78]
[null,"4.1.7"," 3806399 ","SICRO3","FABRICAÇÃO DE SUPERESTRUTURA METÁLICA PARA PASSARELA PL-20 - EXCETO PISO DE CONCRETO","UN",1,307769.46000000002,307769.46000000002]
[null,"4.1.8"," 3806401 ","SICRO3","LANÇAMENTO DE SUPERESTRUTURA DE PASSARELA METÁLICA DE 12 A 24 T COM UTILIZAÇÃO DE GUINDASTE","UN",1,18832.939999999999,18832.939999999999]
[null,"4.1.9"," 3806386 ","SICRO3","GUARDA-CORPO E CORRIMÃO METÁLICO PARA PASSARELAS PARA PEDESTRES - FORNECIMENTO E INSTALAÇÃO","M",50,965.24,48262]
[null,"4.1.10"," 09.14.04 ","EMBASA","FORNEC. E ASSENT. DE LAJE PRE-FABRICADA P/ PISO, E=12CM","M²",30,142.82,4284.6000000000004]
[null,"4.2","","","TERRAPLANAGEM DA ÁREA DA ETA","",null,null,{"$f":"SUM(I82:I85)","v":16327.1}]
[null,"4.2.1"," 74154/001 ","SINAPI","ESCAVACAO, CARGA E TRANSPORTE DE  MATERIAL DE 1A CATEGORIA COM TRATOR SOBRE ESTEIRAS 347 HP E CACAMBA 6M3,  DMT 50 A 200M","M³",85.1,8.16,{"$f":"ROUND(G82*H82,2)","v":694.42}]
[null,"4.2.2"," 74005/001 ","SINAPI","COMPACTACAO MECANICA, SEM CONTROLE DO GC (C/COMPACTADOR PLACA 400 KG)","M³",85.1,8.31,{"$f":"ROUND(G83*H83,2)","v":707.18}]
[null,"4.2.3"," 72910 ","SINAPI","BASE DE SOLO ARENOSO FINO, COMPACTACAO 100% PROCTOR MODIFICADO","M³",191,24.22,{"$f":"ROUND(G84*H84,2)","v":4626.0200000000004}]
[null,"4.2.4"," 93594 ","SINAPI","TRANSPORTE COM CAMINHÃO BASCULANTE DE 10 M³, EM VIA URBANA EM LEITO NATURAL (UNIDADE: TXKM). AF_07/2020","TXKM",4221.1000000000004,2.44,{"$f":"ROUND(G85*H85,2)","v":10299.48}]
[null,"4.3","","","OBRAS CIVIS PARA MONTAGEM DA ETA (ESTRUTURA DE APOIO DOS TANQUES E ESTRUTURA DE TRATAMENTO)","",null,null,{"$f":"SUM(I87:I90)","v":1925518.5899999999}]
[null,"4.3.1"," 94974 ","SINAPI","CONCRETO MAGRO PARA LASTRO, TRAÇO 1:4,5:4,5 (EM MASSA SECA DE CIMENTO/ AREIA MÉDIA/ BRITA 1) - PREPARO MANUAL. AF_05/2021","M³",1.59,598.75,{"$f":"ROUND(G87*H87,2)","v":952.01}]
[null,"4.3.2"," 103073 ","SINAPI","EXECUÇÃO DE RADIER, ESPESSURA DE 30 CM, FCK = 30 MPA, COM USO DE FORMAS EM MADEIRA SERRADA. AF_09/2021","M²",24.72,459.5,{"$f":"ROUND(G88*H88,2)","v":11358.84}]
[null,"4.3.3"," 103073 ","SINAPI","EXECUÇÃO DE RADIER, ESPESSURA DE 30 CM, FCK = 30 MPA, COM USO DE FORMAS EM MADEIRA SERRADA. AF_09/2021","M²",24.72,459.5,{"$f":"ROUND(G89*H89,2)","v":11358.84}]
[null,"4.3.4"," SIAA-02 ","PRÓPRIO","ESTRUTURAS EM FIBRA DE VIDRO PARA IMPLANTAÇÃO DAS UNIDADE DE TRATAMENTO DO TIPO PRÉ-FABRICADA E MONTADA IN-LOCO, INCLUSIVE TUBULAÇÕES INTERLIGANTES E DEMAIS PEÇAS E CONEXÕES","UN",1,1901848.9,{"$f":"ROUND(G90*H90,2)","v":1901848.9}]
[null,"4.4","","","CASA DE QUÍMICA","",null,null,{"$f":"SUM(I92:I111)","v":39102.25}]
[null,"4.4.1"," 73859/001 ","SINAPI","DESMATAMENTO E LIMPEZA MECANIZADA DE TERRENO COM REMOCAO DE CAMADA VEGETAL, UTILIZANDO TRATOR DE ESTEIRAS","M²",19,0.24,{"$f":"ROUND(G92*H92,2)","v":4.5599999999999996}]
[null,"4.4.2"," 73992/001 ","SINAPI","LOCACAO CONVENCIONAL DE OBRA, ATRAVÉS DE GABARITO DE TABUAS CORRIDAS PONTALETADAS A CADA 1,50M, SEM REAPROVEITAMENTO","M²",28.8,23.54,677.95]
[null,"4.4.3"," 94974 ","SINAPI","CONCRETO MAGRO PARA LASTRO, TRAÇO 1:4,5:4,5 (EM MASSA SECA DE CIMENTO/ AREIA MÉDIA/ BRITA 1) - PREPARO MANUAL. AF_05/2021","M³",1.33,598.75,796.34]
[null,"4.4.4"," 94966 ","SINAPI","CONCRETO FCK = 30MPA, TRAÇO 1:2,1:2,5 (EM MASSA SECA DE CIMENTO/ AREIA MÉDIA/ BRITA 1) - PREPARO MECÂNICO COM BETONEIRA 400 L. AF_05/2021","M³",3.81,701.83,2673.97]
[null,"4.4.5"," 73361 ","SINAPI","CONCRETO CICLOPICO FCK=10MPA 30% PEDRA DE MAO INCLUSIVE LANCAMENTO","M³",4.4000000000000004,715.41,3147.8]
[null,"4.4.6"," 09.09.07 ","EMBASA","(REVISADA) FORMA PLANA EM COMP. RESINADO P/ ESTRUTURA E=12 ATE 3X","M²",14.46,145.22,2099.88]
[null,"4.4.7"," 11266 ","ORSE","ARMACAO ACO CA-50 DIAM.16,0 (5/8) À 25,0MM (1) - FORNECIMENTO/ CORTE(PERDA DE 10%) / DOBRA / COLOCAÇÃO. - REV 01","KG",342.9,16.39,5620.13]
[null,"4.4.8"," 87482 ","SINAPI","ALVENARIA DE VEDAÇÃO DE BLOCOS CERÂMICOS FURADOS NA VERTICAL DE 19X19X39CM (ESPESSURA 19CM) DE PAREDES COM ÁREA LÍQUIDA MAIOR OU IGUAL A 6M² SEM VÃOS E ARGAMASSA DE ASSENTAMENTO COM PREPARO MANUAL. AF_06/2014","M²",40.65,110.22,4480.4399999999996]
[null,"4.4.9"," 89173 ","SINAPI","(COMPOSIÇÃO REPRESENTATIVA) DO SERVIÇO DE EMBOÇO/MASSA ÚNICA, APLICADO MANUALMENTE, TRAÇO 1:2:8, EM BETONEIRA DE 400L, PAREDES INTERNAS, COM EXECUÇÃO DE TALISCAS, EDIFICAÇÃO HABITACIONAL UNIFAMILIAR (CASAS) E EDIFICAÇÃO PÚBLICA PADRÃO. AF_12/2014","M²",40.65,55.57,2258.92]
[null,"4.4.10"," 87794 ","SINAPI","EMBOÇO OU MASSA ÚNICA EM ARGAMASSA TRAÇO 1:2:8, PREPARO MANUAL, APLICADA MANUALMENTE EM PANOS CEGOS DE FACHADA (SEM PRESENÇA DE VÃOS), ESPESSURA DE 25 MM. AF_09/2022","M²",81.3,58.4,4747.92]
[null,"4.4.11"," 15.07.01 ","EMBASA","PINTURA A BASE DE CONSERVADO P, OU SIMILAR P/ CAIACAO, INCL. LIXAMENTO","M²",81.3,13.27,1078.8499999999999]
[null,"4.4.12"," 2497 ","ORSE","ESCAVAÇÃO MANUAL DE VALA OU CAVA EM MATERIAL DE 1ª CATEGORIA, PROFUNDIDADE ATÉ 1,50M","M³",4.4000000000000004,64.19,282.44]
[null,"4.4.13"," 74010/001 ","SINAPI","CARGA E DESCARGA MECANICA DE SOLO UTILIZANDO CAMINHAO BASCULANTE 6,0M3/16T E PA CARREGADEIRA SOBRE PNEUS 128 HP, CAPACIDADE DA CAÇAMBA 1,7 A 2,8 M3, PESO OPERACIONAL 11632 KG","M³",5.72,3.07,17.559999999999999]
[null,"4.4.14"," 93594 ","SINAPI","TRANSPORTE COM CAMINHÃO BASCULANTE DE 10 M³, EM VIA URBANA EM LEITO NATURAL (UNIDADE: TXKM). AF_07/2020","TXKM",97.24,2.44,237.27]
[null,"4.4.15"," 83344 ","SINAPI","ESPALHAMENTO DE MATERIAL EM BOTA FORA, COM UTILIZACAO DE TRATOR DE ESTEIRAS DE 165 HP","M³",5.72,1.62,9.27]
[null,"4.4.16"," 198 ","ORSE","MADEIRAMENTO EM MASSARANDUBA/MADEIRA DE LEI, ACABAMENTO APARELHADO, C/ RIPÃO 5 X 3 CM E RIPA 4 X 1,5CM, EXCLUSIVE PEÇAS PRINCIPAIS","M²",26.68,138.63,3698.65]
[null,"4.4.17"," 15.02.13 ","EMBASA","COBERTURA C/ TELHA CERAMICA TIPO  CANAL  C/ MADEIRAMENTO, INCL. ELEMENTOS P/ FIXACAO","M²",26.68,171.64,4579.3599999999997]
[null,"4.4.18"," 9290 ","ORSE","PORTÃO DE FERRO DE ABRIR, QUADRO EM TUBO DE AÇO GALV.1 1/2\", BARRA QUADRADA 1/2\" NA VERTICAL E BARRA CHATA DE 1 X 3/16\" NA HORIZONTAL, INCLUSIVE DOBRADIÇAS E E FERROLHO","M²",2.52,479.61,1208.6199999999999]
[null,"4.4.19"," 91329 ","SINAPI","KIT DE PORTA DE MADEIRA FRISADA, SEMI-OCA (LEVE OU MÉDIA), PADRÃO POPULAR, 60X210CM, ESPESSURA DE 3CM, ITENS INCLUSOS: DOBRADIÇAS, MONTAGEM E INSTALAÇÃO DO BATENTE, SEM FECHADURA - FORNECIMENTO E INSTALAÇÃO. AF_12/2019","UN",1,1067.21,1067.21]
[null,"4.4.20"," 73937/001 ","SINAPI","COBOGO DE CONCRETO (ELEMENTO VAZADO), 7X50X50CM, ASSENTADO COM ARGAMASSA TRACO 1:4 (CIMENTO E AREIA)","M²",2.16,192.18,415.11]
[null,"4.5","","","RESERVATÓRIO ELEVADO - RED 40M³","",null,null,{"$f":"SUM(I113:I127)","v":141343.94}]
[null,"4.5.1"," 94966 ","SINAPI","CONCRETO FCK = 30MPA, TRAÇO 1:2,1:2,5 (EM MASSA SECA DE CIMENTO/ AREIA MÉDIA/ BRITA 1) - PREPARO MECÂNICO COM BETONEIRA 400 L. AF_05/2021","M³",28.8,701.83,{"$f":"ROUND(G113*H113,2)","v":20212.7}]
[null,"4.5.2"," SIAA-44 ","PRÓPRIO","BASE PARA 2 RESERVATÓRIO 15 OU 20 M³ (FUSTE=12M)","UN",1,66059.42,66059.42]
[null,"4.5.3"," 5651 ","SINAPI","FORMA TABUA PARA CONCRETO EM FUNDACAO C/ REAPROVEITAMENTO 5X","M²",19.2,77.180000000000007,1481.86]
[null,"4.5.4"," 103684 ","SINAPI","CONCRETAGEM DE RESERVATÓRIOS, FCK=25 MPA, COM USO DE BOMBA - LANÇAMENTO, ADENSAMENTO E ACABAMENTO. AF_02/2022_PS","M³",28.8,880.64,25362.43]
[null,"4.5.5"," 11266 ","ORSE","ARMACAO ACO CA-50 DIAM.16,0 (5/8) À 25,0MM (1) - FORNECIMENTO/ CORTE(PERDA DE 10%) / DOBRA / COLOCAÇÃO. - REV 01","KG",1022.1,16.39,16752.22]
[null,"4.5.6"," 92921 ","SINAPI","ARMAÇÃO DE ESTRUTURAS DIVERSAS DE CONCRETO ARMADO, EXCETO VIGAS, PILARES, LAJES E FUNDAÇÕES, UTILIZANDO AÇO CA-50 DE 12,5 MM - MONTAGEM. AF_06/2022","KG",530.97,13.29,7056.59]
[null,"4.5.7"," 2497 ","ORSE","ESCAVAÇÃO MANUAL DE VALA OU CAVA EM MATERIAL DE 1ª CATEGORIA, PROFUNDIDADE ATÉ 1,50M","M³",3.06,64.19,196.42]
[null,"4.5.8"," 2503 ","ORSE","ESCAVAÇÃO COM RETRO-ESCAVADEIRA DE PNEUS, DE VALAS, EM MATERIAL DE 1ª CATEGORIA ATÉ 1,50M DE PROFUNDIDADE","M³",12.24,8.81,107.83]
[null,"4.5.9"," 2506 ","ORSE","ESCAVAÇÃO COM RETRO-ESCAVADEIRA DE PNEUS, DE VALAS, EM MATERIAL DE 2ª CATEGORIA ATÉ 1,50M DE PROFUNDIDADE","M³",10.71,11.9,127.45]
[null,"4.5.10"," 05.01.55 ","EMBASA","ESCAV. DE VALAS - AGUA - EM ROCHA BRANDA EXECUTADA ENTRE AS PROFUND. DE 0 A 2,00M, C/USO DE ROMPEDOR PNEUMATICO","M³",4.59,64.56,296.33]
[null,"4.5.11"," 74010/001 ","SINAPI","CARGA E DESCARGA MECANICA DE SOLO UTILIZANDO CAMINHAO BASCULANTE 6,0M3/16T E PA CARREGADEIRA SOBRE PNEUS 128 HP, CAPACIDADE DA CAÇAMBA 1,7 A 2,8 M3, PESO OPERACIONAL 11632 KG","M³",37.44,3.07,114.94]
[null,"4.5.12"," 06.01.01 ","EMBASA","CARGA E DESCARGA DE ROCHA","M³",4.59,6.08,27.91]
[null,"4.5.13"," 93594 ","SINAPI","TRANSPORTE COM CAMINHÃO BASCULANTE DE 10 M³, EM VIA URBANA EM LEITO NATURAL (UNIDADE: TXKM). AF_07/2020","TXKM",705.64,2.44,1721.76]
[null,"4.5.14"," 83344 ","SINAPI","ESPALHAMENTO DE MATERIAL EM BOTA FORA, COM UTILIZACAO DE TRATOR DE ESTEIRAS DE 165 HP","M³",42.03,1.62,68.09]
[null,"4.5.15"," SIAA-01 ","PRÓPRIO","MONTAGEM DE BARRILETE DE 2 A 6\" EM RESERVATÓRIO ELEVADO COM ALTURA ATÉ 25M","UN",1,1757.99,1757.99]
[null,"4.6","","","LEITOS DE SECAGEM","",null,null,{"$f":"SUM(I129:I143)","v":74551.37999999999}]
[null,"4.6.1"," 73859/001 ","SINAPI","DESMATAMENTO E LIMPEZA MECANIZADA DE TERRENO COM REMOCAO DE CAMADA VEGETAL, UTILIZANDO TRATOR DE ESTEIRAS","M²",63.72,0.24,{"$f":"ROUND(G129*H129,2)","v":15.29}]
[null,"4.6.2"," 73992/001 ","SINAPI","LOCACAO CONVENCIONAL DE OBRA, ATRAVÉS DE GABARITO DE TABUAS CORRIDAS PONTALETADAS A CADA 1,50M, SEM REAPROVEITAMENTO","M²",80.77,23.54,1901.33]
[null,"4.6.3"," 94974 ","SINAPI","CONCRETO MAGRO PARA LASTRO, TRAÇO 1:4,5:4,5 (EM MASSA SECA DE CIMENTO/ AREIA MÉDIA/ BRITA 1) - PREPARO MANUAL. AF_05/2021","M³",3.19,598.75,1910.01]
[null,"4.6.4"," 94966 ","SINAPI","CONCRETO FCK = 30MPA, TRAÇO 1:2,1:2,5 (EM MASSA SECA DE CIMENTO/ AREIA MÉDIA/ BRITA 1) - PREPARO MECÂNICO COM BETONEIRA 400 L. AF_05/2021","M³",23.06,701.83,16184.2]
[null,"4.6.5"," 5651 ","SINAPI","FORMA TABUA PARA CONCRETO EM FUNDACAO C/ REAPROVEITAMENTO 5X","M²",181.36,77.180000000000007,13997.36]
[null,"4.6.6"," 11266 ","ORSE","ARMACAO ACO CA-50 DIAM.16,0 (5/8) À 25,0MM (1) - FORNECIMENTO/ CORTE(PERDA DE 10%) / DOBRA / COLOCAÇÃO. - REV 01","KG",1089.04,16.39,17849.37]
[null,"4.6.7"," 73816/001 ","SINAPI","EXECUCAO DE DRENO COM TUBOS DE PVC CORRUGADO FLEXIVEL PERFURADO - DN 100","M",14.3,50,715]
[null,"4.6.8"," 10179 ","ORSE","LASTRO DE BRITA 0","M³",4.8,234.54,1125.79]
[null,"4.6.9"," 73902/001 ","SINAPI","CAMADA DRENANTE COM BRITA NUM 3","M³",4.8,212.37,1019.38]
[null,"4.6.10"," 83668 ","SINAPI","CAMADA DRENANTE COM BRITA NUM 2","M³",12,220.25,2643]
[null,"4.6.11"," 22.90.07 ","EMBASA","(REVISADA) - CAMADA DE TIJOLO COM JUNTA DE 2.0CM PARA LEITO DE SECAGEM","M²",48,86.62,4157.76]
[null,"4.6.12"," 2503 ","ORSE","ESCAVAÇÃO COM RETRO-ESCAVADEIRA DE PNEUS, DE VALAS, EM MATERIAL DE 1ª CATEGORIA ATÉ 1,50M DE PROFUNDIDADE","M³",114.7,8.81,1010.51]
[null,"4.6.13"," 74010/001 ","SINAPI","CARGA E DESCARGA MECANICA DE SOLO UTILIZANDO CAMINHAO BASCULANTE 6,0M3/16T E PA CARREGADEIRA SOBRE PNEUS 128 HP, CAPACIDADE DA CAÇAMBA 1,7 A 2,8 M3, PESO OPERACIONAL 11632 KG","M³",149.1,3.07,457.74]
[null,"4.6.14"," 93594 ","SINAPI","TRANSPORTE COM CAMINHÃO BASCULANTE DE 10 M³, EM VIA URBANA EM LEITO NATURAL (UNIDADE: TXKM). AF_07/2020","TXKM",2534.7800000000002,2.44,6184.86]
[null,"4.6.15"," 73963/008 ","SINAPI","POCO DE VISITA PARA REDE DE ESG. SANIT., EM ANEIS DE CONCRETO, DIÂMETRO = 60CM E 110CM, PROF = 160CM, EXCLUINDO TAMPAO FERRO FUNDIDO.","UN",2,2689.89,5379.78]
[null,"5.0","","","UNIDADE DO SISTEMA: ESTAÇÃO ELEVATÓRIA DE ÁGUA","",null,null,{"$f":"I145+I161","v":119253.71}]
[null,"5.1","","","ESTAÇÃO ELEVATÓRIA DE ÁGUA TRATADA - OBRAS CIVIS","",null,null,{"$f":"SUM(I146:I160)","v":77841.350000000006}]
[null,"5.1.1"," 73859/001 ","SINAPI","DESMATAMENTO E LIMPEZA MECANIZADA DE TERRENO COM REMOCAO DE CAMADA VEGETAL, UTILIZANDO TRATOR DE ESTEIRAS","M²",46.72,0.24,{"$f":"ROUND(G146*H146,2)","v":11.21}]
[null,"5.1.2"," 73992/001 ","SINAPI","LOCACAO CONVENCIONAL DE OBRA, ATRAVÉS DE GABARITO DE TABUAS CORRIDAS PONTALETADAS A CADA 1,50M, SEM REAPROVEITAMENTO","M²",61.42,23.54,1445.83]
[null,"5.1.3"," 94974 ","SINAPI","CONCRETO MAGRO PARA LASTRO, TRAÇO 1:4,5:4,5 (EM MASSA SECA DE CIMENTO/ AREIA MÉDIA/ BRITA 1) - PREPARO MANUAL. AF_05/2021","M³",2.34,598.75,1401.08]
[null,"5.1.4"," 94966 ","SINAPI","CONCRETO FCK = 30MPA, TRAÇO 1:2,1:2,5 (EM MASSA SECA DE CIMENTO/ AREIA MÉDIA/ BRITA 1) - PREPARO MECÂNICO COM BETONEIRA 400 L. AF_05/2021","M³",13.69,701.83,9608.0499999999993]
[null,"5.1.5"," 09.09.07 ","EMBASA","(REVISADA) FORMA PLANA EM COMP. RESINADO P/ ESTRUTURA E=12 ATE 3X","M²",115.79,145.22,16815.02]
[null,"5.1.6"," 92921 ","SINAPI","ARMAÇÃO DE ESTRUTURAS DIVERSAS DE CONCRETO ARMADO, EXCETO VIGAS, PILARES, LAJES E FUNDAÇÕES, UTILIZANDO AÇO CA-50 DE 12,5 MM - MONTAGEM. AF_06/2022","KG",1232.28,13.29,16377]
[null,"5.1.7"," 87482 ","SINAPI","ALVENARIA DE VEDAÇÃO DE BLOCOS CERÂMICOS FURADOS NA VERTICAL DE 19X19X39CM (ESPESSURA 19CM) DE PAREDES COM ÁREA LÍQUIDA MAIOR OU IGUAL A 6M² SEM VÃOS E ARGAMASSA DE ASSENTAMENTO COM PREPARO MANUAL. AF_06/2014","M²",56.62,110.22,6240.66]
[null,"5.1.8"," 89173 ","SINAPI","(COMPOSIÇÃO REPRESENTATIVA) DO SERVIÇO DE EMBOÇO/MASSA ÚNICA, APLICADO MANUALMENTE, TRAÇO 1:2:8, EM BETONEIRA DE 400L, PAREDES INTERNAS, COM EXECUÇÃO DE TALISCAS, EDIFICAÇÃO HABITACIONAL UNIFAMILIAR (CASAS) E EDIFICAÇÃO PÚBLICA PADRÃO. AF_12/2014","M²",60.61,55.57,3368.1]
[null,"5.1.9"," 87794 ","SINAPI","EMBOÇO OU MASSA ÚNICA EM ARGAMASSA TRAÇO 1:2:8, PREPARO MANUAL, APLICADA MANUALMENTE EM PANOS CEGOS DE FACHADA (SEM PRESENÇA DE VÃOS), ESPESSURA DE 25 MM. AF_09/2022","M²",64.27,58.4,3753.37]
[null,"5.1.10"," 15.07.01 ","EMBASA","PINTURA A BASE DE CONSERVADO P, OU SIMILAR P/ CAIACAO, INCL. LIXAMENTO","M²",128.54,13.27,1705.73]
[null,"5.1.11"," 2497 ","ORSE","ESCAVAÇÃO MANUAL DE VALA OU CAVA EM MATERIAL DE 1ª CATEGORIA, PROFUNDIDADE ATÉ 1,50M","M³",7.01,64.19,449.97]
[null,"5.1.12"," 198 ","ORSE","MADEIRAMENTO EM MASSARANDUBA/MADEIRA DE LEI, ACABAMENTO APARELHADO, C/ RIPÃO 5 X 3 CM E RIPA 4 X 1,5CM, EXCLUSIVE PEÇAS PRINCIPAIS","M²",46.72,138.63,6476.79]
[null,"5.1.13"," 15.02.13 ","EMBASA","COBERTURA C/ TELHA CERAMICA TIPO  CANAL  C/ MADEIRAMENTO, INCL. ELEMENTOS P/ FIXACAO","M²",46.72,171.64,8019.02]
[null,"5.1.14"," 9290 ","ORSE","PORTÃO DE FERRO DE ABRIR, QUADRO EM TUBO DE AÇO GALV.1 1/2\", BARRA QUADRADA 1/2\" NA VERTICAL E BARRA CHATA DE 1 X 3/16\" NA HORIZONTAL, INCLUSIVE DOBRADIÇAS E E FERROLHO","M²",2.52,479.61,1208.6199999999999]
[null,"5.1.15"," 73937/001 ","SINAPI","COBOGO DE CONCRETO (ELEMENTO VAZADO), 7X50X50CM, ASSENTADO COM ARGAMASSA TRACO 1:4 (CIMENTO E AREIA)","M²",5,192.18,960.9]
[null,"5.2","","","RESERVATÓRIO APOIADO - 20M³","",null,null,{"$f":"SUM(I162:I170)","v":41412.36}]
[null,"5.2.1"," 94974 ","SINAPI","CONCRETO MAGRO PARA LASTRO, TRAÇO 1:4,5:4,5 (EM MASSA SECA DE CIMENTO/ AREIA MÉDIA/ BRITA 1) - PREPARO MANUAL. AF_05/2021","M³",1,598.75,{"$f":"ROUND(G162*H162,2)","v":598.75}]
[null,"5.2.2"," 94966 ","SINAPI","CONCRETO FCK = 30MPA, TRAÇO 1:2,1:2,5 (EM MASSA SECA DE CIMENTO/ AREIA MÉDIA/ BRITA 1) - PREPARO MECÂNICO COM BETONEIRA 400 L. AF_05/2021","M³",9.1999999999999993,701.83,6456.84]
[null,"5.2.3"," 09.09.07 ","EMBASA","(REVISADA) FORMA PLANA EM COMP. RESINADO P/ ESTRUTURA E=12 ATE 3X","M²",135,145.22,19604.7]
[null,"5.2.4"," 103673 ","SINAPI","LANÇAMENTO COM USO DE BOMBA, ADENSAMENTO E ACABAMENTO DE CONCRETO EM ESTRUTURAS. AF_02/2022","M³",9.1999999999999993,54.48,501.22]
[null,"5.2.5"," 92921 ","SINAPI","ARMAÇÃO DE ESTRUTURAS DIVERSAS DE CONCRETO ARMADO, EXCETO VIGAS, PILARES, LAJES E FUNDAÇÕES, UTILIZANDO AÇO CA-50 DE 12,5 MM - MONTAGEM. AF_06/2022","KG",920,13.29,12226.8]
[null,"5.2.6"," 2497 ","ORSE","ESCAVAÇÃO MANUAL DE VALA OU CAVA EM MATERIAL DE 1ª CATEGORIA, PROFUNDIDADE ATÉ 1,50M","M³",2.1800000000000002,64.19,139.93]
[null,"5.2.7"," 74010/001 ","SINAPI","CARGA E DESCARGA MECANICA DE SOLO UTILIZANDO CAMINHAO BASCULANTE 6,0M3/16T E PA CARREGADEIRA SOBRE PNEUS 128 HP, CAPACIDADE DA CAÇAMBA 1,7 A 2,8 M3, PESO OPERACIONAL 11632 KG","M³",2.83,3.07,8.69]
[null,"5.2.8"," 93594 ","SINAPI","TRANSPORTE COM CAMINHÃO BASCULANTE DE 10 M³, EM VIA URBANA EM LEITO NATURAL (UNIDADE: TXKM). AF_07/2020","TXKM",48.13,2.44,117.44]
[null,"5.2.9"," SIAA-01 ","PRÓPRIO","MONTAGEM DE BARRILETE DE 2 A 6\" EM RESERVATÓRIO ELEVADO COM ALTURA ATÉ 25M","UN",1,1757.99,1757.99]
[null,"6.0","","","INSTALAÇÃO ELÉTRICA","",null,null,{"$f":"SUM(I172:I177)","v":201086.57}]
[null,"6.1"," 3918 ","ORSE","INSTALAÇÃO ELÉTRICA APARENTE/SIMPLIFICADA, P/ CASA DE 02 QUARTOS - PADRÃO SECPAST - REV - 01","UN",2,2216.04,{"$f":"ROUND(G172*H172,2)","v":4432.08}]
[null,"6.2"," 492 ","ORSE","QUADRO DISTRIBUIÇÃO EMBUTIR EM CHAPA DE AÇO, P/ATÉ 12 DISJUNTORES, TRIFASICO, C/BARRAMENTO, PADRÃO DIN (LINHA BRANCA), EXCLUSIVE DISJUNTORES","UN",2,670.89,1341.78]
[null,"6.3"," 000069 ","SBC","PROJETO INSTALACOES ELETRICAS ALTA TENSAO","M²",1000,28.1,28100]
[null,"6.4"," PERFIL4 ","PRÓPRIO","CCM PARA  MOTORES 25 CV SENDO 3 COM SOFT STARTER E 1 COM INVERSOR DE FREQUÊNCIA","UNID",1,74948.679999999993,74948.679999999993]
[null,"6.5"," 93666 ","SINAPI","DISJUNTOR BIPOLAR TIPO DIN, CORRENTE NOMINAL DE 50A - FORNECIMENTO E INSTALAÇÃO. AF_10/2020","UN",12,92,1104]
[null,"6.6",151714,"IOPES","SUBESTAÇÃO EXT. AÉREA TRIFÁS. 150KVA, COMPLETA, C/ QUADROS DE MEDIÇÃO, TRANSF. A ÓLEO, CHAVE GERAL TRIP., POSTE E ACESSÓRIOS, CONF. NOR-TEC-01 DA ESCELSA, INCL. MURETA REV. C/ ARG. CIMENTO, CAL HIDRAT. CH1 E AREIA TRAÇO 1:0.5:6","UN",1,91160.03,91160.03]
[null,"7.0","","","UNIDADE DO SISTEMA: ADUTORA DE ÁGUA TRATADA","",null,null,{"$f":"I179+I203+I205","v":8062485.3299999982}]
[null,"7.1","","","ADUTORA DE ÁGUA TRATADA","",null,null,{"$f":"SUM(I180:I202)","v":7741041.209999999}]
[null,"7.1.1"," 73679 ","SINAPI","LOCAÇÃO DE ADUTORAS, COLETORES TRONCO E INTERCEPTORES - ATÉ DN 500 MM","M",50685.24,1.99,{"$f":"ROUND(G180*H180,2)","v":100863.63}]
[null,"7.1.2"," 6098 ","ORSE","CADASTRO DE REDES DE ÁGUA / ADUTORAS","M",50685.24,1.77,89712.87]
[null,"7.1.3"," 2503 ","ORSE","ESCAVAÇÃO COM RETRO-ESCAVADEIRA DE PNEUS, DE VALAS, EM MATERIAL DE 1ª CATEGORIA ATÉ 1,50M DE PROFUNDIDADE","M³",10635.25,8.81,93696.55]
[null,"7.1.4"," 2506 ","ORSE","ESCAVAÇÃO COM RETRO-ESCAVADEIRA DE PNEUS, DE VALAS, EM MATERIAL DE 2ª CATEGORIA ATÉ 1,50M DE PROFUNDIDADE","M³",14180.34,11.9,168746.05]
[null,"7.1.5"," 05.01.64 ","EMBASA","ESCAV. DE VALAS - AGUA - EM ROCHA SA, EXECUTADA ENTRE AS PROFUND.DE 0 A 2,00 M,C/ USO DE EXPLOSIVO,INCL.PROTECAO","M³",3924.61,284.44,1116316.07]
[null,"7.1.6"," 05.01.55 ","EMBASA","ESCAV. DE VALAS - AGUA - EM ROCHA BRANDA EXECUTADA ENTRE AS PROFUND. DE 0 A 2,00M, C/USO DE ROMPEDOR PNEUMATICO","M³",8450.75,64.56,545580.42000000004]
[null,"7.1.7"," 74010/001 ","SINAPI","CARGA E DESCARGA MECANICA DE SOLO UTILIZANDO CAMINHAO BASCULANTE 6,0M3/16T E PA CARREGADEIRA SOBRE PNEUS 128 HP, CAPACIDADE DA CAÇAMBA 1,7 A 2,8 M3, PESO OPERACIONAL 11632 KG","M³",28360.67,3.07,87067.26]
[null,"7.1.8"," 06.01.01 ","EMBASA","CARGA E DESCARGA DE ROCHA","M³",12156.3,6.08,73910.3]
[null,"7.1.9"," 93594 ","SINAPI","TRANSPORTE COM CAMINHÃO BASCULANTE DE 10 M³, EM VIA URBANA EM LEITO NATURAL (UNIDADE: TXKM). AF_07/2020","TXKM",708956.91,2.44,1729854.86]
[null,"7.1.10"," 83344 ","SINAPI","ESPALHAMENTO DE MATERIAL EM BOTA FORA, COM UTILIZACAO DE TRATOR DE ESTEIRAS DE 165 HP","M³",19553.349999999999,1.62,31676.43]
[null,"7.1.11"," 94097 ","SINAPI","PREPARO DE FUNDO DE VALA COM LARGURA MENOR QUE 1,5 M, EM LOCAL COM NÍVEL BAIXO DE INTERFERÊNCIA. AF_06/2016","M²",30411.14,8.6300000000000008,262448.14]
[null,"7.1.12"," 05.99.91 ","EMBASA","(REVISADA) - EXEC. DE ENVOLTORIA OU BERCO DE AREIA EM VALAS, INCL. LANCAM., ESPALHAM. E COMPACT. C/PLACA VIBRATORIA, SOQUETE PNEUMATICO OU SOQUETE MANUAL , C/ FORNEC. DOMAT. - DMT=20KM (MRR/RMS)","M³",15767.27,177.8,2803420.61]
[null,"7.1.13"," 05.94.01 ","EMBASA","EXEC. DE ATERRO EM VALAS/POCOS/CAVAS DE FUNDACAO C/ SOLO PROVENIENTE DAS ESCAVACOES, INCL. LANCAM., ESPALHAM., COMPACT. C/ PLACA VIBRAT., SOQUETE PNEUMATICOOU SOQUETE MANUAL (MRR / MRS)","M³",10635.25,22.42,238442.31]
[null,"7.1.14"," 13.01.01 ","EMBASA","CARGA E DESCARGA DE TUBOS PVC RIG. / RPVC / PRFV / PEAD, DN ATE 350 MM","M",50685.24,0.19,9630.2000000000007]
[null,"7.1.15"," 13.04.01 ","EMBASA","MOMENTO DE TRANSPORTE P/TUBOS, PECAS E CONEXOES DE PVC RIG./RPVC / PRFV / PEAD C/DN ATE 350MM (DISTANCIA ATE 30KM)","MXK",1267131,0.02,25342.62]
[null,"7.1.16"," 12.03.07 ","EMBASA","ASSENT. DE TUBOS E CONEXOES EM PVC RIG.PBA,PB JE- AGUA - DN 75 MM","M",7041.86,3.9,27463.25]
[null,"7.1.17"," 12.03.10 ","EMBASA","ASSENT. DE TUBOS E CONEXOES EM PVC RIG. PBA, PB JE E RPVC PB JE- AGUA - DN 100MM","M",4265.9399999999996,4.0199999999999996,17149.080000000002]
[null,"7.1.18"," 12.03.16 ","EMBASA","ASSENT. DE TUBOS E CONEXOES EM PVC RIG. DEFºFº E RPVC PB JE- AGUA - DN 150 MM","M",699.2,4.7300000000000004,3307.22]
[null,"7.1.19"," 12.03.19 ","EMBASA","ASSENT. DE TUBOS E CONEXOES EM PVC RIG. DEFºFº E RPVC PB JE- AGUA - DN 200 MM","M",10284.24,5.09,52346.78]
[null,"7.1.20"," 12.03.22 ","EMBASA","ASSENT. DE TUBOS E CONEXOES EM PVC RIG. DEFºFº E RPVC PB JE- AGUA - DN 250 MM","M",13298,5.45,72474.100000000006]
[null,"7.1.21"," 12.03.25 ","EMBASA","ASSENT. DE TUBOS E CONEXOES EM PVC RIG. DEFºFº E RPVC PB JE- AGUA - DN 300 MM","M",14736,6.05,89152.8]
[null,"7.1.22"," 12.01.16 ","EMBASA","ASSENT. DE TUBOS, PECAS E CONEXOES EM FOFO DUCTIL E ACO CARBONO, PONTA E BOLSA, JUNTA ELASTICA / JTI - DN 300MM","M",360,17.68,6364.8]
[null,"7.1.23"," 05.05.10 ","EMBASA","(REVISADA) - EXEC. DE BERCO OU ENVELOPAMENTO C/ CONCRETO SIMPLES, INCL. FORNEC. DE MAT., PRODUCAO, TRANSP. MANUAL., LANC. VERT., ADENS., CURA E FORMA","M³",129.57,741.49,96074.86]
[null,"7.2","","","DESCARGAS","",null,null,{"$f":"I204","v":160722.06}]
[null,"7.2.1"," 10.02.01 ","EMBASA","CAIXA P/DESCARGA E/OU VENTOSA EM ALVEN.TIJOLO MACICO ,SECAO INTERNA 1,30X1,10M,H<=1,30M,P/LINHA PRINCIPAL.C/50MM<=DN<=300MM,S/FORNEC.MAT. HIDRAULICO (CRV TIPO I) DP1002-01/02","UN",58,2771.07,{"$f":"ROUND(G204*H204,2)","v":160722.06}]
[null,"7.3","","","VENTOSAS","",null,null,{"$f":"I206","v":160722.06}]
[null,"7.3.1"," 10.02.01 ","EMBASA","CAIXA P/DESCARGA E/OU VENTOSA EM ALVEN.TIJOLO MACICO ,SECAO INTERNA 1,30 X1,10M,H<=1,30M,P/LINHA PRINCIPAL C/50MM <=DN<= 300MM,S/FORNEC  .MAT. HIDRAULICO (CRV TIPO I) DP1002-01/02","UN",58,2771.07,{"$f":"ROUND(G206*H206,2)","v":160722.06}]
[null,"8.0","","","UNIDADE DO SISTEMA: REDE DE DISTRIBUIÇÃO","",null,null,{"$f":"I208+I228+I230+I251+I254","v":8514184.0099999998}]
[null,"8.1","","","LINHA DE ALIMENTAÇÃO","",null,null,{"$f":"SUM(I209:I227)","v":329129.03999999998}]
[null,"8.1.1"," 73610 ","SINAPI","LOCAÇÃO DE REDES DE ÁGUA OU DE ESGOTO","M",2533.36,1.25,{"$f":"ROUND(G209*H209,2)","v":3166.7}]
[null,"8.1.2"," 6098 ","ORSE","CADASTRO DE REDES DE ÁGUA / ADUTORAS","M",2533.3200000000002,1.77,4483.9799999999996]
[null,"8.1.3"," 2503 ","ORSE","ESCAVAÇÃO COM RETRO-ESCAVADEIRA DE PNEUS, DE VALAS, EM MATERIAL DE 1ª CATEGORIA ATÉ 1,50M DE PROFUNDIDADE","M³",782.17,8.81,6890.92]
[null,"8.1.4"," 2506 ","ORSE","ESCAVAÇÃO COM RETRO-ESCAVADEIRA DE PNEUS, DE VALAS, EM MATERIAL DE 2ª CATEGORIA ATÉ 1,50M DE PROFUNDIDADE","M³",547.53,11.9,6515.61]
[null,"8.1.5"," 05.01.64 ","EMBASA","ESCAV. DE VALAS - AGUA - EM ROCHA SA, EXECUTADA ENTRE AS PROFUND.DE 0 A 2,00 M,C/ USO DE EXPLOSIVO,INCL.PROTECAO","M³",234.65,284.44,66743.850000000006]
[null,"8.1.6"," 05.01.87 ","EMBASA","ESCAV. DE VALAS - AGUA - EM ROCHA SA, A FRIO, EXECUTADA ENTRE AS PROFUND. DE 0A 2,00 M, COM ARGAMASSA EXPANSIVA.","M³",23.45,347.68,8153.1]
[null,"8.1.7"," 05.01.55 ","EMBASA","ESCAV. DE VALAS - AGUA - EM ROCHA BRANDA EXECUTADA ENTRE AS PROFUND. DE 0 A 2,00M, C/USO DE ROMPEDOR PNEUMATICO","M³",11.74,64.56,757.93]
[null,"8.1.8"," 74010/001 ","SINAPI","CARGA E DESCARGA MECANICA DE SOLO UTILIZANDO CAMINHAO BASCULANTE 6,0M3/16T E PA CARREGADEIRA SOBRE PNEUS 128 HP, CAPACIDADE DA CAÇAMBA 1,7 A 2,8 M3, PESO OPERACIONAL 11632 KG","M³",711.78,3.07,2185.16]
[null,"8.1.9"," 06.01.01 ","EMBASA","CARGA E DESCARGA DE ROCHA","M³",404.76,6.08,2460.94]
[null,"8.1.10"," 93594 ","SINAPI","TRANSPORTE COM CAMINHÃO BASCULANTE DE 10 M³, EM VIA URBANA EM LEITO NATURAL (UNIDADE: TXKM). AF_07/2020","TXKM",19385.919999999998,2.44,47301.64]
[null,"8.1.11"," 83344 ","SINAPI","ESPALHAMENTO DE MATERIAL EM BOTA FORA, COM UTILIZACAO DE TRATOR DE ESTEIRAS DE 165 HP","M³",1116.56,1.62,1808.83]
[null,"8.1.12"," 94097 ","SINAPI","PREPARO DE FUNDO DE VALA COM LARGURA MENOR QUE 1,5 M, EM LOCAL COM NÍVEL BAIXO DE INTERFERÊNCIA. AF_06/2016","M²",1646.71,8.6300000000000008,14211.11]
[null,"8.1.13"," 05.99.91 ","EMBASA","(REVISADA) - EXEC. DE ENVOLTORIA OU BERCO DE AREIA EM VALAS, INCL. LANCAM., ESPALHAM. E COMPACT. C/PLACA VIBRATORIA, SOQUETE PNEUMATICO OU SOQUETE MANUAL , C/ FORNEC. DOMAT. - DMT=20KM (MRR/RMS)","M³",164.69,177.8,29281.88]
[null,"8.1.14"," 05.94.01 ","EMBASA","EXEC. DE ATERRO EM VALAS/POCOS/CAVAS DE FUNDACAO C/ SOLO PROVENIENTE DAS ESCAVACOES, INCL. LANCAM., ESPALHAM., COMPACT. C/ PLACA VIBRAT., SOQUETE PNEUMATICOOU SOQUETE MANUAL (MRR / MRS)","M³",782.17,22.42,17536.25]
[null,"8.1.15"," 05.04.07 ","EMBASA","(REVISADA) EXEC. DE ATERRO MANUAL EM VALAS/POCOS/CAVAS DE FUNDACAO, C/ FORNEC. DE ARGILA ARENOSA, INCL. LANCAM., ESPALHAM. E COMPACTACAO MECANIZADA COM COMPACTADOR TIPO PLACA VIBRATORIA OU A","M³",612.52,168.15,102995.24]
[null,"8.1.16"," 13.01.01 ","EMBASA","CARGA E DESCARGA DE TUBOS PVC RIG. / RPVC / PRFV / PEAD, DN ATE 350 MM","M",2724,0.19,517.55999999999995]
[null,"8.1.17"," 13.04.01 ","EMBASA","MOMENTO DE TRANSPORTE P/TUBOS, PECAS E CONEXOES DE PVC RIG./RPVC / PRFV / PEAD C/DN ATE 350MM (DISTANCIA ATE 30KM)","MXK",27240,0.02,544.79999999999995]
[null,"8.1.18"," 12.03.01 ","EMBASA","ASSENT. DE TUBOS E CONEXOES EM PVC RIG.PBA,PB JE- AGUA - DN 50 MM","M",2533.3200000000002,3.43,8689.2900000000009]
[null,"8.1.19"," 9537 ","SINAPI","LIMPEZA FINAL DA OBRA","M²",1013.33,4.82,4884.25]
[null,"8.2","","","CAIXA DE DERIVAÇÃO","",null,null,{"$f":"I229","v":44690.85}]
[null,"8.2.1"," 10.03.07 ","EMBASA","CAIXA DE PASSAGEM/RECEPCAO EM ALVEN. DE TIJOLO MACICO, TAMPA EM CONCRETO ARMADO, SECAO INTERNA 1,00 X 1,00M, H<=1,30 M (CP TIPO III / CR TIPO III) DP1003-01/02","UN",19,2352.15,{"$f":"ROUND(G229*H229,2)","v":44690.85}]
[null,"8.3","","","REDE DE DISTRIBUIÇÃO","",null,null,{"$f":"SUM(I231:I250)","v":6571737.96}]
[null,"8.3.1"," 73610 ","SINAPI","LOCAÇÃO DE REDES DE ÁGUA OU DE ESGOTO","M",50822.12,1.25,{"$f":"ROUND(G231*H231,2)","v":63527.65}]
[null,"8.3.2"," 6098 ","ORSE","CADASTRO DE REDES DE ÁGUA / ADUTORAS","M",51411.32,1.77,90998.04]
[null,"8.3.3"," 2503 ","ORSE","ESCAVAÇÃO COM RETRO-ESCAVADEIRA DE PNEUS, DE VALAS, EM MATERIAL DE 1ª CATEGORIA ATÉ 1,50M DE PROFUNDIDADE","M³",15979.9,8.81,140782.92000000001]
[null,"8.3.4"," 2506 ","ORSE","ESCAVAÇÃO COM RETRO-ESCAVADEIRA DE PNEUS, DE VALAS, EM MATERIAL DE 2ª CATEGORIA ATÉ 1,50M DE PROFUNDIDADE","M³",11185.97,11.9,133113.04]
[null,"8.3.5"," 05.01.64 ","EMBASA","ESCAV. DE VALAS - AGUA - EM ROCHA SA, EXECUTADA ENTRE AS PROFUND.DE 0 A 2,00 M,C/ USO DE EXPLOSIVO,INCL.PROTECAO","M³",4273.38,284.44,1215520.21]
[null,"8.3.7"," 05.01.55 ","EMBASA","ESCAV. DE VALAS - AGUA - EM ROCHA BRANDA EXECUTADA ENTRE AS PROFUND. DE 0 A 2,00M, C/USO DE ROMPEDOR PNEUMATICO","M³",1239.67,64.56,80033.100000000006]
[null,"8.3.8"," 74010/001 ","SINAPI","CARGA E DESCARGA MECANICA DE SOLO UTILIZANDO CAMINHAO BASCULANTE 6,0M3/16T E PA CARREGADEIRA SOBRE PNEUS 128 HP, CAPACIDADE DA CAÇAMBA 1,7 A 2,8 M3, PESO OPERACIONAL 11632 KG","M³",14541.76,3.07,44643.199999999997]
[null,"8.3.9"," 06.01.01 ","EMBASA","CARGA E DESCARGA DE ROCHA","M³",8269.6200000000008,6.08,50279.29]
[null,"8.3.10"," 93594 ","SINAPI","TRANSPORTE COM CAMINHÃO BASCULANTE DE 10 M³, EM VIA URBANA EM LEITO NATURAL (UNIDADE: TXKM). AF_07/2020","TXKM",396062.44,2.44,966392.35]
[null,"8.3.11"," 83344 ","SINAPI","ESPALHAMENTO DE MATERIAL EM BOTA FORA, COM UTILIZACAO DE TRATOR DE ESTEIRAS DE 165 HP","M³",148853.09,1.62,241142.01]
[null,"8.3.12"," 94097 ","SINAPI","PREPARO DE FUNDO DE VALA COM LARGURA MENOR QUE 1,5 M, EM LOCAL COM NÍVEL BAIXO DE INTERFERÊNCIA. AF_06/2016","M²",22811.37,8.6300000000000008,196862.12]
[null,"8.3.13"," 05.99.91 ","EMBASA","(REVISADA) - EXEC. DE ENVOLTORIA OU BERCO DE AREIA EM VALAS, INCL. LANCAM., ESPALHAM. E COMPACT. C/PLACA VIBRATORIA, SOQUETE PNEUMATICO OU SOQUETE MANUAL , C/ FORNEC. DOMAT. - DMT=20KM (MRR/RMS)","M³",3354.84,177.8,596490.55000000005]
[null,"8.3.14"," 05.94.01 ","EMBASA","EXEC. DE ATERRO EM VALAS/POCOS/CAVAS DE FUNDACAO C/ SOLO PROVENIENTE DAS ESCAVACOES, INCL. LANCAM., ESPALHAM., COMPACT. C/ PLACA VIBRAT., SOQUETE PNEUMATICOOU SOQUETE MANUAL (MRR / MRS)","M³",15979.9,22.42,358269.36]
[null,"8.3.15"," 05.04.07 ","EMBASA","(REVISADA) EXEC. DE ATERRO MANUAL EM VALAS/POCOS/CAVAS DE FUNDACAO, C/ FORNEC. DE ARGILA ARENOSA, INCL. LANCAM., ESPALHAM. E COMPACTACAO MECANIZADA COM COMPACTADOR TIPO PLACA VIBRATORIA OU A","M³",12508.61,168.15,2103322.77]
[null,"8.3.16"," 13.01.01 ","EMBASA","CARGA E DESCARGA DE TUBOS PVC RIG. / RPVC / PRFV / PEAD, DN ATE 350 MM","M",1809.6,0.19,343.82]
[null,"8.3.17"," 13.04.01 ","EMBASA","MOMENTO DE TRANSPORTE P/TUBOS, PECAS E CONEXOES DE PVC RIG./RPVC / PRFV / PEAD C/DN ATE 350MM (DISTANCIA ATE 30KM)","MXK",540744,0.02,10814.88]
[null,"8.3.18"," 12.03.01 ","EMBASA","ASSENT. DE TUBOS E CONEXOES EM PVC RIG.PBA,PB JE- AGUA - DN 50 MM","M",43585.22,3.43,149497.29999999999]
[null,"8.3.19"," 12.03.07 ","EMBASA","ASSENT. DE TUBOS E CONEXOES EM PVC RIG.PBA,PB JE- AGUA - DN 75 MM","M",7305,3.9,28489.5]
[null,"8.3.20"," 12.03.10 ","EMBASA","ASSENT. DE TUBOS E CONEXOES EM PVC RIG. PBA, PB JE E RPVC PB JE- AGUA - DN 100MM","M",521.1,4.0199999999999996,2094.8200000000002]
[null,"8.3.21"," 9537 ","SINAPI","LIMPEZA FINAL DA OBRA","M²",20564.53,4.82,99121.03]
[null,"8.4","","","LIGAÇÕES DOMICILIARES","",null,null,{"$f":"SUM(I252:I253)","v":371186.7}]
[null,"8.4.1"," 20.02.13 ","EMBASA","EXECUCAO RAMAL PREDIAL, TIPOS I-1B/2B/2E, EM TERRENO NATURAL,C/ASSENT.HIDROMETRO 1,5E3M3/H X 1/2\",ASSENT.E FORNEC.DE CX.CCH-I(EMBUT.PASSEIO), S/FORNEC.DO MAT.HIDRAULICO/HIDROMETRO. - 1A E 2A CAT","UN",1005,366.51,{"$f":"ROUND(G252*H252,2)","v":368342.55}]
[null,"8.4.2"," 04.01.13 ","EMBASA","CADASTRO DE LIGACOES DOMICILIARES (NOVAS) EM REDES DE AGUA/ESGOTO","UN",1005,2.83,{"$f":"ROUND(G253*H253,2)","v":2844.15}]
[null,"8.5","","","RESERVATÓRIO ELEVADO","",null,null,{"$f":"SUM(I255:I276)","v":1197439.46}]
[null,"8.5.1"," 94966 ","SINAPI","CONCRETO FCK = 30MPA, TRAÇO 1:2,1:2,5 (EM MASSA SECA DE CIMENTO/ AREIA MÉDIA/ BRITA 1) - PREPARO MECÂNICO COM BETONEIRA 400 L. AF_05/2021","M³",201.28,701.83,{"$f":"ROUND(G255*H255,2)","v":141264.34}]
[null,"8.5.2"," 5651 ","SINAPI","FORMA TABUA PARA CONCRETO EM FUNDACAO C/ REAPROVEITAMENTO 5X","M²",188.6,77.180000000000007,14556.15]
[null,"8.5.3"," 11266 ","ORSE","ARMACAO ACO CA-50 DIAM.16,0 (5/8) À 25,0MM (1) - FORNECIMENTO/ CORTE(PERDA DE 10%) / DOBRA / COLOCAÇÃO. - REV 01","KG",4214.22,16.39,69071.070000000007]
[null,"8.5.4"," 92921 ","SINAPI","ARMAÇÃO DE ESTRUTURAS DIVERSAS DE CONCRETO ARMADO, EXCETO VIGAS, PILARES, LAJES E FUNDAÇÕES, UTILIZANDO AÇO CA-50 DE 12,5 MM - MONTAGEM. AF_06/2022","KG",1825.36,13.29,24259.03]
[null,"8.5.5"," 2497 ","ORSE","ESCAVAÇÃO MANUAL DE VALA OU CAVA EM MATERIAL DE 1ª CATEGORIA, PROFUNDIDADE ATÉ 1,50M","M³",209.74,64.19,13463.21]
[null,"8.5.6"," 2499 ","ORSE","ESCAVAÇÃO MANUAL DE VALA OU CAVA EM MATERIAL DE 2ª CATEGORIA, PROFUNDIDADE ATÉ 1,50M","M³",146.84,106.99,15710.41]
[null,"8.5.7"," 4502 ","ORSE","ESCAVAÇÃO MANUAL DE VALA OU CAVA EM MATERIAL DE 3ª CATEGORIA, PROFUNDIDADE ATÉ 2,00 M, COM USO DE EXPLOSIVOS E PERFURAÇÃO MECÂNICA","M³",62.95,429.52,27038.28]
[null,"8.5.8"," 74010/001 ","SINAPI","CARGA E DESCARGA MECANICA DE SOLO UTILIZANDO CAMINHAO BASCULANTE 6,0M3/16T E PA CARREGADEIRA SOBRE PNEUS 128 HP, CAPACIDADE DA CAÇAMBA 1,7 A 2,8 M3, PESO OPERACIONAL 11632 KG","M³",463.53,3.07,1423.04]
[null,"8.5.9"," 06.01.01 ","EMBASA","CARGA E DESCARGA DE ROCHA","M³",94.39,6.08,573.89]
[null,"8.5.10"," 93594 ","SINAPI","TRANSPORTE COM CAMINHÃO BASCULANTE DE 10 M³, EM VIA URBANA EM LEITO NATURAL (UNIDADE: TXKM). AF_07/2020","TXKM",7879.85,2.44,19226.830000000002]
[null,"8.5.11"," 93594 ","SINAPI","TRANSPORTE COM CAMINHÃO BASCULANTE DE 10 M³, EM VIA URBANA EM LEITO NATURAL (UNIDADE: TXKM). AF_07/2020","TXKM",1698.9,2.44,4145.32]
[null,"8.5.12"," 83344 ","SINAPI","ESPALHAMENTO DE MATERIAL EM BOTA FORA, COM UTILIZACAO DE TRATOR DE ESTEIRAS DE 165 HP","M³",557.92999999999995,1.62,903.85]
[null,"8.5.13"," 74143/002 ","SINAPI","CERCA COM MOUROES DE CONCRETO, RETO, 15X15CM, ESPACAMENTO DE 3M, CRAVADOS 0,5M, ESCORAS DE 10X10CM NOS CANTOS, COM 9 FIOS DE ARAME DE ACO OVALADO 15X17","M",425.1,99.42,42263.44]
[null,"8.5.14"," 85188 ","SINAPI","PORTAO EM TUBO DE ACO GALVANIZADO DIN 2440/NBR 5580, PAINEL UNICO, DIMENSOES 1,0X1,6M, INCLUSIVE CADEADO","UN",39.9,1430.67,57083.73]
[null,"8.5.15"," SIAA-01 ","PRÓPRIO","MONTAGEM DE BARRILETE DE 2 A 6\" EM RESERVATÓRIO ELEVADO COM ALTURA ATÉ 25M","UN",18,1757.99,31643.82]
[null,"8.5.16"," SIAA-40 ","PRÓPRIO","ESTRUTURA EM CONCRETO ARMADO P/RESERVATÓRIOS ELEVADOS 5 OU 10 M³ (H=10M)","UN",8,21081.96,168655.68]
[null,"8.5.17"," SIAA-42 ","PRÓPRIO","ESTRUTURA EM CONCRETO ARMADO P/RESERVATÓRIO ELEVADO 15 OU 20 M³ (H=10M)","UN",4,26700.240000000002,106800.96000000001]
[null,"8.5.18"," SIAA-43 ","PRÓPRIO","ESTRUTURA EM CONCRETO ARMADO P/ RESERVATÓRIO ELEVADO 15 OU 20 M³ (H=12M)","UN",2,27765.95,55531.9]
[null,"8.5.19"," SIAA-44 ","PRÓPRIO","ESTRUTURA EM CONCRETO ARMADO P/2 RESERVATÓRIOS ELEVADOS 15 OU 20 M³ (H=12M)","UN",4,66059.42,264237.68]
[null,"8.5.20"," 6979 ","ORSE","ESCADA MARINHEIRO EM AÇO CA-50 D=16MM (5/8\"), EXCETO PINTURA - REV 01","M",144,79.56,11456.64]
[null,"8.5.21"," 15.08.13 ","EMBASA","(REVISADA) FORNEC. E INST. DE GUARDA-CORPO EM AÇO GALVANIZADO, H=1,20M, COM CORRIMAO TUBULAR CIRCULAR, RODAPE EM CHAPA DE AÇO GALVANIZADO H=20CM E VAOS COM TELA ELETROSOLDADA DE MALHA 2\"X2\"","M",174.2,685.54,119421.07]
[null,"8.5.22"," 100752 ","SINAPI","PINTURA COM TINTA EPOXÍDICA DE ACABAMENTO APLICADA A ROLO OU PINCEL SOBRE PERFIL METÁLICO EXECUTADO EM FÁBRICA (02 DEMÃOS). AF_01/2020","M²",144,60.48,8709.1200000000008]
[null,"9.0","","","SERVIÇOS COMPLEMENTARES","",null,null,{"$f":"I278+I279","v":67601.37}]
[null,"9.1"," 000056 ","SBC","PROJETO \"\"AS BUILT\"\" ARQUITETURA GERAL FORMATO A0","UN",1,4525.17,{"$f":"ROUND(G278*H278,2)","v":4525.17}]
[null,"9.2","42.01.01","EMBASA","PRE-OPERACAO, PARTIDA DE SISTEMAS DE AGUA DE PEQUENO PORTE (Q<=50L/S), INCLUINDO ELETRIFICACAO, OPERACAO DE EQUIPAMENTOS, VALVULAS E MANOBRAS","UN",4,15769.05,{"$f":"ROUND(G279*H279,2)","v":63076.2}]
[null,"TOTAL SERVIÇOS",{"$nulls":6},{"$f":"I277+I207+I178+I171+I144+I69+I44+I32+I7","v":21052320.439999998}]
[null,"M A T E R I A I S "]
[null,"10.0","","","MATERIAIS - CAIXA DE CAPTAÇÃO DE ÁGUA BRUTA","",null,null,{"$f":"SUM(I283:I287)","v":42801.460000000006}]
[null,"10.1","M011713013 ","EMBASA","EPFAV10 FOFO DN 200 46,000 KG","UN",1,1351.83,{"$f":"ROUND(G283*H283,2)","v":1351.83}]
[null,"10.2","M010801021 ","EMBASA","TCL FOFO DN  300 57,100 KG","M",0.35,1416.35,{"$f":"ROUND(G284*H284,2)","v":495.72}]
[null,"10.3"," M012901005 ","EMBASA","CQUAW  FOFO L X H DN  300 150,000 KG","UN",1,36956.589999999997,{"$f":"ROUND(G285*H285,2)","v":36956.589999999997}]
[null,"10.4"," M013304005 ","EMBASA","HQC D = 1 3/4' 12 KG/M","M",1,1842.23,{"$f":"ROUND(G286*H286,2)","v":1842.23}]
[null,"10.5"," M013310013 ","EMBASA","PMSI FOFO SIMILAR AO MOD. 12 DA BARBARA 73,000 KG","UN",1,2155.09,{"$f":"ROUND(G287*H287,2)","v":2155.09}]
[null,"11.0","","","MATERIAIS -  ADUTORA DE ÁGUA BRUTA","",null,null,{"$f":"I289+I297+I305","v":382486.75}]
[null,"11.1","","","ADUTORA DE ÁGUA BRUTA","",null,null,{"$f":"SUM(I290:I296)","v":54634.549999999996}]
[null,"11.1.1","M010901013 ","EMBASA","C90 JGS FOFO DN 200 35,200 KG","UN",1,961.67,{"$f":"ROUND(G290*H290,2)","v":961.67}]
[null,"11.1.2","M010902013 ","EMBASA","C45 JGS FOFO DN 200 27,300 KG","UN",5,680.92,3404.6]
[null,"11.1.3","M010903013 ","EMBASA","C22 JGS FOFO DN 200 29,200 KG","UN",2,638.66,1277.32]
[null,"11.1.4"," SIAA-56 ","PRÓPRIO","TUBO 200MM DEFOFO PN 60","M",480,83.3,39984]
[null,"11.1.5"," 5166 ","ORSE","ANEL DE BORRACHA P/ TUBO DE PVC DEFOFO, D=  200MM UN","UN",82,42.79,3508.78]
[null,"11.1.6","M011709025 ","EMBASA","RFF10 FOFO DN 200 X 150 22,000 KG","UN",2,678.19,1356.38]
[null,"11.1.7"," 00007745 ","SINAPI","TUBO DE CONCRETO ARMADO PARA AGUAS PLUVIAIS, CLASSE PA-1, COM ENCAIXE PONTA E BOLSA, DIAMETRO NOMINAL DE 400 MM","M",30,138.06,4141.8]
[null,"11.2","","","DESCARGAS","",null,null,{"$f":"SUM(I298:I304)","v":167233}]
[null,"11.2.1","M011301025 ","EMBASA","T JGSF10 FOFO DN 200 X 100 39,100 KG","UN",20,1292.97,{"$f":"ROUND(G298*H298,2)","v":25859.4}]
[null,"11.2.2","M012201041 ","EMBASA","RCFC10 FOFO DN 100 37,000 KG","UN",20,6474.39,129487.8]
[null,"11.2.3"," 00000047 ","SINAPI","ADAPTADOR, PVC PBA, BOLSA/ROSCA, JE, DN 100 / DE 110 MM","UN",20,73.099999999999994,1462]
[null,"11.2.4","M011304005 ","EMBASA","EFJGS10 FOFO DN 100 10,000 KG","UN",20,292.75,5855]
[null,"11.2.5"," 00011289 ","SINAPI","TAMPAO FOFO ARTICULADO P/ REGISTRO, CLASSE A15 CARGA MAX 1,5 T, *200 X 200* MM","UN",20,114.75,2295]
[null,"11.2.6","M011717009 ","EMBASA","ABF10 P/ DN  100 0,040 KG","UN",20,4.09,81.8]
[null,"11.2.7","M011716009 ","EMBASA","PPF10 P/ DN 100 (16 X 80 MM) 0,175 KG","UN",320,6.85,2192]
[null,"11.3","","","VENTOSAS","",null,null,{"$f":"SUM(I306:I311)","v":160619.20000000001}]
[null,"11.3.1","M011006013 ","EMBASA","LCR JM FOFO DN 200 40,000 KG","UN",20,947.61,{"$f":"ROUND(G306*H306,2)","v":18952.2}]
[null,"11.3.2"," M011301017 ","EMBASA","T JGSF10 FOFO DN 200 X 50 30,100 KG","UN",20,1344.19,26883.8]
[null,"11.3.3"," M012201033 ","EMBASA","RCFC10 FOFO DN 50 13,000 KG","UN",20,4143.63,82872.600000000006]
[null,"11.3.4"," M012504001 ","EMBASA","VTF16 AGUA C/ FLANGES FOFO DN 50 21,000 KG","UN",20,1538.88,30777.599999999999]
[null,"11.3.5"," M011717001 ","EMBASA","ABF10 P/ DN 50 0,020 KG","UN",20,1.85,37]
[null,"11.3.6"," M011716001 ","EMBASA","PPF10 P/ DN 50 (16 X 80 MM) 0,175 KG","UN",160,6.85,1096]
[null,"12.0","","","MATERIAIS -  ESTAÇÃO DE TRATAMENTO DE ÁGUA","",null,null,{"$f":"I313","v":40505.860000000008}]
[null,"12.1","","","RESERVATÓRIO ELEVADO - RED 40M³","",null,null,{"$f":"SUM(I314:I331)","v":40505.860000000008}]
[null,"12.1.1"," 00007693 ","SINAPI","TUBO ACO GALVANIZADO COM COSTURA, CLASSE MEDIA, DN 4\", E = 4,50* MM, PESO 12,10* KG/M (NBR 5580)","M",2,263.31,{"$f":"ROUND(G314*H314,2)","v":526.62}]
[null,"12.1.2"," D309701308 ","EMBASA","CAIXA D'AGUA 20.000L EM POLIETILENO","UN",2,8099.31,16198.62]
[null,"12.1.3"," 00003271 ","SINAPI","FLANGE SEXTAVADO DE FERRO GALVANIZADO, COM ROSCA BSP, DE 4\"","UN",2,266.67,533.34]
[null,"12.1.4"," 00021015 ","SINAPI","TUBO ACO GALVANIZADO COM COSTURA, CLASSE LEVE, DN 80 MM ( 3\"),  E = 3,35 MM, *7,32* KG/M (NBR 5580)","M",47,166.37,7819.39]
[null,"12.1.5"," 00001792 ","SINAPI","CURVA 90 GRAUS DE FERRO GALVANIZADO, COM ROSCA BSP FEMEA, DE 3\"","UN",11,418.67,4605.37]
[null,"12.1.6"," 00000043 ","SINAPI","ADAPTADOR, PVC PBA, PONTA/ROSCA, JE, DN 75 / DE  85 MM","UN",2,48.89,97.78]
[null,"12.1.7"," M020501013 ","EMBASA","AD PVC PBA BR JE DN 75","UN",1,38.97,38.97]
[null,"12.1.8"," 00006012 ","SINAPI","REGISTRO GAVETA BRUTO EM LATAO FORJADO, BITOLA 3 \" (REF 1509)","UN",9,380.47,3424.23]
[null,"12.1.9"," 00003268 ","SINAPI","FLANGE SEXTAVADO DE FERRO GALVANIZADO, COM ROSCA BSP, DE 3\"","UN",6,180.37,1082.22]
[null,"12.1.10"," 00004182 ","SINAPI","NIPLE DE FERRO GALVANIZADO, COM ROSCA BSP, DE 3\"","UN",1,118.35,118.35]
[null,"12.1.11"," 00000863 ","SINAPI","CABO DE COBRE NU 35 MM2 MEIO-DURO","M",17,38.07,647.19000000000005]
[null,"12.1.12"," 003030 ","SBC","ELETRODUTO ZINCADO ELETROLITICAMENTE (LEVE) NBR 13057 15MM 1/2\"","M",16,6.54,104.64]
[null,"12.1.13"," 00041412 ","SINAPI","CAPTOR FRANKLIN (4 PONTAS), EM LATAO CROMADO, H = 350 MM, DUAS DESCIDAS","UN",1,136.66,136.66]
[null,"12.1.14"," M109500011 ","EMBASA","FIXADOR UNIVERSAL DE SPDA P/ CABO 35MM2","UN",8,19.75,158]
[null,"12.1.16"," 00038052 ","SINAPI","TUBO DRENO, CORRUGADO, ESPIRALADO, FLEXIVEL, PERFURADO, EM POLIETILENO DE ALTA DENSIDADE (PEAD), DN 100 MM, (4\") PARA DRENAGEM - EM ROLO (NORMA DNIT 093/2006 - E.M)","M",14,13.7,191.8]
[null,"12.1.17"," 00009840 ","SINAPI","TUBO PVC, SERIE R, DN 150 MM, PARA ESGOTO OU AGUAS PLUVIAIS PREDIAL (NBR 5688)","M",4.2,64.59,271.27999999999997]
[null,"12.1.18"," 00038033 ","SINAPI","TUBO PVC CORRUGADO, PAREDE DUPLA, JE, DN 200 MM/ DE 200 MM, REDE COLETORA ESGOTO","M",3.5,109.05,381.68]
[null,"12.1.19"," SIAA-04 ","PRÓPRIO","STOP LOG EM FIBRA DE VIDRO DIMENSÕES: 0,70 X 0,60 X 0,05","UN",2,2084.86,4169.72]
[null,"13.0","","","MATERIAIS -  ESTAÇÃO ELEVATÓRIA DE ÁGUA TRATADA","",null,null,{"$f":"I333+I387","v":815824.25}]
[null,"13.1","","","ESTAÇÃO ELEVATÓRIA DE ÁGUA TRATADA","",null,null,{"$f":"SUM(I334:I385)","v":722367.78}]
[null,"13.1.1"," M012800009 ","EMBASA","VPCPD10 FOFO DN 150 30,000 KG","UN",1,1752.19,{"$f":"ROUND(G334*H334,2)","v":1752.19}]
[null,"13.1.2"," M011713009 ","EMBASA","EPFAV10 FOFO DN 150 32,000 KG","UN",1,1032.56,1032.56]
[null,"13.1.3"," M011707021 ","EMBASA","TFF10 FOFO DN 150 X 50 26,000 KG","UN",2,906.52,1813.04]
[null,"13.1.4"," M012501001 ","EMBASA","VSCF25 FOFO DN 50 5,800 KG","UN",2,533.6,1067.2]
[null,"13.1.5"," M011707033 ","EMBASA","TFF10 FOFO DN 150 X 150 32,000 KG","UN",2,839.21,1678.42]
[null,"13.1.6"," M011701013 ","EMBASA","TOF10 FOFO L = 0,25M DN  150 24,000 KG","UN",5,592.30999999999995,2961.55]
[null,"13.1.7"," M011703013 ","EMBASA","C90FF10 FOFO DN 150 18,000 KG","UN",6,649.28,3895.68]
[null,"13.1.8"," M011709013 ","EMBASA","RFF10 FOFO DN 150 X 80 15,850 KG","UN",2,597.07000000000005,1194.1400000000001]
[null,"13.1.9"," M012101005 ","EMBASA","JDTA10 DN 150 35,000 KG","UN",2,3134.38,6268.76]
[null,"13.1.10"," M012603013 ","EMBASA","VRPD25 FOFO DN 150 19,000 KG","UN",2,5964.27,11928.54]
[null,"13.1.11"," M011704013 ","EMBASA","C45FF10 FOFO DN 150 17,000 KG","UN",2,584.02,1168.04]
[null,"13.1.12"," M011701081 ","EMBASA","TOF10 FOFO L = 0,50M DN 150 32,000 KG","UN",1,765.56,765.56]
[null,"13.1.13"," M010501141 ","EMBASA","TFL10 FOFO DN  150 X 5,80 166,800 KG","UN",1,4854.3,4854.3]
[null,"13.1.14"," M010501109 ","EMBASA","TFL10 FOFO DN  150 X 2,00 68,000 KG","UN",1,2649.94,2649.94]
[null,"13.1.15"," M010501101 ","EMBASA","TFL10 FOFO DN  150 X 1,00 42,000 KG","UN",1,1952.46,1952.46]
[null,"13.1.16"," M012201045 ","EMBASA","RCFC10 FOFO DN 150 60,000 KG","UN",3,7643.36,22930.080000000002]
[null,"13.1.17"," M010501105 ","EMBASA","TFL10 FOFO DN  150 X 1,50 55,000 KG","UN",1,2172.1999999999998,2172.1999999999998]
[null,"13.1.18"," M010501105 ","EMBASA","TFL10 FOFO DN  150 X 1,50 55,000 KG","UN",1,2172.1999999999998,2172.1999999999998]
[null,"13.1.19"," M010701105 ","EMBASA","TFP10 FOFO DN  150 X 1,50 47,000 KG","UN",1,1834.48,1834.48]
[null,"13.1.20"," M010909009 ","EMBASA","L JGS FOFO DN 150 18,700 KG","UN",1,459.6,459.6]
[null,"13.1.21"," M011717001 ","EMBASA","ABF10 P/ DN 50 0,020 KG","UN",2,1.85,3.7]
[null,"13.1.22"," M011717001 ","EMBASA","ABF10 P/ DN 50 0,020 KG","UN",24,1.85,44.4]
[null,"13.1.23"," M011717005 ","EMBASA","ABF10 P/ DN 80 0,030 KG","UN",25,3.13,78.25]
[null,"13.1.24"," M011717013 ","EMBASA","ABF10 P/ DN  150 0,060 KG","UN",35,5.63,197.05]
[null,"13.1.25"," M011717013 ","EMBASA","ABF10 P/ DN  150 0,060 KG","UN",2,5.63,11.26]
[null,"13.1.26"," M011716001 ","EMBASA","PPF10 P/ DN 50 (16 X 80 MM) 0,175 KG","UN",296,6.85,2027.6]
[null,"13.1.27"," M011716013 ","EMBASA","PPF10 P/ DN 150 (20 X 90 MM) 0,338 KG","UN",280,12.5,3500]
[null,"13.1.28"," M012800001 ","EMBASA","VPCPD10 FOFO DN 75 12,000 KG","UN",1,1208.73,1208.73]
[null,"13.1.29"," M011713001 ","EMBASA","EPFAV10 FOFO DN 80 17,000 KG","UN",1,592.46,592.46]
[null,"13.1.30"," M010501045 ","EMBASA","TFL10 FOFO DN 80 X 5,80 88,620 KG","UN",1,3520.17,3520.17]
[null,"13.1.31"," M010501013 ","EMBASA","TFL10 FOFO DN 80 X 2,00 35,800 KG","UN",1,1895.06,1895.06]
[null,"13.1.32"," M011707001 ","EMBASA","TFF10 FOFO DN 80 X 50 19,000 KG","UN",2,473.19,946.38]
[null,"13.1.33"," M012201033 ","EMBASA","RCFC10 FOFO DN 50 13,000 KG","UN",6,4143.63,{"$f":"ROUND(G366*H366,2)","v":24861.78}]
[null,"13.1.34"," M012501001 ","EMBASA","VSCF25 FOFO DN 50 5,800 KG","UN",2,533.6,1067.2]
[null,"13.1.35"," M011707005 ","EMBASA","TFF10 FOFO DN 80 X 80 15,300 KG","UN",2,500.38,1000.76]
[null,"13.1.36"," M011709001 ","EMBASA","RFF10 FOFO DN 80 X 50 8,400 KG","UN",5,327.92,1639.6]
[null,"13.1.37"," M011701001 ","EMBASA","TOF10 FOFO L = 0,25M DN  50 7,500 KG","UN",6,322.79000000000002,1936.74]
[null,"13.1.38"," M011703001 ","EMBASA","C90FF10 FOFO DN 50 6,000 KG","UN",4,209.33,837.32]
[null,"13.1.39"," M011709001 ","EMBASA","RFF10 FOFO DN 80 X 50 8,400 KG","UN",2,327.92,655.84]
[null,"13.1.40"," M012001001 ","EMBASA","JGI DN 50 4,600 KG","UN",2,365.16,730.32]
[null,"13.1.41"," M012603001 ","EMBASA","VRPD25 FOFO DN 50 3,500 KG","UN",2,5113.63,10227.26]
[null,"13.1.42"," M011701005 ","EMBASA","TOF10 FOFO L = 0,25M DN  80 11,500 KG","UN",1,394.49,394.49]
[null,"13.1.43"," M012201037 ","EMBASA","RCFC10 FOFO DN 75 26,000 KG","UN",1,5179.4799999999996,5179.4799999999996]
[null,"13.1.44"," M011701073 ","EMBASA","TOF10 FOFO L = 0,50M DN 80 15,000 KG","UN",1,464.65,464.65]
[null,"13.1.45"," M010501013 ","EMBASA","TFL10 FOFO DN 80 X 2,00 35,800 KG","UN",2,1895.06,3790.12]
[null,"13.1.46"," M011703005 ","EMBASA","C90FF10 FOFO DN 80 9,500 KG","UN",4,317.42,1269.68]
[null,"13.1.47"," M010501009 ","EMBASA","TFL10 FOFO DN 80 X 1,50 28,850 KG","UN",1,1669.37,1669.37]
[null,"13.1.48"," 00000048 ","SINAPI","ADAPTADOR, PVC PBA, BOLSA/ROSCA, JE, DN 50 / DE 60 MM","UN",1,19.07,19.07]
[null,"13.1.49"," M011707021 ","EMBASA","TFF10 FOFO DN 150 X 50 26,000 KG","UN",2,906.52,1813.04]
[null,"13.1.50"," M011707001 ","EMBASA","TFF10 FOFO DN 80 X 50 19,000 KG","UN",2,473.19,946.38]
[null,"13.1.51"," 3786 ","ORSE","MANÔMETRO  0 A 10 KGF/CM2, D=100MM - CONEXÃO 1/2\" BSP UN","UN",2,210.14,420.28]
[null,"13.1.52",null,"COTAÇÃO","CONJUNTO MOTOBOMBA MULTIESTÁGIO COM VAZÃO DE 8,5 L/S, - AMT 108 MCA, COM VOLANTE DE INERCIA 200 KG/CM2, BASE, ACOPLAMENTO, EFICIENCIA DE 65%, POTENCIA INSTALADA DE 25 CV - II POLOS, COM 03 CHAVES SOFT STARTER E 01 INVERSOR  FREQUENCIA.","UN",4,143717.1,574868.4]
[]
[null,"13.2","","","BARRILETE","",null,null,{"$f":"SUM(I388:I417)","v":93456.469999999987}]
[null,"13.2.1"," 5709 ","ORSE","TÊ EM FOFO C/ BOLSAS, JE, D=  200 X  200MM UN","UN",1,1048.96,{"$f":"ROUND(G388*H388,2)","v":1048.96}]
[null,"13.2.2"," M010801013 ","EMBASA","TCL FOFO DN  200 34,800 KG","M",7,953.81,6676.67]
[null,"13.2.3"," M010901013 ","EMBASA","C90 JGS FOFO DN 200 35,200 KG","UN",1,961.67,961.67]
[null,"13.2.4"," M010702153 ","EMBASA","TFP16 FOFO DN  200 X 1,50 62,200 KG","UN",1,2297.36,2297.36]
[null,"13.2.5"," M011809021 ","EMBASA","RFF16 FOFO DN 200 X 100 30,500 KG","UN",1,484.67,484.67]
[null,"13.2.6"," M011803017 ","EMBASA","C90FF16 FOFO DN 200 28,000 KG","UN",1,1116.21,1116.21]
[null,"13.2.7"," M011807017 ","EMBASA","TFF16 FOFO DN 100 X 100 18,500 KG","UN",3,627.80999999999995,1883.43]
[null,"13.2.8"," M011801009 ","EMBASA","TOF16 FOFO L = 0,25M DN 100 14,000 KG","UN",4,516.33000000000004,2065.3200000000002]
[null,"13.2.9"," 12173 ","ORSE","TUBO EM FOFO, C/ FLANGES PN 10 / 16, D=  100MM, L=0,38M TUBO EM FOFO, C/ FLANGES PN 10 / 16, D=  100MM UN","M",2,1188.3,2376.6]
[null,"13.2.10"," M011803009 ","EMBASA","C90FF16 FOFO DN 100 11,000 KG","UN",6,430.27,2581.62]
[null,"13.2.11"," 11353 ","ORSE","REGISTRO CHATO COM FLANGE E VOLANTE DN 100 - FERRO FUNDIDO UN","UN",8,530.59,4244.72]
[null,"13.2.12"," M011810009 ","EMBASA","REFF16 FOFO DN 100 X 80 9,500 KG","UN",4,363.15,1452.6]
[null,"13.2.13"," M011809005 ","EMBASA","RFF16 FOFO DN 100 X 50 15,500 KG","UN",4,352.24,1408.96]
[null,"13.2.14"," J040001269 ","EMBASA","MANOMETRO INDICADOR DM DO MOSTRADOR 100 MM FAIXA 0 - 300 MCA","UN",4,786.42,3145.68]
[null,"13.2.15"," M012610005 ","EMBASA","VRFRW  FOFO PN 16 DN 100","UN",4,1740.85,6963.4]
[null,"13.2.16"," M012102001 ","EMBASA","JDTA16 DN 100 22,000 KG","UN",4,2329.37,9317.48]
[null,"13.2.17"," M011804009 ","EMBASA","C45FF16 FOFO DN 100 10,500 KG","UN",4,453.39,1813.56]
[null,"13.2.18"," M011809017 ","EMBASA","RFF16 FOFO DN 150 X 100 15,500 KG","UN",1,469.26,469.26]
[null,"13.2.19"," M011804013 ","EMBASA","C45FF16 FOFO DN 150 17,000 KG","UN",1,610.04,610.04]
[null,"13.2.20"," M011808017 ","EMBASA","YFF16 FOFO DN 150 X 100 33,000 KG","UN",4,1077.17,4308.68]
[null,"13.2.21"," M012504005 ","EMBASA","VTF16 AGUA C/ FLANGES FOFO DN 150 86,000 KG","UN",1,7157.15,7157.15]
[null,"13.2.22"," M013018013 ","EMBASA","VALVULA SUSTENT. FOFO C/ FLANGES PN 16 DN 150, C/ TOMADA DE PRESSÃO METÁLICA A JUSANTE E A MONTANTE","UN",1,6389.51,6389.51]
[null,"13.2.23"," SIAA-47 ","PRÓPRIO","HIDRÔMETRO TANGENCIAL IRRIGAÇÃO DN 150MM","UN",1,5192.68,5192.68]
[null,"13.2.24"," M011801013 ","EMBASA","TOF16 FOFO L = 0,25M DN 150 24,000 KG","UN",4,671.22,2684.88]
[null,"13.2.25"," M011803013 ","EMBASA","C90FF16 FOFO DN 150 18,000 KG","UN",1,733.38,733.38]
[null,"13.2.26"," M010702109 ","EMBASA","TFP16 FOFO DN  150 X 2,00 60,000 KG","UN",1,2189.83,2189.83]
[null,"13.2.27"," M010901009 ","EMBASA","C90 JGS FOFO DN 150 22,700 KG","UN",1,680.18,680.18]
[null,"13.2.28"," M010907033 ","EMBASA","R PB JGS FOFO DN 300 X 150 29,600 KG","UN",1,890.64,890.64]
[null,"13.2.29"," M010801021 ","EMBASA","TCL FOFO DN  300 57,100 KG","M",7,1416.35,9914.4500000000007]
[null,"13.2.30"," 5718 ","ORSE","TÊ EM FOFO C/ BOLSAS, JE, D=  300 X  300MM UN","UN",1,2396.88,2396.88]
[]
[null,"14.0",null,null,"MATERIAIS - INTALAÇÕES ELÉTRICAS",null,null,null,{"$f":"I420+I442","v":81439.03}]
[null,"14.1","","","INSTALAÇÃO ELÉTRICA (PADRÃO DE MEDIÇÃO)","",null,null,{"$f":"SUM(I421:I441)","v":49870.53}]
[null,"14.1.1"," SIAA-07 ","PRÓPRIO","CAIXA PADRÃO TRIFASICA DE POLICARBONATO TIPO GRUPO \"B\"","UN",2,327.8,{"$f":"ROUND(G421*H421,2)","v":655.6}]
[null,"14.1.2"," 3615 ","ORSE","DISJUNTOR TRIPOLAR 60 A, PADRÃO NEMA ( LINHA PRETA ), CORRENTE INTERRUPÇÃO 5KA, REF.: ELETROMAR OU SIMILAR UN","UN",2,96.16,192.32]
[null,"14.1.3"," 3813 ","ORSE","CABO DE COBRE ISOLADO HEPR (XLPE),  16MM²,  1KV / 90º C M","M",80,16.88,1350.4]
[null,"14.1.4"," 00002684 ","SINAPI","ELETRODUTO DE PVC RIGIDO ROSCAVEL DE 1 1/4 \", SEM LUVA","M",8,11.14,89.12]
[null,"14.1.5"," 3499 ","ORSE","CABEÇOTE DE ALUMÍNIO DE 1 1/4\" UN","UN",4,10.23,40.92]
[null,"14.1.6"," 00001902 ","SINAPI","LUVA EM PVC RIGIDO ROSCAVEL, DE 1 1/4\", PARA ELETRODUTO","UN",8,2.63,21.04]
[null,"14.1.7"," 00039211 ","SINAPI","ARRUELA EM ALUMINIO, COM ROSCA, DE  1 1/4\", PARA ELETRODUTO","UN",12,2.46,29.52]
[null,"14.1.8"," 00039177 ","SINAPI","BUCHA EM ALUMINIO, COM ROSCA, DE 1 1/4\", PARA ELETRODUTO","UN",12,2.82,33.840000000000003]
[null,"14.1.9"," 3490 ","ORSE","HASTE COBREADA COPPERWELD P/ ATERRAMENTO 254 MICR D= 5/8\" X 2,40 M UN","UN",2,34.229999999999997,68.459999999999994]
[null,"14.1.10"," SIAA-14 ","PRÓPRIO","CONECTOR ATR. BR 50/H","UN",2,8.98,17.96]
[null,"14.1.11"," 00002673 ","SINAPI","ELETRODUTO DE PVC RIGIDO ROSCAVEL DE 1/2 \", SEM LUVA","M",2,4.3,8.6]
[null,"14.1.12"," 00034643 ","SINAPI","CAIXA DE INSPECAO PARA ATERRAMENTO E PARA RAIOS, EM POLIPROPILENO,  DIAMETRO = 300 MM X ALTURA = 400 MM","UN",8,40.07,320.56]
[null,"14.1.13"," 00001870 ","SINAPI","CURVA 90 GRAUS, LONGA, DE PVC RIGIDO ROSCAVEL, DE 1/2\", PARA ELETRODUTO","UN",2,2.77,5.54]
[null,"14.1.14"," 00001901 ","SINAPI","LUVA EM PVC RIGIDO ROSCAVEL, DE 1/2\", PARA ELETRODUTO","UN",2,0.82,1.64]
[null,"14.1.15"," 00001874 ","SINAPI","CURVA 90 GRAUS, LONGA, DE PVC RIGIDO ROSCAVEL, DE 1 1/4\", PARA ELETRODUTO","UN",2,4.79,9.58]
[null,"14.1.16"," 3550 ","ORSE","FITA EM AÇO INOX 3/4\" M","M",19.989999999999998,6.01,120.14]
[null,"14.1.17"," 3156 ","ORSE","FECHO PARA FITA 3/4 E 1/2\", FUSIMEC OU SIMILAR UN","UN",10,1.44,14.4]
[null,"14.1.18"," 00039208 ","SINAPI","ARRUELA EM ALUMINIO, COM ROSCA, DE 1/2\", PARA ELETRODUTO","UN",4,0.75,3]
[null,"14.1.19"," 00039174 ","SINAPI","BUCHA EM ALUMINIO, COM ROSCA, DE 1/2\", PARA ELETRODUTO","UN",4,1.41,5.64]
[null,"14.1.20"," SIAA-09 ","PRÓPRIO","POSTE DE CONCRETO DT DE 08/200","UN",2,872.31,1744.62]
[null,"14.1.21"," SIAA-25 ","PRÓPRIO","TRANSFORMADOR 3F DE 30KVA 34,5KV-380/220V","UN",1,45137.63,45137.63]
[null,"14.2",null,null,"ILUMINAÇÃO ELEVATÓRIA E ETA",null,null,null,{"$f":"I443","v":31568.5}]
[null,"14.2.1",13065,"ORSE","FORNECIMENTO E INSTALAÇÃO DE LUMINÁRIA PÚBLICA DEC A LED LINHA PLANETÁRIA, CÓDIGO ELPFP-60, POTÊNCIA 60W, 9000 LÚMENS, IRC > 70%, 5000K/4000K, ALUMÍNIO INJETADO VIDRO TEMPERADO DE 4MMR, INCLUSIVE POSTE CÔNICO CONTÍNUO DE AÇO RETO, H=5,0M, COM BASE","UN",10,3156.85,{"$f":"ROUND(G443*H443,2)","v":31568.5}]
[]
[null,"15.0","","","MATERIAIS - ADUTORAS DE ÁGUA TRATADA","",null,null,{"$f":"I446+I467+I476+I489","v":8567135.2699999996}]
[null,"15.1","","","ADUTORA DE ÁGUA TRATADA","",null,null,{"$f":"SUM(I447:I465)","v":8139189.4999999991}]
[null,"15.1.1"," SIAA-59 ","PRÓPRIO","TUBO PVC JEI DEFOFO IRRIGA LF DN 300, PN 125","M",3666,314.33,{"$f":"ROUND(G447*H447,2)","v":1152333.78}]
[null,"15.1.2"," SIAA-58 ","PRÓPRIO","TUBO PVC JEI O-BIAX PN 18 DN 300","M",2774,341.19,946461.06]
[null,"15.1.3"," SIAA-57 ","PRÓPRIO","TUBO PVC JEI IRRIGA LF DEFOFO DN 300 PN 60","M",8296,194.62,1614567.52]
[null,"15.1.4"," SIAA-49 ","PRÓPRIO","TUBO PVC JEI DEFOFO, DN 250 MM, PN 60","M",460,228.7,105202]
[null,"15.1.5"," SIAA-60 ","PRÓPRIO","TUBO PVC JEIDEFOFO IRRIGA LF, DN 250 MM, PN 125","M",12838,214.2,2749899.6]
[null,"15.1.6"," SIAA-61 ","PRÓPRIO","TUBO DEFOFO IRRIGA LF DN 200 MM, PN 125","M",1836,148.13,271966.68]
[null,"15.1.7"," SIAA-53 ","PRÓPRIO","TUBO DEFOFO, DN 200 MM, PN 60","M",6030,128.81,776724.3]
[null,"15.1.8"," SIAA-44 ","PRÓPRIO","TUBO DEFOFO LINHA HIRRIGA LF DN 200 PN 80","M",2418.2399999999998,89.37,216118.11]
[null,"15.1.9"," SIAA-55 ","PRÓPRIO","TUBO DEFOFO DN 100 PN 80","M",2692,31.28,84205.759999999995]
[null,"15.1.10"," SIAA-62 ","PRÓPRIO","TUBO DEFOFO LINHA HIRRIGA LF DN 150 PN 60","M",699.2,19.84,13872.13]
[null,"15.1.11"," SIAA-51 ","PRÓPRIO","TUBO DEFOFO LINHA HIRRIGA LF DN 75 PN 80 COR AZUL","M",4963.51,18.73,92966.54]
[null,"15.1.12"," 00007745 ","SINAPI","TUBO DE CONCRETO ARMADO PARA AGUAS PLUVIAIS, CLASSE PA-1, COM ENCAIXE PONTA E BOLSA, DIAMETRO NOMINAL DE 400 MM","M",64,138.06,8835.84]
[null,"15.1.13"," M010101013 ","EMBASA","TK7 JGS PB FOFO DN  250 40,200 KG","M",60,683.36,41001.599999999999]
[null,"15.1.14"," M010901009 ","EMBASA","C90 JGS FOFO DN 150 22,700 KG","UN",3,680.18,2040.54]
[null,"15.1.15"," M010902009 ","EMBASA","C45 JGS FOFO DN 150 20,700 KG","UN",1,518.1,518.1]
[null,"15.1.16"," M010903009 ","EMBASA","C22 JGS FOFO DN 150 18,700 KG","UN",1,481.21,481.21]
[null,"15.1.17"," M010909005 ","EMBASA","L JGS FOFO DN 100 11,800 KG","UN",151,286.98,43333.98]
[null,"15.1.18"," 00000329 ","SINAPI","ANEL BORRACHA, PARA TUBO/CONEXAO PVC PBA, DN 75 MM, PARA REDE AGUA","UN",1215,8.91,10825.65]
[null,"15.1.19"," 00000328 ","SINAPI","ANEL BORRACHA, PARA TUBO/CONEXAO PVC PBA, DN 100 MM, PARA REDE AGUA","UN",735,10.66,7835.1]
[]
[null,"15.2","","","DESCARGAS (DN100)","",null,null,{"$f":"SUM(I468:I474)","v":15731.900000000001}]
[null,"15.2.1"," M011301007 ","EMBASA","T JGSF10 FOFO DN 100 X 100 18,800 KG","UN",2,737.83,{"$f":"ROUND(G468*H468,2)","v":1475.66}]
[null,"15.2.2"," M012201041 ","EMBASA","RCFC10 FOFO DN 100 37,000 KG","UN",2,6474.39,12948.78]
[null,"15.2.3"," 00011315 ","SINAPI","TAMPAO FOFO SIMPLES COM BASE, CLASSE A15 CARGA MAX 1,5 T, 300 X 300 MM (COM INSCRICAO EM RELEVO DO TIPO DE REDE)","UN",2,174.19,348.38]
[null,"15.2.4"," M011304005 ","EMBASA","EFJGS10 FOFO DN 100 10,000 KG","UN",2,292.75,585.5]
[null,"15.2.5"," 00000047 ","SINAPI","ADAPTADOR, PVC PBA, BOLSA/ROSCA, JE, DN 100 / DE 110 MM","UN",2,73.099999999999994,146.19999999999999]
[null,"15.2.6"," M011716009 ","EMBASA","PPF10 P/ DN 100 (16 X 80 MM) 0,175 KG","UN",32,6.85,219.2]
[null,"15.2.7"," M011717009 ","EMBASA","ABF10 P/ DN  100 0,040 KG","UN",2,4.09,8.18]
[]
[null,"15.3","","","ENTRONCAMENTOS","",null,null,{"$f":"SUM(I477:I487)","v":61128.77}]
[null,"15.3.1",null,"COTAÇÃO","COLAR DE TOMADA 75 X 1\" PBL","UN",11,171.51,{"$f":"ROUND(G477*H477,2)","v":1886.61}]
[null,"15.3.2",null,"COTAÇÃO","COLAR DE TOMADA 75 X 2\" PBL","UN",15,183.88,2758.2]
[null,"15.3.3",null,"COTAÇÃO","COLAR DE TOMADA 100 X 2\" DEFOFO","UN",3,200.47,601.41]
[null,"15.3.4",null,"COTAÇÃO","COLAR DE TOMADA 100 X 3\" DEFOFO","UN",2,335.39,670.78]
[null,"15.3.5",null,"COTAÇÃO","COLAR DE TOMADA 150 X 2\" DEFOFO","UN",5,247.38,1236.9000000000001]
[null,"15.3.6",null,"COTAÇÃO","COLAR DE TOMADA 200 X 2\" DEFOFO","UN",52,304.16000000000003,15816.32]
[null,"15.3.7",null,"COTAÇÃO","COLAR DE TOMADA 250 X 3\" DEFOFO","UN",5,591.9,2959.5]
[null,"15.3.8",null,"COTAÇÃO","COLAR DE TOMADA 250 X 2\" DEFOFO","UN",35,463.87,16235.45]
[null,"15.3.9",null,"COTAÇÃO","COLAR DE TOMADA 300 X 3\" DEFOFO","UN",2,666.14,1332.28]
[null,"15.3.10",null,"COTAÇÃO","COLAR DE TOMADA 300 X 2\" DEFOFO","UN",27,558.59,15081.93]
[null,"15.3.11",null,"COTAÇÃO","TE DEFOFO 200 X 100","UN",1,2549.39,2549.39]
[]
[null,"15.4",null,null,"VÁLVULAS E VENTOSAS",null,null,null,{"$f":"SUM(I490:I507)","v":351085.10000000003}]
[null,"15.4.1",null,"COTAÇÃO","COLAR DE TOMADA C/ REFORCO 75X1\" PN10","UN",15,34.46,{"$f":"ROUND(G490*H490,2)","v":516.9}]
[null,"15.4.2",null,"COTAÇÃO","COLAR DE TOMADA PRETO 75X1\"","UN",11,11.43,125.73]
[null,"15.4.3",null,"COTAÇÃO","VENTOSA PLÁSTICA TRIPLO EFEITO FLUTUADOR CÔNICO  COMB. 1\" PN16 BSP","UN",11,466.64,5133.04]
[null,"15.4.4",null,"COTAÇÃO","VENTOSA PLÁSTICA TRIPLO EFEITO FLUTUADOR CÔNICO  COMB. 2\" PN16 BSP","UN",137,586,80282]
[null,"15.4.6",85120,"SINAPI","MANOMETRO 0 A 200 PSI (0 A 14 KGF/CM2), D = 50MM - FORNECIMENTO E COLOCACAO - GLICERINA","UN",4,176.54,706.16]
[null,"15.4.7",null,"IOPES","MANOMETRO 63 MM ESCALA DUPLA 0 A 4 KGF/CM2 (LABOR) - (BARRILETE DE SUCÇÃO)","UN",1,147.71,147.71]
[null,"15.4.8",null,"COTAÇÃO","HIDROMETRO BERMAD MOD. TURBO-IR-M 2\" (50mm) SEM CABO PULSO, M3 ISO16, POLYESTER VERDE","UN",2,1942.24,{"$f":"G496*H496","v":3884.48}]
[null,"15.4.9",null,"COTAÇÃO","HIDROMETRO BERMAD MOD. TURBO-IR-M 3\" (80mm) SEM CABO PULSO, M3 ISO16, POLYESTER VERDE","UN",2,2097.5700000000002,4195.1400000000003]
[null,"15.4.10",null,"COTAÇÃO","VALVULA LIMITADORA DE VAZAO E REDUTORA DE PRESSAO,  C/ TOMADA DE PRESSÃO A JUSANTE E A MONTANTE, E REGISTRO SAGIV 2\" (50mm) MOD. 172-bKMUZ ROSCA (BSP) COM PLACA ORIFICIO E BERÇO","UN",3,2493.7399999999998,7481.2199999999993]
[null,"15.4.11",null,"COTAÇÃO","VALVULA REDUTORA DE PRESSÃO, C/ TOMADA DE PRESSÃO A JUSANTE E A MONTANTE, E REGISTRO SAGIV 3\" (80mm) MOD. 120-M (BSP)","UN",2,1206.98,2413.96]
[null,"15.4.12",null,"COTAÇÃO","VALVULA REDUTORA DE PRESSÃO, C/ TOMADA DE PRESSÃO A JUSANTE E A MONTANTE, E REGISTRO SAGIV 1.5\" (40mm) MOD. 420B (BSP)","UN",4,2110.89,8443.56]
[null,"15.4.13",null,"COTAÇÃO","VALVULA REDUTORA DE PRESSÃO, C/ TOMADA DE PRESSÃO A JUSANTE E A MONTANTE, E REGISTRO SAGIV 2\" (50mm) MOD. 420B (BSP)","UN",7,2175.15,15226.050000000001]
[null,"15.4.14",null,"COTAÇÃO","REGULADOR DE PRESSAO BERMAD PRV 1\" PLASTICO MOLA \"D\" PRETA","UN",3,531.53,1594.59]
[null,"15.4.15",null,"COTAÇÃO","REGULADOR DE PRESSAO BERMAD PRV 3/4\" PLASTICO MOLA BRANCA","UN",2,260.94,521.88]
[null,"15.4.16",null,"COTAÇÃO","VÁLVULA DISCO AUTOCENTRADA DN 125 MM X PN 10 BAR, ACIONADAS POR ATUADOR MANUAL (CONTROLE DE TRANSBORDAMENTO DA ETA)","UN",2,83268,166536]
[null,"15.4.17","I4293","SEINFRA","TUBO FoFo C/FLANGE E BOLSA JE DN 150 PN10 - L=5800","UN",2,2869.43,5738.86]
[null,"15.4.18",5387,"ORSE","CURVA 90º, EM FOFO, C/ FLANGES PN 10 / 16, D= 150MM","UN",4,702.98,2811.92]
[null,"15.4.19",null,"COTAÇÃO","VENTOSA COMBINADA/TRIPLICE FUNCAO, MOD. C70-CM, 2\" (DN 50), FLANGE ABNT 10/16, CORPO FERRO NODULAR EPOXI AZUL E TAMPA METALICA","UN",10,4532.59,45325.9]
[null,"16.0","","","MATERIAIS - REDE DE DISTRIBUIÇÃO","",null,null,{"$f":"I509+I524+I547+I557","v":1707324.1700000002}]
[null,"16.1","","","LINHA DE ALIMENTAÇÃO","",null,null,{"$f":"SUM(I510:I523)","v":118628.01}]
[null,"16.1.1"," 00036084 ","SINAPI","TUBO PVC PBA JEI, CLASSE 12, DN 50 MM, PARA REDE DE AGUA (NBR 5647)","M",2658,15.32,{"$f":"ROUND(G510*H510,2)","v":40720.559999999998}]
[null,"16.1.2"," 00000325 ","SINAPI","ANEL BORRACHA, PARA TUBO/CONEXAO PVC PBA, DN 50 MM, PARA REDE AGUA","UN",437,3.14,1372.18]
[null,"16.1.3"," 00000329 ","SINAPI","ANEL BORRACHA, PARA TUBO/CONEXAO PVC PBA, DN 75 MM, PARA REDE AGUA","UN",6,8.91,53.46]
[null,"16.1.5"," 00003825 ","SINAPI","LUVA DE CORRER, PVC PBA, JE, DN 50 / DE 60 MM, PARA REDE AGUA (NBR 10351)","UN",21,13.78,289.38]
[null,"16.1.6"," 00007048 ","SINAPI","TE, PVC PBA, BBB, 90 GRAUS, DN 50 / DE 60 MM, PARA REDE AGUA (NBR 10351)","UN",21,22.97,482.37]
[null,"16.1.7"," M012209013 ","EMBASA","RG BC P/ PVC / RPVC PN10  FOFO DN 50 9,000 KG","UN",21,450.35,9457.35]
[null,"16.1.8"," 00011289 ","SINAPI","TAMPAO FOFO ARTICULADO P/ REGISTRO, CLASSE A15 CARGA MAX 1,5T, 200X200MM","UN",21,114.75,2409.75]
[null,"16.1.9"," M020802005 ","EMBASA","LCR PVC DEFOFO JE DN 150","UN",14,97.23,1361.22]
[null,"16.1.10"," M012201045 ","EMBASA","RCFC10 FOFO DN 150 60,000 KG","UN",7,7643.36,53503.519999999997]
[null,"16.1.11"," M020802001 ","EMBASA","LCR PVC DEFOFO JE DN 100","UN",2,41.85,83.7]
[null,"16.1.12"," M012201041 ","EMBASA","RCFC10 FOFO DN 100 37,000 KG","UN",1,6474.39,6474.39]
[null,"16.1.13"," 00003827 ","SINAPI","LUVA DE CORRER, PVC PBA, JE, DN 75 / DE 85 MM, PARA REDE AGUA (NBR 10351)","UN",6,30.12,180.72]
[null,"16.1.14"," 00007088 ","SINAPI","TE, PVC PBA, BBB, 90 GRAUS, DN 75 / DE 85 MM, PARA REDE AGUA (NBR 10351)","UN",3,50.26,150.78]
[null,"16.1.15"," M012209017 ","EMBASA","RG BC P/ PVC / RPVC PN10  FOFO DN 75 18,000 KG","UN",3,696.21,2088.63]
[null,"16.2","","","REDE DE DISTRIBUIÇÃO","",null,null,{"$f":"SUM(I525:I546)","v":983659.83000000007}]
[null,"16.2.1"," 00003825 ","SINAPI","LUVA DE CORRER, PVC PBA, JE, DN 50 / DE 60 MM, PARA REDE AGUA (NBR 10351)","UN",900,13.78,{"$f":"ROUND(G525*H525,2)","v":12402}]
[null,"16.2.2"," 00000325 ","SINAPI","ANEL BORRACHA, PARA TUBO/CONEXAO PVC PBA, DN 50 MM, PARA REDE AGUA","UN",8273,3.14,25977.22]
[null,"16.2.3"," 00001845 ","SINAPI","CURVA PVC PBA, JE, PB, 90 GRAUS, DN 50 / DE 60 MM, PARA REDE AGUA (NBR 10351)","UN",45,34.18,1538.1]
[null,"16.2.4"," 00001831 ","SINAPI","CURVA PVC PBA, JE, PB, 45 GRAUS, DN 50 / DE 60 MM, PARA REDE AGUA (NBR 10351)","UN",9,27.28,245.52]
[null,"16.2.5"," 00007048 ","SINAPI","TE, PVC PBA, BBB, 90 GRAUS, DN 50 / DE 60 MM, PARA REDE AGUA (NBR 10351)","UN",111,22.97,2549.67]
[null,"16.2.6"," 00001206 ","SINAPI","CAP, PVC PBA, JE, DN 50 / DE 60 MM,  PARA REDE DE AGUA (NBR 10351)","UN",168,7.5,1260]
[null,"16.2.7"," 00036084 ","SINAPI","TUBO PVC PBA JEI, CLASSE 12, DN 50 MM, PARA REDE DE AGUA (NBR 5647)","M",48738,15.32,746666.16]
[null,"16.2.8"," 00036373 ","SINAPI","TUBO PVC PBA JEI, CLASSE 12, DN 75 MM, PARA REDE DE AGUA (NBR 5647)","M",4504.8,31.81,143297.69]
[null,"16.2.9"," 00000329 ","SINAPI","ANEL BORRACHA, PARA TUBO/CONEXAO PVC PBA, DN 75 MM, PARA REDE AGUA","UN",751,8.91,6691.41]
[null,"16.2.10"," M020516001 ","EMBASA","C22O30' PVC PBA PB JE DN 50","UN",8,37.03,296.24]
[null,"16.2.11"," 00011493 ","SINAPI","TE DE REDUCAO, PVC PBA, BBB, JE, DN 75 X 50 / DE 85 X 60 MM, PARA REDE AGUA (NBR 10351)","UN",24,41.24,989.76]
[null,"16.2.12"," 5557 ","ORSE","REDUÇÃO DE PVC JE, BB, D=   75 X   50MM UN","UN",16,94.15,1506.4]
[null,"16.2.13"," 00001824 ","SINAPI","CURVA PVC PBA, JE, PB, 90 GRAUS, DN 75 / DE 85 MM, PARA REDE AGUA (NBR 10351)","UN",2,80.72,161.44]
[null,"16.2.14"," 00001825 ","SINAPI","CURVA PVC PBA, JE, PB, 45 GRAUS, DN 75 / DE 85 MM, PARA REDE AGUA (NBR 10351)","UN",4,67.33,269.32]
[null,"16.2.15"," 00007088 ","SINAPI","TE, PVC PBA, BBB, 90 GRAUS, DN 75 / DE 85 MM, PARA REDE AGUA (NBR 10351)","UN",7,50.26,351.82]
[null,"16.2.16"," 00011378 ","SINAPI","TE DE REDUCAO, PVC PBA, BBB, JE, DN 100 X 50 / DE 110 X 60 MM, PARA REDE AGUA (NBR 10351)","UN",2,84.62,169.24]
[null,"16.2.17"," 00011379 ","SINAPI","TE DE REDUCAO, PVC PBA, BBB, JE, DN 100 X 75 / DE 110 X 85 MM, PARA REDE AGUA (NBR 10351)","UN",1,71.5,71.5]
[null,"16.2.18"," 00011323 ","SINAPI","REDUCAO PVC PBA, JE, PB, DN 100 X 75 / DE 110 X 85 MM, PARA REDE DE AGUA","UN",1,31.1,31.1]
[null,"16.2.19"," 00000328 ","SINAPI","ANEL BORRACHA, PARA TUBO/CONEXAO PVC PBA, DN 100 MM, PARA REDE AGUA","UN",122,10.66,1300.52]
[null,"16.2.20"," 00036374 ","SINAPI","TUBO PVC PBA JEI, CLASSE 12, DN 100 MM, PARA REDE DE AGUA (NBR 5647)","M",730,51.71,37748.300000000003]
[null,"16.2.21"," 00041892 ","SINAPI","TE, PVC PBA, BBB, 90 GRAUS, DN 100 / DE 110 MM, PARA REDE  AGUA (NBR 10351)","UN",1,106.49,106.49]
[null,"16.2.22"," 00001207 ","SINAPI","CAP, PVC PBA, JE, DN 100 / DE 110 MM,  PARA REDE DE AGUA (NBR 10351)","UN",1,29.93,29.93]
[null,"16.3","","","LIGAÇÕES DOMICILIARES","",null,null,{"$f":"SUM(I548:I556)","v":227116.66999999998}]
[null,"16.3.1"," M020703017 ","EMBASA","CT C/ TR. JR PVC LP DN 50 X 1/2","UN",1005,8.6199999999999992,{"$f":"ROUND(G548*H548,2)","v":8663.1}]
[null,"16.3.2"," M029000001 ","EMBASA","RG ACIONAMENTO RESTRITO DN 1/2\"","UN",1005,26.98,27114.9]
[null,"16.3.3","M080500010 ","EMBASA","ADAPTADOR EM PEAD DN 20MMX1/2\"","UN",1005,1.5,1507.5]
[null,"16.3.4"," 00037414 ","SINAPI","COTOVELO/JOELHO COM ADAPTADOR, 90 GRAUS, EM POLIPROPILENO, PN 16, PARA TUBOS PEAD, 20 MM X 3/4\" - LIGACAO PREDIAL DE AGUA","UN",2010,4.63,9306.2999999999993]
[null,"16.3.5"," 00003883 ","SINAPI","LUVA PVC, ROSCAVEL, 1/2\", AGUA FRIA PREDIAL","UN",1005,1.76,1768.8]
[null,"16.3.6","M020702009 ","EMBASA","EXTREMIDADE P/ HIDR. C/ B. DE LATAO PVC LP DN 1/2","UN",2010,8.91,17909.099999999999]
[null,"16.3.7"," 5485 ","ORSE","HIDRÔMETRO D= 1/2\", VAZÃO = 3,0M3/H UN","UN",1005,114.21,114781.05]
[null,"16.3.8","M080106001 ","EMBASA","T PEAD CL. 10,0 KGF/CM? DE 20","M",7008,2.0699999999999998,14506.56]
[null,"16.3.9"," M090400005 ","EMBASA","CX. COMPLETA P/ HIDROMETRO P/ EMBUTIR EM PAREDE OUMURETA, EM POLIPROPILENO, CONFORME PADRAO EMBASA","UN",1168,27.02,31559.360000000001]
[null,"16.4","","","RESERVATÓRIO ELEVADO","",null,null,{"$f":"SUM(I558:I593)","v":377919.66000000009}]
[null,"16.4.1","D309701308 ","EMBASA","CAIXA D'AGUA 20.000L EM POLIETILENO","UN",9,8099.31,{"$f":"ROUND(G558*H558,2)","v":72893.789999999994}]
[null,"16.4.2"," 6801 ","ORSE","CAIXA D'AGUA DE POLIETILENO ALTA DENSIDADE, 5.000 LITROS, FORTLEV OU SIMILAR UN","UN",7,4277.8900000000003,29945.23]
[null,"16.4.3","D309701307 ","EMBASA","CAIXA D'AGUA 10.000L EM POLIETILENO","UN",1,3467.61,3467.61]
[null,"16.4.4"," 000641 ","SBC","CAIXA D'AGUA EM POLIETILENO 15.000 LITROS COM TAMPA FORTLEV","UN",7,13313.29,93193.03]
[null,"16.4.5"," 00021015 ","SINAPI","TUBO ACO GALVANIZADO COM COSTURA, CLASSE LEVE, DN 80 MM ( 3\"),  E = 3,35 MM, *7,32* KG/M (NBR 5580)","M",173,166.37,28782.01]
[null,"16.4.6"," 00001799 ","SINAPI","CURVA 90 GRAUS DE FERRO GALVANIZADO, COM ROSCA BSP MACHO, DE 3\"","UN",8,503.22,4025.76]
[null,"16.4.7"," 00000043 ","SINAPI","ADAPTADOR, PVC PBA, PONTA/ROSCA, JE, DN 75 / DE  85 MM","UN",15,48.89,733.35]
[null,"16.4.8"," 00006012 ","SINAPI","REGISTRO GAVETA BRUTO EM LATAO FORJADO, BITOLA 3 \" (REF 1509)","UN",17,380.47,6467.99]
[null,"16.4.9"," 00003268 ","SINAPI","FLANGE SEXTAVADO DE FERRO GALVANIZADO, COM ROSCA BSP, DE 3\"","UN",22,180.37,3968.14]
[null,"16.4.10"," 00021013 ","SINAPI","TUBO ACO GALVANIZADO COM COSTURA, CLASSE LEVE, DN 50 MM ( 2\"),  E = 3,00 MM,  *4,40* KG/M (NBR 5580)","M",426,103.49,44086.74]
[null,"16.4.11"," 00001790 ","SINAPI","CURVA 90 GRAUS DE FERRO GALVANIZADO, COM ROSCA BSP FEMEA, DE 2\"","UN",48,178.72,8578.56]
[null,"16.4.12"," 00000052 ","SINAPI","ADAPTADOR, PVC PBA, PONTA/ROSCA, JE, DN 50 / DE  60 MM","UN",20,14.47,289.39999999999998]
[null,"16.4.13"," 00000048 ","SINAPI","ADAPTADOR, PVC PBA, BOLSA/ROSCA, JE, DN 50 / DE 60 MM","UN",14,19.07,266.98]
[null,"16.4.14"," 00006028 ","SINAPI","REGISTRO GAVETA BRUTO EM LATAO FORJADO, BITOLA 2 \" (REF 1509)","UN",34,151.53,5152.0200000000004]
[null,"16.4.15"," 00003266 ","SINAPI","FLANGE SEXTAVADO DE FERRO GALVANIZADO, COM ROSCA BSP, DE 2\"","UN",35,84.87,2970.45]
[null,"16.4.16"," 00004181 ","SINAPI","NIPLE DE FERRO GALVANIZADO, COM ROSCA BSP, DE 2\"","UN",14,47.53,665.42]
[null,"16.4.17"," 00000863 ","SINAPI","CABO DE COBRE NU 35 MM2 MEIO-DURO","M",290,38.07,11040.3]
[null,"16.4.18"," 003030 ","SBC","ELETRODUTO ZINCADO ELETROLITICAMENTE (LEVE) NBR 13057 15MM 1/2\"","M",241,6.54,1576.14]
[null,"16.4.19"," 00041412 ","SINAPI","CAPTOR FRANKLIN (4 PONTAS), EM LATAO CROMADO, H = 350 MM, DUAS DESCIDAS","UN",19,136.66,2596.54]
[null,"16.4.20","M109500011 ","EMBASA","FIXADOR UNIVERSAL DE SPDA P/ CABO 35MM2","UN",147,19.75,2903.25]
[null,"16.4.21"," 00007693 ","SINAPI","TUBO ACO GALVANIZADO COM COSTURA, CLASSE MEDIA, DN 4\", E = 4,50* MM, PESO 12,10* KG/M (NBR 5580)","M",83,263.31,21854.73]
[null,"16.4.22"," 00003271 ","SINAPI","FLANGE SEXTAVADO DE FERRO GALVANIZADO, COM ROSCA BSP, DE 4\"","UN",8,266.67,2133.36]
[null,"16.4.23"," 00001792 ","SINAPI","CURVA 90 GRAUS DE FERRO GALVANIZADO, COM ROSCA BSP FEMEA, DE 3\"","UN",11,418.67,4605.37]
[null,"16.4.24","M020501013 ","EMBASA","AD PVC PBA BR JE DN 75","UN",2,38.97,77.94]
[null,"16.4.25"," 00004182 ","SINAPI","NIPLE DE FERRO GALVANIZADO, COM ROSCA BSP, DE 3\"","UN",2,118.35,236.7]
[null,"16.4.26"," 00006298 ","SINAPI","TE DE FERRO GALVANIZADO, DE 2\"","UN",10,89.7,897]
[null,"16.4.27"," 00007695 ","SINAPI","TUBO ACO GALVANIZADO COM COSTURA, CLASSE MEDIA, DN 6\", E = 4,85* MM, PESO 19,68* KG/M (NBR 5580)","M",3,427.53,1282.5899999999999]
[null,"16.4.28"," 00003270 ","SINAPI","FLANGE SEXTAVADO DE FERRO GALVANIZADO, COM ROSCA BSP, DE 6\"","UN",3,448.02,1344.06]
[null,"16.4.29"," 003030 ","SBC","ELETRODUTO ZINCADO ELETROLITICAMENTE (LEVE) NBR 13057 15MM 1/2\"","M",30,6.54,196.2]
[null,"16.4.30"," 00001793 ","SINAPI","CURVA 90 GRAUS DE FERRO GALVANIZADO, COM ROSCA BSP FEMEA, DE 4\"","UN",9,846,7614]
[null,"16.4.31","M020501017 ","EMBASA","AD PVC PBA BR JE DN 100","UN",6,66.64,399.84]
[null,"16.4.32"," 00006027 ","SINAPI","REGISTRO GAVETA BRUTO EM LATAO FORJADO, BITOLA 4 \" (REF 1509)","UN",6,792.78,4756.68]
[null,"16.4.33"," 00004183 ","SINAPI","NIPLE DE FERRO GALVANIZADO, COM ROSCA BSP, DE 4\"","UN",3,190.54,571.62]
[null,"16.4.34"," 00007694 ","SINAPI","TUBO ACO GALVANIZADO COM COSTURA, CLASSE MEDIA, DN 3\", E = *4,05* MM, PESO *8,47* KG/M (NBR 5580)","M",31.29,191.19,5982.34]
[null,"16.4.35","M011710001 ","EMBASA","REFF10 FOFO DN 80 X 50 8,000 KG","UN",4,293.05,1172.2]
[null,"16.4.36"," SIAA-18 ","PRÓPRIO","GRAMPO DE LINHA VIVA","UN",12,99.36,1192.32]
[null,"TOTAL DE MATERIAIS",{"$nulls":6},{"$f":"I508+I445+I419+I332+I312+I288+I282","v":11637516.789999999}]
[null,"TOTAL GERAL",{"$nulls":6},{"$f":"I594+I280","v":32689837.229999997}]